{"text_format":"3","workbook":"xlsx","n_sheets":10,"sheets":["封-2 招标控制价封面","扉-2 招标控制价扉页","表-01 总说明","表-04 单位工程招标控制价汇总表","表-08 分部分项工程和单价措施项目清单与计价表","表-09 综合单价分析表","表-11 总价措施项目清单与计价表","表-12 其他项目清单与计价汇总表","表-12-1 暂列金额表","表-13 规费、税金项目清单与计价表"],"read":"whole","date_system":"1900"}

{"sheet":"封-2 招标控制价封面","index":0,"n_rows":10,"n_cols":7,"rows_kept":10,"merged":[[0,0,0,1],[0,2,0,5],[1,0,1,6],[2,0,2,6],[3,1,3,2],[3,3,3,4],[3,5,3,6],[4,1,4,2],[4,3,4,4],[4,5,4,6],[5,1,5,2],[5,3,5,4],[5,5,5,6],[6,1,6,2],[6,3,6,4],[6,5,6,6],[7,1,7,2],[7,3,7,4],[7,5,7,6],[8,1,8,2],[8,5,8,6],[9,0,9,1],[9,2,9,5]]}
[null,null,"建筑工程",{"$nulls":3},"工程"]
["招 标 控 制 价"]
[]
[null,"招  标  人：",null,"无所谓建筑有限公司"]
[{"$nulls":3},"(单位盖章)"]
[null,"造价咨询人："]
[{"$nulls":3},"(单位盖章)"]
[{"$nulls":3},"2025年 6  月  30 日"]
[]
[{"$nulls":6},"封-2"]

{"sheet":"扉-2 招标控制价扉页","index":1,"n_rows":13,"n_cols":7,"rows_kept":13,"merged":[[0,1,0,5],[1,0,1,6],[2,0,2,1],[2,3,2,6],[3,0,3,1],[3,3,3,6],[4,0,4,1],[4,5,4,6],[5,0,5,1],[5,2,5,3],[5,5,5,6],[6,0,6,1],[6,2,6,3],[6,5,6,6],[7,0,7,1],[7,2,7,3],[7,5,7,6],[8,0,8,1],[8,2,8,3],[8,5,8,6],[9,0,9,1],[9,2,9,3],[9,5,9,6],[10,0,10,1],[10,2,10,3],[10,5,10,6],[11,0,11,1],[11,2,11,3],[11,5,11,6],[12,1,12,5]]}
[null,"建筑工程",{"$nulls":4},"工程"]
["招 标 控 制 价"]
["招标控制价  ",null,"（小写）：","792,968.96"]
[null,null,"（大写）：","柒拾玖万贰仟玖佰陆拾捌元玖角陆分"]
[]
["招  标  人：",null,"无所谓建筑有限公司",null,"造价咨询人："]
[null,null,"（单位盖章）",null,null,"(单位资质专用章)"]
["法定代表人  \n\n或其授权人：",null,"驰骋",null,"法定代表人  \n\n  或其授权人："]
[null,null,"(签字或盖章)",null,null,"(签字或盖章)"]
["编  制  人：",null,"杨和玉",null,"复  核  人：","杨和玉"]
[null,null,"(造价人员签字盖专用章)",null,null,"(造价工程师签字盖专用章)"]
["编 制 时 间：  ",null,"2025.6.30",null,"复 核 时 间：  ","2025.6.30"]
[{"$nulls":6},"扉-2"]

{"sheet":"表-01 总说明","index":2,"n_rows":5,"n_cols":5,"rows_kept":5,"merged":[[0,0,0,4],[1,0,1,3],[2,0,3,4],[4,0,4,2]]}
["总  说  明"]
["工程名称：建筑工程",{"$nulls":3},"第 1 页 共 1 页"]
["一、工程概况： \n1、建设单位：广东创新科技职业学院\n2、工程名称：云南普洱\n3、工程范围：房屋建筑工程 \n4、建筑高度：室外地坪到檐口的高度9.650 m \n5、层数：三层     \n6、层高：首层3.6 m  二层三层：3.3m\n7、结构形式：框架-剪力墙结构\n8、基础形式：条形基础\n二、编制依据 \n1、云南普洱工程施工图纸； \n2、《广东省建筑与装饰工程综合定额2018》上、中、下册 ； \n3、《房屋建筑与装饰工程工程量计算规范2013》 \n三、市场动态价格： \n人工调整系数：1.07\n材料： 按东莞市信息价2023年4月，未尽事宜的均按定额价格计算。 \n四、取费费率标准 \n1、利润费率20% ；本工程位于东莞市区\n2、绿色施工安全防护措施费基本费率执行定额规定  \n3、其他项目费只考虑暂列金额，执行定额规定. \n4、本工程位于东莞市区，增值税销项税9%。 \n五、其他事项 \n1、清单及定额工程量计算过程，填写在“工程量计算表格”里。 "]
[]
[{"$nulls":4},"表-01"]

{"sheet":"表-04 单位工程招标控制价汇总表","index":3,"n_rows":38,"n_cols":6,"rows_kept":38,"merged":[[0,0,0,5],[1,0,1,2],[1,4,1,5],[2,2,2,4],[3,2,3,4],[4,2,4,4],[5,2,5,4],[6,2,6,4],[7,2,7,4],[8,2,8,4],[9,2,9,4],[10,2,10,4],[11,2,11,4],[12,2,12,4],[13,2,13,4],[14,2,14,4],[15,2,15,4],[16,2,16,4],[17,2,17,4],[18,2,18,4],[19,2,19,4],[20,2,20,4],[21,2,21,4],[22,2,22,4],[23,2,23,4],[24,2,24,4],[25,2,25,4],[26,2,26,4],[27,2,27,4],[28,2,28,4],[29,2,29,4],[30,2,30,4],[31,2,31,4],[32,2,32,4],[33,2,33,4],[34,2,34,4],[35,0,35,1],[35,2,35,4],[36,0,36,5],[37,0,37,2],[37,4,37,5]]}
["单位工程招标控制价汇总表"]
["工程名称：建筑工程",null,null,"标段：","第 1 页  共 1 页"]
["序号","汇总内容","金额:(元)",null,null,"其中：暂估价(元)"]
["1","分部分项合计","429593.44"]
["1.1","A.1土石方工程","2088.21"]
["1.2","A.4砌筑工程","63698.62"]
["1.3","A.5混凝土及钢筋混凝土工程","278644.61"]
["1.4","A.8门窗工程","61265.64"]
["1.5","A.9屋面及防水工程","13476.09"]
["1.6","A.11楼地面装饰工程","125.67"]
["1.7","A.15其他装饰工程","10294.60"]
["2","措施合计","97901.02"]
["2.1","绿色施工安全防护措施费","11934.80"]
["2.2","其他措施费","85966.22"]
["3","其他项目","200000.00",null,null,"－"]
["3.1","暂列金额","200000.00"]
["3.2","暂估价"]
["3.3","计日工"]
["3.4","总承包服务费"]
["3.5","预算包干费"]
["3.6","工程优质费"]
["3.7","概算幅度差"]
["3.8","索赔费用"]
["3.9","现场签证费用"]
["3.10","其他费用"]
["4","税前工程造价","727494.46"]
["5","增值税销项税额","65474.50",null,null,"－"]
["6","总造价","792968.96"]
["7","人工费","101748.16"]
[]
[]
[]
[]
[]
[]
["招标控制价合计=1+2+3+5",null,"792,968.96",null,null,"0.00"]
["注：本表适用于单位工程招标控制价或投标报价的汇总，如无单位工程划分，单项工程也使用本表汇总"]
[{"$nulls":4},"表—04"]

{"sheet":"表-08 分部分项工程和单价措施项目清单与计价表","index":4,"n_rows":173,"n_cols":11,"rows_kept":173,"merged":[[0,0,0,10],[1,0,1,3],[1,4,1,7],[1,8,1,10],[2,0,4,0],[2,1,4,1],[2,2,4,2],[2,3,4,4],[2,5,4,5],[2,6,4,6],[2,7,2,10],[3,7,4,8],[3,9,4,9],[5,3,5,4],[5,7,5,8],[6,3,6,4],[6,7,6,8],[7,3,7,4],[7,7,7,8],[8,3,8,4],[8,7,8,8],[9,3,9,4],[9,7,9,8],[10,3,10,4],[10,7,10,8],[11,3,11,4],[11,7,11,8],[12,3,12,4],[12,7,12,8],[13,3,13,4],[13,7,13,8],[14,3,14,4],[14,7,14,8],[15,3,15,4],[15,7,15,8],[16,3,16,4],[16,7,16,8],[17,3,17,4],[17,7,17,8],[18,0,18,8],[19,0,19,10],[20,0,20,3],[20,4,20,7],[20,8,20,10],[21,0,21,10],[22,0,22,3],[22,4,22,7],[22,8,22,10],[23,0,25,0],[23,1,25,1],[23,2,25,2],[23,3,25,4],[23,5,25,5],[23,6,25,6],[23,7,23,10],[24,7,25,8],[24,9,25,9],[26,3,26,4],[26,7,26,8],[27,3,27,4],[27,7,27,8],[28,3,28,4],[28,7,28,8],[29,3,29,4],[29,7,29,8],[30,3,30,4],[30,7,30,8],[31,3,31,4],[31,7,31,8],[32,3,32,4],[32,7,32,8],[33,3,33,4],[33,7,33,8],[34,3,34,4],[34,7,34,8],[35,3,35,4],[35,7,35,8],[36,3,36,4],[36,7,36,8],[37,3,37,4],[37,7,37,8],[38,3,38,4],[38,7,38,8],[39,3,39,4],[39,7,39,8],[40,3,40,4],[40,7,40,8],[41,0,41,8],[42,0,42,10],[43,0,43,3],[43,4,43,7],[43,8,43,10],[44,0,44,10],[45,0,45,3],[45,4,45,7],[45,8,45,10],[46,0,48,0],[46,1,48,1],[46,2,48,2],[46,3,48,4],[46,5,48,5],[46,6,48,6],[46,7,46,10],[47,7,48,8],[47,9,48,9],[49,3,49,4],[49,7,49,8],[50,3,50,4],[50,7,50,8],[51,3,51,4],[51,7,51,8],[52,3,52,4],[52,7,52,8],[53,3,53,4],[53,7,53,8],[54,3,54,4],[54,7,54,8],[55,3,55,4],[55,7,55,8],[56,3,56,4],[56,7,56,8],[57,3,57,4],[57,7,57,8],[58,3,58,4],[58,7,58,8],[59,3,59,4],[59,7,59,8],[60,3,60,4],[60,7,60,8],[61,3,61,4],[61,7,61,8],[62,3,62,4],[62,7,62,8],[63,3,63,4],[63,7,63,8],[64,3,64,4],[64,7,64,8],[65,3,65,4],[65,7,65,8],[66,3,66,4],[66,7,66,8],[67,0,67,8],[68,0,68,10],[69,0,69,3],[69,4,69,7],[69,8,69,10],[70,0,70,10],[71,0,71,3],[71,4,71,7],[71,8,71,10],[72,0,74,0],[72,1,74,1],[72,2,74,2],[72,3,74,4],[72,5,74,5],[72,6,74,6],[72,7,72,10],[73,7,74,8],[73,9,74,9],[75,3,75,4],[75,7,75,8],[76,3,76,4],[76,7,76,8],[77,3,77,4],[77,7,77,8],[78,3,78,4],[78,7,78,8],[79,3,79,4],[79,7,79,8],[80,3,80,4],[80,7,80,8],[81,3,81,4],[81,7,81,8],[82,3,82,4],[82,7,82,8],[83,3,83,4],[83,7,83,8],[84,3,84,4],[84,7,84,8],[85,3,85,4],[85,7,85,8],[86,3,86,4],[86,7,86,8],[87,0,87,8],[88,0,88,10],[89,0,89,3],[89,4,89,7],[89,8,89,10],[90,0,90,10],[91,0,91,3],[91,4,91,7],[91,8,91,10],[92,0,94,0],[92,1,94,1],[92,2,94,2],[92,3,94,4],[92,5,94,5],[92,6,94,6],[92,7,92,10],[93,7,94,8],[93,9,94,9],[95,3,95,4],[95,7,95,8],[96,3,96,4],[96,7,96,8],[97,3,97,4],[97,7,97,8],[98,3,98,4],[98,7,98,8],[99,3,99,4],[99,7,99,8],[100,3,100,4],[100,7,100,8],[101,3,101,4],[101,7,101,8],[102,3,102,4],[102,7,102,8],[103,3,103,4],[103,7,103,8],[104,3,104,4],[104,7,104,8],[105,3,105,4],[105,7,105,8],[106,3,106,4],[106,7,106,8],[107,3,107,4],[107,7,107,8],[108,3,108,4],[108,7,108,8],[109,3,109,4],[109,7,109,8],[110,3,110,4],[110,7,110,8],[111,3,111,4],[111,7,111,8],[112,3,112,4],[112,7,112,8],[113,0,113,8],[114,0,114,10],[115,0,115,3],[115,4,115,7],[115,8,115,10],[116,0,116,10],[117,0,117,3],[117,4,117,7],[117,8,117,10],[118,0,120,0],[118,1,120,1],[118,2,120,2],[118,3,120,4],[118,5,120,5],[118,6,120,6],[118,7,118,10],[119,7,120,8],[119,9,120,9],[121,3,121,4],[121,7,121,8],[122,3,122,4],[122,7,122,8],[123,3,123,4],[123,7,123,8],[124,3,124,4],[124,7,124,8],[125,3,125,4],[125,7,125,8],[126,3,126,4],[126,7,126,8],[127,3,127,4],[127,7,127,8],[128,3,128,4],[128,7,128,8],[129,3,129,4],[129,7,129,8],[130,3,130,4],[130,7,130,8],[131,3,131,4],[131,7,131,8],[132,3,132,4],[132,7,132,8],[133,3,133,4],[133,7,133,8],[134,3,134,4],[134,7,134,8],[135,3,135,4],[135,7,135,8],[136,3,136,4],[136,7,136,8],[137,3,137,4],[137,7,137,8],[138,3,138,4],[138,7,138,8],[139,3,139,4],[139,7,139,8],[140,0,140,8],[141,0,141,10],[142,0,142,3],[142,4,142,7],[142,8,142,10],[143,0,143,10],[144,0,144,3],[144,4,144,7],[144,8,144,10],[145,0,147,0],[145,1,147,1],[145,2,147,2],[145,3,147,4],[145,5,147,5],[145,6,147,6],[145,7,145,10],[146,7,147,8],[146,9,147,9],[148,3,148,4],[148,7,148,8],[149,3,149,4],[149,7,149,8],[150,3,150,4],[150,7,150,8],[151,3,151,4],[151,7,151,8],[152,3,152,4],[152,7,152,8],[153,3,153,4],[153,7,153,8],[154,3,154,4],[154,7,154,8],[155,3,155,4],[155,7,155,8],[156,3,156,4],[156,7,156,8],[157,3,157,4],[157,7,157,8],[158,3,158,4],[158,7,158,8],[159,3,159,4],[159,7,159,8],[160,3,160,4],[160,7,160,8],[161,3,161,4],[161,7,161,8],[162,3,162,4],[162,7,162,8],[163,3,163,4],[163,7,163,8],[164,3,164,4],[164,7,164,8],[165,3,165,4],[165,7,165,8],[166,3,166,4],[166,7,166,8],[167,3,167,4],[167,7,167,8],[168,3,168,4],[168,7,168,8],[169,0,169,8],[170,0,170,8],[171,0,171,10],[172,0,172,3],[172,4,172,7],[172,8,172,10]]}
["分部分项工程和单价措施项目清单与计价表"]
["工程名称：建筑工程",{"$nulls":3},"标段：",{"$nulls":3},"第 1 页  共 7 页"]
["序号","项目编码","项目名称","项目特征描述",null,"计量单位","工程量","金额（元）"]
[{"$nulls":7},"综合单价",null,"综合合价","其中"]
[{"$nulls":10},"暂估价"]
[null,"A.1","土石方工程",{"$nulls":6},2088.21]
[null,"A.1.1","土方工程",{"$nulls":6},2088.21]
[1,"010101004001","挖基坑土方","1.土壤类别：三类土\n2.挖土深度：2m内\n弃土运距：综合考虑",null,"m3",183.1766,11.4,null,2088.21]
[null,"A.4","砌筑工程",{"$nulls":6},63698.62]
[null,"A.4.1","砖砌体",{"$nulls":6},63698.62]
[2,"010401003001","实心砖墙","1.墙体类型:烧结实心砖\n2.墙体厚度:240（外墙）\n3.砂浆强度等级、配合比:C25，M10混合砂浆砌筑",null,"m3",7.3686,573.52,null,4226.04]
[3,"010401003002","实心砖墙","1.墙体类型:烧结实心砖\n2.墙体厚度:240（内墙）\n3.砂浆强度等级、配合比:C25，M10混合砂浆砌筑",null,"m3",8.3054,555.93,null,4617.22]
[4,"010401004001","多孔砖墙","1.墙体类型:多孔砖墙(内墙）\n2.砂浆强度等级、配合比:C25，M5混合砂浆砌筑\n3.墙体厚度:240",null,"m3",35.6428,665.77,null,23729.91]
[5,"010401004002","多孔砖墙","1.墙体类型:多孔砖墙(外墙）\n2.砂浆强度等级、配合比:C25，M5混合砂浆砌筑\n3.墙体厚度:240",null,"m3",30.7841,683.53,null,21041.86]
[6,"010401004003","多孔砖墙","1.墙体类型:多孔砖墙(内隔墙）\n2.砂浆强度等级、配合比:C25，M5混合砂浆砌筑\n3.墙体厚度:120",null,"m3",1.0586,665.79,null,704.81]
[7,"010401004004","多孔砖墙","1.墙体类型:多孔砖墙\n2.墙体厚度:240（外墙）\n3.砂浆强度等级、配合比:C25，M5混合砂浆砌筑",null,"m3",13.1552,683.52,null,8991.84]
[8,"010401004005","多孔砖墙","1.墙体厚度:120\n2.墙体类型:多孔砖墙(内隔墙）\n3.砂浆强度等级、配合比:C25，M5混合砂浆砌筑",null,"m3",0.5812,665.76,null,386.94]
[null,"A.5","混凝土及钢筋混凝土工程",{"$nulls":6},278644.61]
["本页小计",{"$nulls":8},65786.83]
["注：为计取规费等的使用，可在表中增设其中：“定额人工费”。"]
[{"$nulls":8},"表—08"]
["分部分项工程和单价措施项目清单与计价表"]
["工程名称：建筑工程",{"$nulls":3},"标段：",{"$nulls":3},"第 2 页  共 7 页"]
["序号","项目编码","项目名称","项目特征描述",null,"计量单位","工程量","金额（元）"]
[{"$nulls":7},"综合单价",null,"综合合价","其中"]
[{"$nulls":10},"暂估价"]
[null,"A.5.1","现浇混凝土基础",{"$nulls":6},37759.91]
[9,"010501001001","垫层","1.混凝土种类：现浇混凝土\n2.混凝土强度等级：C25\n3.构件类型：条形基础垫层",null,"m3",11.8314,971.23,null,11491.01]
[10,"010501002001","带形基础","1.混凝土种类：现浇混凝土\n2.混凝土强度等级：C25\n3.构件类型：条形基础",null,"m3",30.3613,865.21,null,26268.9]
[null,"A.5.2","现浇混凝土柱",{"$nulls":6},44745.65]
[11,"010502001003","矩形柱","1.混凝土种类：预拌\n2.混凝土强度等级：C25\n3.构件类型：矩形梯柱",null,"m3",11.0242,1111.82,null,12256.93]
[12,"010502001001","矩形柱","1.混凝土种类：预拌\n2.混凝土强度等级：C25\n3.构件类型：矩形柱",null,"m3",20.1519,1111.82,null,22405.29]
[13,"010502001002","矩形柱","1.混凝土种类：预拌\n2.混凝土强度等级：C25\n3.构件类型：矩形柱",null,"m3",8.7435,1111.82,null,9721.2]
[14,"020401002001","圆形柱(多边形柱)","1.混凝土种类：预拌\n2.混凝土强度等级：C25\n3.构件类型：圆柱",null,"m3",0.3258,1111.83,null,362.23]
[null,"A.5.3","现浇混凝土梁",{"$nulls":6},6249.37]
[15,"010503004001","圈梁","1.混凝土种类:预拌\n2.混凝土强度等级:C25",null,"m3",2.5,1079.39,null,2698.48]
[16,"010503005001","过梁","1.混凝土种类：预拌\n2.混凝土强度等级：C25\n3.构件类型：过梁",null,"m3",0.8549,1108.51,null,947.67]
[17,"010503005002","过梁","1.混凝土种类：预拌\n2.混凝土强度等级：C25\n3.构件类型：压顶梁",null,"m3",0.4544,1106.83,null,502.94]
[18,"010503005003","过梁","1.混凝土种类：预拌\n2.混凝土强度等级：C25\n3.构件类型：压顶梁",null,"m3",0.5708,1106.86,null,631.8]
[19,"010503005004","过梁","1.混凝土种类：预拌\n2.混凝土强度等级：C25\n3.构件类型：过梁",null,"m3",1.3267,1106.87,null,1468.48]
[null,"A.5.4","现浇混凝土墙",{"$nulls":6},21757.27]
["本页小计",{"$nulls":8},88754.93]
["注：为计取规费等的使用，可在表中增设其中：“定额人工费”。"]
[{"$nulls":8},"表—08"]
["分部分项工程和单价措施项目清单与计价表"]
["工程名称：建筑工程",{"$nulls":3},"标段：",{"$nulls":3},"第 3 页  共 7 页"]
["序号","项目编码","项目名称","项目特征描述",null,"计量单位","工程量","金额（元）"]
[{"$nulls":7},"综合单价",null,"综合合价","其中"]
[{"$nulls":10},"暂估价"]
[20,"010504001001","直形墙","1.混凝土种类：预拌\n2.混凝土强度等级：C25\n3.构件类型：直行墙",null,"m3",4.0868,1028.98,null,4205.24]
[21,"010504001002","直形墙","1.混凝土种类：预拌\n2.混凝土强度等级：C25\n3.构件类型：直行墙",null,"m3",17.0577,1028.98,null,17552.03]
[null,"A.5.5","现浇混凝土板",{"$nulls":6},49471.67]
[22,"010505001001","有梁板","1.混凝土种类：预拌\n2.混凝土强度等级：C25\n3.构件类型：有梁板",null,"m3",35.1908,1001.62,null,35247.81]
[23,"010505001002","有梁板","1.混凝土种类：预拌\n2.混凝土强度等级：C25\n3.构件类型：有梁板",null,"m3",13.4237,1001.62,null,13445.45]
[24,"010505007001","天沟(檐沟)、挑檐板","1.混凝土种类：预拌\n2.混凝土强度等级：C25",null,"m3",0.6453,1206.27,null,778.41]
[25,"010505008001","雨篷、悬挑板、阳台板","1.混凝土种类：预拌\n2.混凝土强度等级：C25",null,"m3"]
[null,"A.5.6","现浇混凝土楼梯",{"$nulls":6},24478.32]
[26,"010506001001","直形楼梯","1.混凝土种类：预拌\n2.混凝土强度等级：C25\n3.构件类型：直行双跑楼梯",null,"m3",15.12,1065.34,null,16107.94]
[27,"010506001002","直形楼梯","1.混凝土种类：预拌\n2.混凝土强度等级：C25\n3.构件类型：直行双跑楼梯",null,"m3",7.857,1065.34,null,8370.38]
[null,"A.5.7","钢筋工程",{"$nulls":6},94182.42]
[28,"010515001001","现浇构件钢筋","现浇构件圆钢 φ10内",null,"t",0.156,4862.83,null,758.6]
[29,"010515001002","现浇构件钢筋","现浇构件带肋钢筋 φ25以内二级钢",null,"t",2.044,4548.95,null,9298.05]
[30,"010515001007","现浇构件钢筋","现浇构件带肋钢筋 φ25以内三级钢",null,"t",3.716,4548.95,null,16903.9]
[31,"010515001003","现浇构件钢筋","现浇构件带肋钢筋 φ10以内",null,"t",4.414,4940.95,null,21809.35]
[32,"010515001006","现浇构件钢筋","1.钢筋种类、规格:Φ10以内 三级钢",null,"t",4.42,4940.95,null,21839]
[33,"010515001005","现浇构件钢筋","现浇构件箍筋 带肋钢筋(HRB400内) φ10以内",null,"t",3.762,6266.22,null,23573.52]
[null,"A.8","门窗工程",{"$nulls":6},61265.64]
["本页小计",{"$nulls":8},189889.68]
["注：为计取规费等的使用，可在表中增设其中：“定额人工费”。"]
[{"$nulls":8},"表—08"]
["分部分项工程和单价措施项目清单与计价表"]
["工程名称：建筑工程",{"$nulls":3},"标段：",{"$nulls":3},"第 4 页  共 7 页"]
["序号","项目编码","项目名称","项目特征描述",null,"计量单位","工程量","金额（元）"]
[{"$nulls":7},"综合单价",null,"综合合价","其中"]
[{"$nulls":10},"暂估价"]
[null,"A.8.1","木门",{"$nulls":6},16469.96]
[34,"010801001001","木质门","1.洞口尺寸：M0826\n2.镶嵌玻璃品种，厚度：断热铝合金中空玻璃",null,"m2",6.24,228.08,null,1423.22]
[35,"010801001002","木质门","1.洞口尺寸：M0926\n2.镶嵌玻璃品种，厚度：断热铝合金中空玻璃",null,"m2",23.4,228.08,null,5337.07]
[36,"010801001003","木质门","1.洞口尺寸：M1526\n2.镶嵌玻璃品种，厚度：断热铝合金中空玻璃\n3.类型：推拉门",null,"m2",3.9,397.28,null,1549.39]
[37,"010801001004","木质门","1.洞口尺寸：M2426\n2.镶嵌玻璃品种，厚度：断热铝合金中空玻璃\n3.类型：推拉门",null,"m2",6.24,397.28,null,2479.03]
[38,"010801001005","木质门","1.洞口尺寸：M2424\n2.镶嵌玻璃品种，厚度：断热铝合金中空玻璃",null,"m2",11.52,397.28,null,4576.67]
[39,"010801001006","木质门","1.洞口尺寸：M1827\n2.镶嵌玻璃品种，厚度：断热铝合金中空玻璃",null,"m2",4.86,227.28,null,1104.58]
[null,"A.8.7","金属窗",{"$nulls":6},44795.68]
[40,"010807001001","金属(塑钢、断桥)窗","1.洞口尺寸：C1218\n2.框，扇材质：塑钢推拉窗\n3.2.镶嵌玻璃品种，厚度：6+12A+6",null,"m2",40.89,472.08,null,19303.35]
[41,"010807001002","金属(塑钢、断桥)窗","1.洞口尺寸：C1818\n2.框，扇材质：塑钢推拉窗\n3.2.镶嵌玻璃品种，厚度：6+12A+6",null,"m2",19.44,472.08,null,9177.24]
[42,"010807001003","金属(塑钢、断桥)窗","1.洞口尺寸：C2418\n2.框，扇材质：塑钢推拉窗\n3.2.镶嵌玻璃品种，厚度：6+12A+6",null,"m2",21.6,472.08,null,10196.93]
[43,"010807001004","金属(塑钢、断桥)窗","1.洞口尺寸：C0918\n2.框，扇材质：塑钢推拉窗\n3.2.镶嵌玻璃品种，厚度：6+12A+6",null,"m2",3.24,472.08,null,1529.54]
["本页小计",{"$nulls":8},56677.02]
["注：为计取规费等的使用，可在表中增设其中：“定额人工费”。"]
[{"$nulls":8},"表—08"]
["分部分项工程和单价措施项目清单与计价表"]
["工程名称：建筑工程",{"$nulls":3},"标段：",{"$nulls":3},"第 5 页  共 7 页"]
["序号","项目编码","项目名称","项目特征描述",null,"计量单位","工程量","金额（元）"]
[{"$nulls":7},"综合单价",null,"综合合价","其中"]
[{"$nulls":10},"暂估价"]
[44,"010807001005","金属(塑钢、断桥)窗","1.洞口尺寸：C2718\n2.框，扇材质：塑钢推拉窗\n3.2.镶嵌玻璃品种，厚度：6+12A+6",null,"m2",9.72,472.08,null,4588.62]
[null,"A.9","屋面及防水工程",{"$nulls":6},13476.09]
[null,"A.9.1","瓦、型材及其他屋面",{"$nulls":6},13476.09]
[45,"010901001001","瓦屋面","1.瓦品种、规格：灰色彩瓦\n2.粘结层砂浆的配合比：1:2的水泥砂浆贴灰色彩瓦",null,"m2",148.3824,90.82,null,13476.09]
[null,"A.11","楼地面装饰工程",{"$nulls":6},125.67]
[null,"A.11.7","台阶装饰",{"$nulls":6},125.67]
[46,"011107002001","块料台阶面","1.踏步高、宽：宽300，高150\n2.混凝土种类：1.踏步高、宽\n2.混凝土种类：预拌\n3.混凝土强度等级：c25",null,"m2",2.6875,46.76,null,125.67]
[null,"A.15","其他装饰工程",{"$nulls":6},10294.6]
[null,"A.15.3","扶手、栏杆、栏板装饰",{"$nulls":6},10294.6]
[47,"011503008001","玻璃栏板","1.栏杆玻璃的种类、规格、颜色:半径60\n2.固定方式\n3.固定配件种类",null,"m",13.3067,773.64,null,10294.6]
[null,null,"措施项目",{"$nulls":6},85966.22]
[48,"粤011701008001","综合钢脚手架","1.搭设高度:3.3m",null,"m2",301.092,12.58,null,3787.74]
[49,"粤011701008002","综合钢脚手架","1.搭设高度:3.6m",null,"m2",161.6,13.58,null,2194.53]
[50,"011702001001","基础","构件类型：条形基础",null,"m2",31.049,53.32,null,1655.53]
[51,"011702001002","基础","构件类型：条形基础类型",null,"m2",14.72,53.32,null,784.87]
[52,"粤011701012001","活动脚手架",null,null,"m2",394.4994,2.31,null,911.29]
[53,"011703001001","垂直运输",null,null,"m2",394.4994]
[54,"011702002001","矩形柱","1.支模高度：3.3\n2.柱周长：1.42米",null,"m2",34.296,59.5,null,2040.61]
["本页小计",{"$nulls":8},39859.55]
["注：为计取规费等的使用，可在表中增设其中：“定额人工费”。"]
[{"$nulls":8},"表—08"]
["分部分项工程和单价措施项目清单与计价表"]
["工程名称：建筑工程",{"$nulls":3},"标段：",{"$nulls":3},"第 6 页  共 7 页"]
["序号","项目编码","项目名称","项目特征描述",null,"计量单位","工程量","金额（元）"]
[{"$nulls":7},"综合单价",null,"综合合价","其中"]
[{"$nulls":10},"暂估价"]
[55,"011702002002","矩形柱","1.支模高度：3.3\n2.柱周长：2.52米",null,"m2",23.898,65.42,null,1563.41]
[56,"011702002003","矩形柱","1.支模高度：3.3\n2.柱周长：1.5米",null,"m2",74.412,59.5,null,4427.51]
[57,"011702002004","矩形柱","1.支模高度：3.3\n2.柱周长：2.34米",null,"m2",22.428,65.42,null,1467.24]
[58,"011702002005","矩形柱","1.支模高度：3.3\n2.柱周长：9.60米",null,"m2",12.672,65.42,null,829]
[59,"011702002006","矩形柱","1.支模高度：3.3\n2.柱周长：2.56米",null,"m2",23.57,65.42,null,1541.95]
[60,"011702002007","矩形柱","1.支模高度：3.3\n2.柱周长：1.08米",null,"m2",5.532,59.5,null,329.15]
[61,"011702002008","矩形柱","1.支模高度：3.3\n2.柱周长：4.52米",null,"m2",16.128,65.42,null,1055.09]
[62,"011702002009","矩形柱","1.支模高度：3.6\n2.柱周长：1.42米",null,"m2",19.02,59.5,null,1131.69]
[63,"011702002010","矩形柱","1.支模高度：3.6\n2.柱周长：2.52米",null,"m2",22.948,65.42,null,1501.26]
[64,"011702002011","矩形柱","1.支模高度：3.6\n2.柱周长：2.68米",null,"m2"]
[65,"011702002012","矩形柱","1.支模高度：3.6\n2.柱周长：1.5米",null,"m2",20.772,59.5,null,1235.93]
[66,"011702002013","矩形柱","1.支模高度：3.6\n2.柱周长：4.52米",null,"m2",17.628,65.42,null,1153.22]
[67,"011702002014","矩形柱","1.支模高度：3.6\n2.柱周长：2.34米",null,"m2",12.228,65.42,null,799.96]
[68,"011702002015","矩形柱","1.支模高度：3.6\n2.柱周长：9.60米",null,"m2",6.912,65.42,null,452.18]
[69,"011702002016","矩形柱","1.支模高度：3.6\n2.柱周长：1.08米",null,"m2"]
[70,"011702002017","矩形柱","1.支模高度：1.5\n2.柱周长：1.5米",null,"m2",6.6211,59.5,null,393.96]
[71,"011702002018","矩形柱","1.支模高度：1.5\n2.柱周长：1.42米",null,"m2",6.0931,59.5,null,362.54]
[72,"011702002019","矩形柱","1.支模高度：1.5\n2.柱周长：2.34米",null,"m2",3.828,65.42,null,250.43]
[73,"011702002020","矩形柱","1.支模高度：1.5\n2.柱周长：4.52米",null,"m2",5.5,65.42,null,359.81]
["本页小计",{"$nulls":8},18854.33]
["注：为计取规费等的使用，可在表中增设其中：“定额人工费”。"]
[{"$nulls":8},"表—08"]
["分部分项工程和单价措施项目清单与计价表"]
["工程名称：建筑工程",{"$nulls":3},"标段：",{"$nulls":3},"第 7 页  共 7 页"]
["序号","项目编码","项目名称","项目特征描述",null,"计量单位","工程量","金额（元）"]
[{"$nulls":7},"综合单价",null,"综合合价","其中"]
[{"$nulls":10},"暂估价"]
[74,"011702002021","矩形柱","1.支模高度：1.5\n2.柱周长：1.08米",null,"m2"]
[75,"011702004003","异形柱","1.支模高度：3.6\n2.柱周长：188.4",null,"m2",5.4286,129.91,null,705.23]
[76,"011702006001","矩形梁","1.梁宽：240mm\n2.支模高度：1.8",null,"m2",20.8585,69.1,null,1441.32]
[77,"011702006002","矩形梁","1.梁宽：240mm\n2.支模高度：3.3",null,"m2",118.5558,69.1,null,8192.21]
[78,"011702006003","矩形梁","1.梁宽：120mm\n2.支模高度：3.3",null,"m2",1.1232,69.1,null,77.61]
[79,"011702006004","矩形梁","1.梁宽：240mm\n2.支模高度：3.9",null,"m2",63.6794,69.1,null,4400.25]
[80,"011702008001","圈梁","1.梁宽：240mm\n2.支模高度：1.5",null,"m2",24.36,54,null,1315.44]
[81,"011702010001","弧形、拱形梁","1.梁宽：240mm，拱梁\n2.支模高度：3.9",null,"m2",2.9178,109.1,null,318.33]
[82,"011702011001","直形墙","1.支模高度：3.3",null,"m2",36.44,46.76,null,1703.93]
[83,"011702011002","直形墙","1.支模高度：3.6",null,"m2",116.8028,46.76,null,5461.7]
[84,"011702011003","直形墙","1.支模高度：1.5",null,"m2",32.9251,46.76,null,1539.58]
[85,"011702014001","有梁板","1.构件类型：有梁板\n2.支撑高度：1.8",null,"m2",140.9036,65.84,null,9277.09]
[86,"011702014002","有梁板","1.构件类型：有梁板\n2.支撑高度：3.3",null,"m2",69.0696,65.84,null,4547.54]
[87,"011702014003","有梁板","1.构件类型：有梁板",null,"m2",185.0614,65.84,null,12184.44]
[88,"011702024001","楼梯","1.构件类型：直行双跑楼梯",null,"m2",22.977,199.01,null,4572.65]
[]
[]
[]
[]
[]
[]
["本页小计",{"$nulls":8},55737.32]
["合   计",{"$nulls":8},515559.66]
["注：为计取规费等的使用，可在表中增设其中：“定额人工费”。"]
[{"$nulls":8},"表—08"]

{"sheet":"表-09 综合单价分析表","index":5,"n_rows":1944,"n_cols":14,"rows_kept":1944,"merged":[[0,0,0,13],[1,0,1,7],[1,8,1,9],[1,10,1,13],[2,0,2,1],[2,2,2,3],[2,5,2,8],[2,9,2,10],[3,0,3,13],[4,4,4,8],[4,9,4,13],[5,7,5,8],[5,9,5,10],[6,7,6,8],[6,9,6,10],[7,7,7,8],[7,9,7,10],[8,0,8,1],[8,2,8,8],[8,9,8,10],[9,0,9,1],[9,2,9,8],[9,9,9,13],[10,0,10,8],[10,9,10,13],[11,1,11,5],[11,7,11,8],[11,9,11,10],[12,1,12,5],[12,7,12,8],[12,9,12,10],[13,1,13,5],[13,7,13,8],[13,9,13,10],[14,1,14,5],[14,7,14,8],[14,9,14,10],[15,1,15,5],[15,7,15,8],[15,9,15,10],[16,1,16,5],[16,7,16,8],[16,9,16,10],[17,1,17,5],[17,7,17,8],[17,9,17,10],[18,0,18,13],[19,0,19,7],[19,8,19,9],[19,10,19,13],[20,0,20,13],[21,0,21,7],[21,8,21,9],[21,10,21,13],[22,0,22,1],[22,2,22,3],[22,5,22,8],[22,9,22,10],[23,0,23,13],[24,4,24,8],[24,9,24,13],[25,7,25,8],[25,9,25,10],[26,7,26,8],[26,9,26,10],[27,7,27,8],[27,9,27,10],[28,0,28,1],[28,2,28,8],[28,9,28,10],[29,0,29,1],[29,2,29,8],[29,9,29,13],[30,0,30,8],[30,9,30,13],[31,1,31,5],[31,7,31,8],[31,9,31,10],[32,1,32,8],[32,9,32,10],[33,1,33,8],[33,9,33,10],[34,1,34,5],[34,7,34,8],[34,9,34,10],[35,1,35,5],[35,7,35,8],[35,9,35,10],[36,1,36,5],[36,7,36,8],[36,9,36,10],[37,1,37,5],[37,7,37,8],[37,9,37,10],[38,1,38,5],[38,7,38,8],[38,9,38,10],[39,1,39,5],[39,7,39,8],[39,9,39,10],[40,0,40,13],[41,0,41,7],[41,8,41,9],[41,10,41,13],[42,0,42,13],[43,0,43,7],[43,8,43,9],[43,10,43,13],[44,0,44,1],[44,2,44,3],[44,5,44,8],[44,9,44,10],[45,0,45,13],[46,4,46,8],[46,9,46,13],[47,7,47,8],[47,9,47,10],[48,7,48,8],[48,9,48,10],[49,7,49,8],[49,9,49,10],[50,0,50,1],[50,2,50,8],[50,9,50,10],[51,0,51,1],[51,2,51,8],[51,9,51,13],[52,0,52,8],[52,9,52,13],[53,1,53,5],[53,7,53,8],[53,9,53,10],[54,1,54,8],[54,9,54,10],[55,1,55,8],[55,9,55,10],[56,1,56,5],[56,7,56,8],[56,9,56,10],[57,1,57,5],[57,7,57,8],[57,9,57,10],[58,1,58,5],[58,7,58,8],[58,9,58,10],[59,1,59,5],[59,7,59,8],[59,9,59,10],[60,1,60,5],[60,7,60,8],[60,9,60,10],[61,1,61,5],[61,7,61,8],[61,9,61,10],[62,0,62,13],[63,0,63,7],[63,8,63,9],[63,10,63,13],[64,0,64,13],[65,0,65,7],[65,8,65,9],[65,10,65,13],[66,0,66,1],[66,2,66,3],[66,5,66,8],[66,9,66,10],[67,0,67,13],[68,4,68,8],[68,9,68,13],[69,7,69,8],[69,9,69,10],[70,7,70,8],[70,9,70,10],[71,7,71,8],[71,9,71,10],[72,0,72,1],[72,2,72,8],[72,9,72,10],[73,0,73,1],[73,2,73,8],[73,9,73,13],[74,0,74,8],[74,9,74,13],[75,1,75,5],[75,7,75,8],[75,9,75,10],[76,1,76,8],[76,9,76,10],[77,1,77,8],[77,9,77,10],[78,1,78,5],[78,7,78,8],[78,9,78,10],[79,1,79,5],[79,7,79,8],[79,9,79,10],[80,1,80,5],[80,7,80,8],[80,9,80,10],[81,1,81,5],[81,7,81,8],[81,9,81,10],[82,1,82,5],[82,7,82,8],[82,9,82,10],[83,0,83,13],[84,0,84,7],[84,8,84,9],[84,10,84,13],[85,0,85,13],[86,0,86,7],[86,8,86,9],[86,10,86,13],[87,0,87,1],[87,2,87,3],[87,5,87,8],[87,9,87,10],[88,0,88,13],[89,4,89,8],[89,9,89,13],[90,7,90,8],[90,9,90,10],[91,7,91,8],[91,9,91,10],[92,7,92,8],[92,9,92,10],[93,0,93,1],[93,2,93,8],[93,9,93,10],[94,0,94,1],[94,2,94,8],[94,9,94,13],[95,0,95,8],[95,9,95,13],[96,1,96,5],[96,7,96,8],[96,9,96,10],[97,1,97,8],[97,9,97,10],[98,1,98,8],[98,9,98,10],[99,1,99,5],[99,7,99,8],[99,9,99,10],[100,1,100,5],[100,7,100,8],[100,9,100,10],[101,1,101,5],[101,7,101,8],[101,9,101,10],[102,1,102,5],[102,7,102,8],[102,9,102,10],[103,1,103,5],[103,7,103,8],[103,9,103,10],[104,0,104,13],[105,0,105,7],[105,8,105,9],[105,10,105,13],[106,0,106,13],[107,0,107,7],[107,8,107,9],[107,10,107,13],[108,0,108,1],[108,2,108,3],[108,5,108,8],[108,9,108,10],[109,0,109,13],[110,4,110,8],[110,9,110,13],[111,7,111,8],[111,9,111,10],[112,7,112,8],[112,9,112,10],[113,7,113,8],[113,9,113,10],[114,0,114,1],[114,2,114,8],[114,9,114,10],[115,0,115,1],[115,2,115,8],[115,9,115,13],[116,0,116,8],[116,9,116,13],[117,1,117,5],[117,7,117,8],[117,9,117,10],[118,1,118,8],[118,9,118,10],[119,1,119,8],[119,9,119,10],[120,1,120,5],[120,7,120,8],[120,9,120,10],[121,1,121,5],[121,7,121,8],[121,9,121,10],[122,1,122,5],[122,7,122,8],[122,9,122,10],[123,1,123,5],[123,7,123,8],[123,9,123,10],[124,1,124,5],[124,7,124,8],[124,9,124,10],[125,0,125,13],[126,0,126,7],[126,8,126,9],[126,10,126,13],[127,0,127,13],[128,0,128,7],[128,8,128,9],[128,10,128,13],[129,0,129,1],[129,2,129,3],[129,5,129,8],[129,9,129,10],[130,0,130,13],[131,4,131,8],[131,9,131,13],[132,7,132,8],[132,9,132,10],[133,7,133,8],[133,9,133,10],[134,7,134,8],[134,9,134,10],[135,0,135,1],[135,2,135,8],[135,9,135,10],[136,0,136,1],[136,2,136,8],[136,9,136,13],[137,0,137,8],[137,9,137,13],[138,1,138,5],[138,7,138,8],[138,9,138,10],[139,1,139,8],[139,9,139,10],[140,1,140,8],[140,9,140,10],[141,1,141,5],[141,7,141,8],[141,9,141,10],[142,1,142,5],[142,7,142,8],[142,9,142,10],[143,1,143,5],[143,7,143,8],[143,9,143,10],[144,1,144,5],[144,7,144,8],[144,9,144,10],[145,1,145,5],[145,7,145,8],[145,9,145,10],[146,0,146,13],[147,0,147,7],[147,8,147,9],[147,10,147,13],[148,0,148,13],[149,0,149,7],[149,8,149,9],[149,10,149,13],[150,0,150,1],[150,2,150,3],[150,5,150,8],[150,9,150,10],[151,0,151,13],[152,4,152,8],[152,9,152,13],[153,7,153,8],[153,9,153,10],[154,7,154,8],[154,9,154,10],[155,7,155,8],[155,9,155,10],[156,0,156,1],[156,2,156,8],[156,9,156,10],[157,0,157,1],[157,2,157,8],[157,9,157,13],[158,0,158,8],[158,9,158,13],[159,1,159,5],[159,7,159,8],[159,9,159,10],[160,1,160,8],[160,9,160,10],[161,1,161,8],[161,9,161,10],[162,1,162,5],[162,7,162,8],[162,9,162,10],[163,1,163,5],[163,7,163,8],[163,9,163,10],[164,1,164,5],[164,7,164,8],[164,9,164,10],[165,1,165,5],[165,7,165,8],[165,9,165,10],[166,1,166,5],[166,7,166,8],[166,9,166,10],[167,0,167,13],[168,0,168,7],[168,8,168,9],[168,10,168,13],[169,0,169,13],[170,0,170,7],[170,8,170,9],[170,10,170,13],[171,0,171,1],[171,2,171,3],[171,5,171,8],[171,9,171,10],[172,0,172,13],[173,4,173,8],[173,9,173,13],[174,7,174,8],[174,9,174,10],[175,7,175,8],[175,9,175,10],[176,7,176,8],[176,9,176,10],[177,0,177,1],[177,2,177,8],[177,9,177,10],[178,0,178,1],[178,2,178,8],[178,9,178,13],[179,0,179,8],[179,9,179,13],[180,1,180,5],[180,7,180,8],[180,9,180,10],[181,1,181,8],[181,9,181,10],[182,1,182,8],[182,9,182,10],[183,1,183,5],[183,7,183,8],[183,9,183,10],[184,1,184,5],[184,7,184,8],[184,9,184,10],[185,1,185,5],[185,7,185,8],[185,9,185,10],[186,1,186,5],[186,7,186,8],[186,9,186,10],[187,1,187,5],[187,7,187,8],[187,9,187,10],[188,1,188,5],[188,7,188,8],[188,9,188,10],[189,1,189,5],[189,7,189,8],[189,9,189,10],[190,0,190,13],[191,0,191,7],[191,8,191,9],[191,10,191,13],[192,0,192,13],[193,0,193,7],[193,8,193,9],[193,10,193,13],[194,0,194,1],[194,2,194,3],[194,5,194,8],[194,9,194,10],[195,0,195,13],[196,4,196,8],[196,9,196,13],[197,7,197,8],[197,9,197,10],[198,7,198,8],[198,9,198,10],[199,7,199,8],[199,9,199,10],[200,0,200,1],[200,2,200,8],[200,9,200,10],[201,0,201,1],[201,2,201,8],[201,9,201,13],[202,0,202,8],[202,9,202,13],[203,1,203,5],[203,7,203,8],[203,9,203,10],[204,1,204,8],[204,9,204,10],[205,1,205,8],[205,9,205,10],[206,1,206,5],[206,7,206,8],[206,9,206,10],[207,1,207,5],[207,7,207,8],[207,9,207,10],[208,1,208,5],[208,7,208,8],[208,9,208,10],[209,1,209,5],[209,7,209,8],[209,9,209,10],[210,1,210,5],[210,7,210,8],[210,9,210,10],[211,1,211,5],[211,7,211,8],[211,9,211,10],[212,0,212,13],[213,0,213,7],[213,8,213,9],[213,10,213,13],[214,0,214,13],[215,0,215,7],[215,8,215,9],[215,10,215,13],[216,0,216,1],[216,2,216,3],[216,5,216,8],[216,9,216,10],[217,0,217,13],[218,4,218,8],[218,9,218,13],[219,7,219,8],[219,9,219,10],[220,7,220,8],[220,9,220,10],[221,7,221,8],[221,9,221,10],[222,7,222,8],[222,9,222,10],[223,7,223,8],[223,9,223,10],[224,0,224,1],[224,2,224,8],[224,9,224,10],[225,0,225,1],[225,2,225,8],[225,9,225,13],[226,0,226,8],[226,9,226,13],[227,1,227,5],[227,7,227,8],[227,9,227,10],[228,1,228,8],[228,9,228,10],[229,1,229,8],[229,9,229,10],[230,1,230,5],[230,7,230,8],[230,9,230,10],[231,1,231,5],[231,7,231,8],[231,9,231,10],[232,0,232,13],[233,0,233,7],[233,8,233,9],[233,10,233,13],[234,0,234,13],[235,0,235,7],[235,8,235,9],[235,10,235,13],[236,0,236,1],[236,2,236,3],[236,5,236,8],[236,9,236,10],[237,0,237,13],[238,4,238,8],[238,9,238,13],[239,7,239,8],[239,9,239,10],[240,7,240,8],[240,9,240,10],[241,7,241,8],[241,9,241,10],[242,7,242,8],[242,9,242,10],[243,7,243,8],[243,9,243,10],[244,0,244,1],[244,2,244,8],[244,9,244,10],[245,0,245,1],[245,2,245,8],[245,9,245,13],[246,0,246,8],[246,9,246,13],[247,1,247,5],[247,7,247,8],[247,9,247,10],[248,1,248,8],[248,9,248,10],[249,1,249,8],[249,9,249,10],[250,1,250,5],[250,7,250,8],[250,9,250,10],[251,1,251,5],[251,7,251,8],[251,9,251,10],[252,0,252,13],[253,0,253,7],[253,8,253,9],[253,10,253,13],[254,0,254,13],[255,0,255,7],[255,8,255,9],[255,10,255,13],[256,0,256,1],[256,2,256,3],[256,5,256,8],[256,9,256,10],[257,0,257,13],[258,4,258,8],[258,9,258,13],[259,7,259,8],[259,9,259,10],[260,7,260,8],[260,9,260,10],[261,7,261,8],[261,9,261,10],[262,7,262,8],[262,9,262,10],[263,7,263,8],[263,9,263,10],[264,0,264,1],[264,2,264,8],[264,9,264,10],[265,0,265,1],[265,2,265,8],[265,9,265,13],[266,0,266,8],[266,9,266,13],[267,1,267,5],[267,7,267,8],[267,9,267,10],[268,1,268,8],[268,9,268,10],[269,1,269,8],[269,9,269,10],[270,1,270,5],[270,7,270,8],[270,9,270,10],[271,1,271,5],[271,7,271,8],[271,9,271,10],[272,0,272,13],[273,0,273,7],[273,8,273,9],[273,10,273,13],[274,0,274,13],[275,0,275,7],[275,8,275,9],[275,10,275,13],[276,0,276,1],[276,2,276,3],[276,5,276,8],[276,9,276,10],[277,0,277,13],[278,4,278,8],[278,9,278,13],[279,7,279,8],[279,9,279,10],[280,7,280,8],[280,9,280,10],[281,7,281,8],[281,9,281,10],[282,7,282,8],[282,9,282,10],[283,7,283,8],[283,9,283,10],[284,0,284,1],[284,2,284,8],[284,9,284,10],[285,0,285,1],[285,2,285,8],[285,9,285,13],[286,0,286,8],[286,9,286,13],[287,1,287,5],[287,7,287,8],[287,9,287,10],[288,1,288,8],[288,9,288,10],[289,1,289,8],[289,9,289,10],[290,1,290,5],[290,7,290,8],[290,9,290,10],[291,1,291,5],[291,7,291,8],[291,9,291,10],[292,0,292,13],[293,0,293,7],[293,8,293,9],[293,10,293,13],[294,0,294,13],[295,0,295,7],[295,8,295,9],[295,10,295,13],[296,0,296,1],[296,2,296,3],[296,5,296,8],[296,9,296,10],[297,0,297,13],[298,4,298,8],[298,9,298,13],[299,7,299,8],[299,9,299,10],[300,7,300,8],[300,9,300,10],[301,7,301,8],[301,9,301,10],[302,0,302,1],[302,2,302,8],[302,9,302,10],[303,0,303,1],[303,2,303,8],[303,9,303,13],[304,0,304,8],[304,9,304,13],[305,1,305,5],[305,7,305,8],[305,9,305,10],[306,1,306,8],[306,9,306,10],[307,1,307,8],[307,9,307,10],[308,1,308,5],[308,7,308,8],[308,9,308,10],[309,1,309,5],[309,7,309,8],[309,9,309,10],[310,1,310,5],[310,7,310,8],[310,9,310,10],[311,1,311,5],[311,7,311,8],[311,9,311,10],[312,1,312,5],[312,7,312,8],[312,9,312,10],[313,1,313,5],[313,7,313,8],[313,9,313,10],[314,0,314,13],[315,0,315,7],[315,8,315,9],[315,10,315,13],[316,0,316,13],[317,0,317,7],[317,8,317,9],[317,10,317,13],[318,0,318,1],[318,2,318,3],[318,5,318,8],[318,9,318,10],[319,0,319,13],[320,4,320,8],[320,9,320,13],[321,7,321,8],[321,9,321,10],[322,7,322,8],[322,9,322,10],[323,7,323,8],[323,9,323,10],[324,7,324,8],[324,9,324,10],[325,7,325,8],[325,9,325,10],[326,0,326,1],[326,2,326,8],[326,9,326,10],[327,0,327,1],[327,2,327,8],[327,9,327,13],[328,0,328,8],[328,9,328,13],[329,1,329,5],[329,7,329,8],[329,9,329,10],[330,1,330,8],[330,9,330,10],[331,1,331,8],[331,9,331,10],[332,1,332,5],[332,7,332,8],[332,9,332,10],[333,1,333,5],[333,7,333,8],[333,9,333,10],[334,0,334,13],[335,0,335,7],[335,8,335,9],[335,10,335,13],[336,0,336,13],[337,0,337,7],[337,8,337,9],[337,10,337,13],[338,0,338,1],[338,2,338,3],[338,5,338,8],[338,9,338,10],[339,0,339,13],[340,4,340,8],[340,9,340,13],[341,7,341,8],[341,9,341,10],[342,7,342,8],[342,9,342,10],[343,7,343,8],[343,9,343,10],[344,7,344,8],[344,9,344,10],[345,0,345,1],[345,2,345,8],[345,9,345,10],[346,0,346,1],[346,2,346,8],[346,9,346,13],[347,0,347,8],[347,9,347,13],[348,1,348,5],[348,7,348,8],[348,9,348,10],[349,1,349,8],[349,9,349,10],[350,1,350,8],[350,9,350,10],[351,1,351,5],[351,7,351,8],[351,9,351,10],[352,1,352,5],[352,7,352,8],[352,9,352,10],[353,1,353,5],[353,7,353,8],[353,9,353,10],[354,1,354,5],[354,7,354,8],[354,9,354,10],[355,0,355,13],[356,0,356,7],[356,8,356,9],[356,10,356,13],[357,0,357,13],[358,0,358,7],[358,8,358,9],[358,10,358,13],[359,0,359,1],[359,2,359,3],[359,5,359,8],[359,9,359,10],[360,0,360,13],[361,4,361,8],[361,9,361,13],[362,7,362,8],[362,9,362,10],[363,7,363,8],[363,9,363,10],[364,7,364,8],[364,9,364,10],[365,7,365,8],[365,9,365,10],[366,0,366,1],[366,2,366,8],[366,9,366,10],[367,0,367,1],[367,2,367,8],[367,9,367,13],[368,0,368,8],[368,9,368,13],[369,1,369,5],[369,7,369,8],[369,9,369,10],[370,1,370,8],[370,9,370,10],[371,1,371,8],[371,9,371,10],[372,1,372,5],[372,7,372,8],[372,9,372,10],[373,1,373,5],[373,7,373,8],[373,9,373,10],[374,1,374,5],[374,7,374,8],[374,9,374,10],[375,1,375,5],[375,7,375,8],[375,9,375,10],[376,0,376,13],[377,0,377,7],[377,8,377,9],[377,10,377,13],[378,0,378,13],[379,0,379,7],[379,8,379,9],[379,10,379,13],[380,0,380,1],[380,2,380,3],[380,5,380,8],[380,9,380,10],[381,0,381,13],[382,4,382,8],[382,9,382,13],[383,7,383,8],[383,9,383,10],[384,7,384,8],[384,9,384,10],[385,7,385,8],[385,9,385,10],[386,7,386,8],[386,9,386,10],[387,0,387,1],[387,2,387,8],[387,9,387,10],[388,0,388,1],[388,2,388,8],[388,9,388,13],[389,0,389,8],[389,9,389,13],[390,1,390,5],[390,7,390,8],[390,9,390,10],[391,1,391,8],[391,9,391,10],[392,1,392,8],[392,9,392,10],[393,1,393,5],[393,7,393,8],[393,9,393,10],[394,1,394,5],[394,7,394,8],[394,9,394,10],[395,1,395,5],[395,7,395,8],[395,9,395,10],[396,1,396,5],[396,7,396,8],[396,9,396,10],[397,0,397,13],[398,0,398,7],[398,8,398,9],[398,10,398,13],[399,0,399,13],[400,0,400,7],[400,8,400,9],[400,10,400,13],[401,0,401,1],[401,2,401,3],[401,5,401,8],[401,9,401,10],[402,0,402,13],[403,4,403,8],[403,9,403,13],[404,7,404,8],[404,9,404,10],[405,7,405,8],[405,9,405,10],[406,7,406,8],[406,9,406,10],[407,7,407,8],[407,9,407,10],[408,7,408,8],[408,9,408,10],[409,0,409,1],[409,2,409,8],[409,9,409,10],[410,0,410,1],[410,2,410,8],[410,9,410,13],[411,0,411,8],[411,9,411,13],[412,1,412,5],[412,7,412,8],[412,9,412,10],[413,1,413,8],[413,9,413,10],[414,1,414,8],[414,9,414,10],[415,1,415,5],[415,7,415,8],[415,9,415,10],[416,1,416,5],[416,7,416,8],[416,9,416,10]],"merged_total":5238,"flags":["merged_cut"]}
["综合单价分析表"]
["工程名称：建筑工程",{"$nulls":7},"标段：",null,"第 1 页  共 88 页"]
["项目编码",null,"010101004001",null,"项目名称","挖基坑土方",{"$nulls":3},"计量单位",null,"m3","工程量",183.1766]
["清单综合单价组成明细"]
["定额编号","定额项目名称","定额\n单位","数量","单价",{"$nulls":4},"合价"]
[{"$nulls":4},"人工费","材料费","机具费","管理费\n和利润",null,"人工费",null,"材料费","机具费","管理费\n和利润"]
["A1-1-49","挖掘机挖装沟槽、基坑土方 三类土","1000m3",0.001,766.79,null,4948.55,2028.95,null,0.73,null,null,4.7,1.93]
["A1-1-12","人工挖基坑土方 三类土 深度在2m内","100m3",0.0005,5962.5,null,null,2116.69,null,2.98,{"$nulls":3},1.06]
["人工单价",null,"小计",{"$nulls":6},3.71,null,null,4.7,2.99]
[null,null,"未计价材料费"]
["清单项目综合单价",{"$nulls":8},11.4]
["材\n料\n费\n明\n细","主要材料名称、规格、型号",{"$nulls":4},"单位","数量",null,"单价（元）",null,"合价（元）","暂估单价\n（元）","暂估合价\n（元）"]
[]
[]
[]
[]
[]
[]
["注：1.如不使用省级或行业建设主管部门发布的计价依据，可不填定额编码、名称等；\n    2.招标文件提供了暂估单价的材料，按暂估的单价填入表内“暂估单价”栏及“暂估合价”栏。"]
[{"$nulls":10},"表-09"]
["综合单价分析表"]
["工程名称：建筑工程",{"$nulls":7},"标段：",null,"第 2 页  共 88 页"]
["项目编码",null,"010401003001",null,"项目名称","实心砖墙",{"$nulls":3},"计量单位",null,"m3","工程量",7.3686]
["清单综合单价组成明细"]
["定额编号","定额项目名称","定额\n单位","数量","单价",{"$nulls":4},"合价"]
[{"$nulls":4},"人工费","材料费","机具费","管理费\n和利润",null,"人工费",null,"材料费","机具费","管理费\n和利润"]
["A1-4-6","混水砖外墙 墙体厚度 1砖","10m3",0.1,2043.52,1733.85,null,718.09,null,204.35,null,173.39,null,71.81]
["8005901","湿拌砌筑砂浆 砌筑灰缝≥5mm M5","m3",0.229,null,541.37,{"$nulls":5},123.97]
["人工单价",null,"小计",{"$nulls":6},204.35,null,297.36,null,71.81]
[null,null,"未计价材料费"]
["清单项目综合单价",{"$nulls":8},573.52]
["材\n料\n费\n明\n细","主要材料名称、规格、型号",{"$nulls":4},"单位","数量",null,"单价（元）",null,"合价（元）","暂估单价\n（元）","暂估合价\n（元）"]
[null,"其他材料费",{"$nulls":7},"-",null,297.35,"-"]
[null,"材料费小计",{"$nulls":7},"-",null,297.35,"-"]
[]
[]
[]
[]
[]
[]
["注：1.如不使用省级或行业建设主管部门发布的计价依据，可不填定额编码、名称等；\n    2.招标文件提供了暂估单价的材料，按暂估的单价填入表内“暂估单价”栏及“暂估合价”栏。"]
[{"$nulls":10},"表-09"]
["综合单价分析表"]
["工程名称：建筑工程",{"$nulls":7},"标段：",null,"第 3 页  共 88 页"]
["项目编码",null,"010401003002",null,"项目名称","实心砖墙",{"$nulls":3},"计量单位",null,"m3","工程量",8.3054]
["清单综合单价组成明细"]
["定额编号","定额项目名称","定额\n单位","数量","单价",{"$nulls":4},"合价"]
[{"$nulls":4},"人工费","材料费","机具费","管理费\n和利润",null,"人工费",null,"材料费","机具费","管理费\n和利润"]
["A1-4-16","混水砖内墙 墙体厚度 1砖","10m3",0.1,1941.28,1701.53,null,682.17,null,194.13,null,170.15,null,68.22]
["8005901","湿拌砌筑砂浆 砌筑灰缝≥5mm M5","m3",0.228,null,541.37,{"$nulls":5},123.43]
["人工单价",null,"小计",{"$nulls":6},194.13,null,293.58,null,68.22]
[null,null,"未计价材料费"]
["清单项目综合单价",{"$nulls":8},555.93]
["材\n料\n费\n明\n细","主要材料名称、规格、型号",{"$nulls":4},"单位","数量",null,"单价（元）",null,"合价（元）","暂估单价\n（元）","暂估合价\n（元）"]
[null,"其他材料费",{"$nulls":7},"-",null,293.58,"-"]
[null,"材料费小计",{"$nulls":7},"-",null,293.58,"-"]
[]
[]
[]
[]
[]
[]
["注：1.如不使用省级或行业建设主管部门发布的计价依据，可不填定额编码、名称等；\n    2.招标文件提供了暂估单价的材料，按暂估的单价填入表内“暂估单价”栏及“暂估合价”栏。"]
[{"$nulls":10},"表-09"]
["综合单价分析表"]
["工程名称：建筑工程",{"$nulls":7},"标段：",null,"第 4 页  共 88 页"]
["项目编码",null,"010401004001",null,"项目名称","多孔砖墙",{"$nulls":3},"计量单位",null,"m3","工程量",35.6428]
["清单综合单价组成明细"]
["定额编号","定额项目名称","定额\n单位","数量","单价",{"$nulls":4},"合价"]
[{"$nulls":4},"人工费","材料费","机具费","管理费\n和利润",null,"人工费",null,"材料费","机具费","管理费\n和利润"]
["A1-4-16 换","混水砖内墙 墙体厚度 1砖 \u007f换为【烧结多孔砖240×115×90】","10m3",0.1,1941.28,2799.94,null,682.17,null,194.13,null,279.99,null,68.22]
["8005901","湿拌砌筑砂浆 砌筑灰缝≥5mm M5","m3",0.228,null,541.37,{"$nulls":5},123.43]
["人工单价",null,"小计",{"$nulls":6},194.13,null,403.42,null,68.22]
[null,null,"未计价材料费"]
["清单项目综合单价",{"$nulls":8},665.77]
["材\n料\n费\n明\n细","主要材料名称、规格、型号",{"$nulls":4},"单位","数量",null,"单价（元）",null,"合价（元）","暂估单价\n（元）","暂估合价\n（元）"]
[null,"其他材料费",{"$nulls":7},"-",null,403.42,"-"]
[null,"材料费小计",{"$nulls":7},"-",null,403.42,"-"]
[]
[]
[]
[]
[]
["注：1.如不使用省级或行业建设主管部门发布的计价依据，可不填定额编码、名称等；\n    2.招标文件提供了暂估单价的材料，按暂估的单价填入表内“暂估单价”栏及“暂估合价”栏。"]
[{"$nulls":10},"表-09"]
["综合单价分析表"]
["工程名称：建筑工程",{"$nulls":7},"标段：",null,"第 5 页  共 88 页"]
["项目编码",null,"010401004002",null,"项目名称","多孔砖墙",{"$nulls":3},"计量单位",null,"m3","工程量",30.7841]
["清单综合单价组成明细"]
["定额编号","定额项目名称","定额\n单位","数量","单价",{"$nulls":4},"合价"]
[{"$nulls":4},"人工费","材料费","机具费","管理费\n和利润",null,"人工费",null,"材料费","机具费","管理费\n和利润"]
["A1-4-6 换","混水砖外墙 墙体厚度 1砖 \u007f换为【烧结多孔砖240×115×90】","10m3",0.1,2043.52,2833.9,null,718.09,null,204.35,null,283.39,null,71.81]
["8005901","湿拌砌筑砂浆 砌筑灰缝≥5mm M5","m3",0.229,null,541.37,{"$nulls":5},123.97]
["人工单价",null,"小计",{"$nulls":6},204.35,null,407.36,null,71.81]
[null,null,"未计价材料费"]
["清单项目综合单价",{"$nulls":8},683.53]
["材\n料\n费\n明\n细","主要材料名称、规格、型号",{"$nulls":4},"单位","数量",null,"单价（元）",null,"合价（元）","暂估单价\n（元）","暂估合价\n（元）"]
[null,"其他材料费",{"$nulls":7},"-",null,407.36,"-"]
[null,"材料费小计",{"$nulls":7},"-",null,407.36,"-"]
[]
[]
[]
[]
[]
["注：1.如不使用省级或行业建设主管部门发布的计价依据，可不填定额编码、名称等；\n    2.招标文件提供了暂估单价的材料，按暂估的单价填入表内“暂估单价”栏及“暂估合价”栏。"]
[{"$nulls":10},"表-09"]
["综合单价分析表"]
["工程名称：建筑工程",{"$nulls":7},"标段：",null,"第 6 页  共 88 页"]
["项目编码",null,"010401004003",null,"项目名称","多孔砖墙",{"$nulls":3},"计量单位",null,"m3","工程量",1.0586]
["清单综合单价组成明细"]
["定额编号","定额项目名称","定额\n单位","数量","单价",{"$nulls":4},"合价"]
[{"$nulls":4},"人工费","材料费","机具费","管理费\n和利润",null,"人工费",null,"材料费","机具费","管理费\n和利润"]
["A1-4-16 换","混水砖内墙 墙体厚度 1砖 \u007f换为【烧结多孔砖240×115×90】","10m3",0.1,1941.28,2799.94,null,682.17,null,194.13,null,279.99,null,68.22]
["8005901","湿拌砌筑砂浆 砌筑灰缝≥5mm M5","m3",0.228,null,541.37,{"$nulls":5},123.45]
["人工单价",null,"小计",{"$nulls":6},194.13,null,403.44,null,68.22]
[null,null,"未计价材料费"]
["清单项目综合单价",{"$nulls":8},665.79]
["材\n料\n费\n明\n细","主要材料名称、规格、型号",{"$nulls":4},"单位","数量",null,"单价（元）",null,"合价（元）","暂估单价\n（元）","暂估合价\n（元）"]
[null,"其他材料费",{"$nulls":7},"-",null,403.42,"-"]
[null,"材料费小计",{"$nulls":7},"-",null,403.42,"-"]
[]
[]
[]
[]
[]
["注：1.如不使用省级或行业建设主管部门发布的计价依据，可不填定额编码、名称等；\n    2.招标文件提供了暂估单价的材料，按暂估的单价填入表内“暂估单价”栏及“暂估合价”栏。"]
[{"$nulls":10},"表-09"]
["综合单价分析表"]
["工程名称：建筑工程",{"$nulls":7},"标段：",null,"第 7 页  共 88 页"]
["项目编码",null,"010401004004",null,"项目名称","多孔砖墙",{"$nulls":3},"计量单位",null,"m3","工程量",13.1552]
["清单综合单价组成明细"]
["定额编号","定额项目名称","定额\n单位","数量","单价",{"$nulls":4},"合价"]
[{"$nulls":4},"人工费","材料费","机具费","管理费\n和利润",null,"人工费",null,"材料费","机具费","管理费\n和利润"]
["A1-4-6 换","混水砖外墙 墙体厚度 1砖 \u007f换为【烧结多孔砖240×115×90】","10m3",0.1,2043.52,2833.9,null,718.09,null,204.35,null,283.39,null,71.81]
["8005901","湿拌砌筑砂浆 砌筑灰缝≥5mm M5","m3",0.229,null,541.37,{"$nulls":5},123.97]
["人工单价",null,"小计",{"$nulls":6},204.35,null,407.36,null,71.81]
[null,null,"未计价材料费"]
["清单项目综合单价",{"$nulls":8},683.52]
["材\n料\n费\n明\n细","主要材料名称、规格、型号",{"$nulls":4},"单位","数量",null,"单价（元）",null,"合价（元）","暂估单价\n（元）","暂估合价\n（元）"]
[null,"其他材料费",{"$nulls":7},"-",null,407.36,"-"]
[null,"材料费小计",{"$nulls":7},"-",null,407.36,"-"]
[]
[]
[]
[]
[]
["注：1.如不使用省级或行业建设主管部门发布的计价依据，可不填定额编码、名称等；\n    2.招标文件提供了暂估单价的材料，按暂估的单价填入表内“暂估单价”栏及“暂估合价”栏。"]
[{"$nulls":10},"表-09"]
["综合单价分析表"]
["工程名称：建筑工程",{"$nulls":7},"标段：",null,"第 8 页  共 88 页"]
["项目编码",null,"010401004005",null,"项目名称","多孔砖墙",{"$nulls":3},"计量单位",null,"m3","工程量",0.5812]
["清单综合单价组成明细"]
["定额编号","定额项目名称","定额\n单位","数量","单价",{"$nulls":4},"合价"]
[{"$nulls":4},"人工费","材料费","机具费","管理费\n和利润",null,"人工费",null,"材料费","机具费","管理费\n和利润"]
["A1-4-16 换","混水砖内墙 墙体厚度 1砖 \u007f换为【烧结多孔砖240×115×90】","10m3",0.1,1941.28,2799.94,null,682.17,null,194.13,null,279.99,null,68.22]
["8005901","湿拌砌筑砂浆 砌筑灰缝≥5mm M5","m3",0.228,null,541.37,{"$nulls":5},123.42]
["人工单价",null,"小计",{"$nulls":6},194.13,null,403.41,null,68.22]
[null,null,"未计价材料费"]
["清单项目综合单价",{"$nulls":8},665.76]
["材\n料\n费\n明\n细","主要材料名称、规格、型号",{"$nulls":4},"单位","数量",null,"单价（元）",null,"合价（元）","暂估单价\n（元）","暂估合价\n（元）"]
[null,"其他材料费",{"$nulls":7},"-",null,403.37,"-"]
[null,"材料费小计",{"$nulls":7},"-",null,403.37,"-"]
[]
[]
[]
[]
[]
["注：1.如不使用省级或行业建设主管部门发布的计价依据，可不填定额编码、名称等；\n    2.招标文件提供了暂估单价的材料，按暂估的单价填入表内“暂估单价”栏及“暂估合价”栏。"]
[{"$nulls":10},"表-09"]
["综合单价分析表"]
["工程名称：建筑工程",{"$nulls":7},"标段：",null,"第 9 页  共 88 页"]
["项目编码",null,"010501001001",null,"项目名称","垫层",{"$nulls":3},"计量单位",null,"m3","工程量",11.8314]
["清单综合单价组成明细"]
["定额编号","定额项目名称","定额\n单位","数量","单价",{"$nulls":4},"合价"]
[{"$nulls":4},"人工费","材料费","机具费","管理费\n和利润",null,"人工费",null,"材料费","机具费","管理费\n和利润"]
["A1-5-78","混凝土垫层","10m3",0.1,618.85,5432.12,null,301.69,null,61.89,null,543.21,null,30.17]
["8021904","普通预拌混凝土 碎石粒径综合考虑 C25","m3",1.015,null,331,{"$nulls":5},335.97]
["人工单价",null,"小计",{"$nulls":6},61.89,null,879.18,null,30.17]
[null,null,"未计价材料费"]
["清单项目综合单价",{"$nulls":8},971.23]
["材\n料\n费\n明\n细","主要材料名称、规格、型号",{"$nulls":4},"单位","数量",null,"单价（元）",null,"合价（元）","暂估单价\n（元）","暂估合价\n（元）"]
[null,"其他材料费",{"$nulls":7},"-",null,336.62,"-"]
[null,"材料费小计",{"$nulls":7},"-",null,336.62,"-"]
{"$rows_empty":7}
["注：1.如不使用省级或行业建设主管部门发布的计价依据，可不填定额编码、名称等；\n    2.招标文件提供了暂估单价的材料，按暂估的单价填入表内“暂估单价”栏及“暂估合价”栏。"]
[{"$nulls":10},"表-09"]
["综合单价分析表"]
["工程名称：建筑工程",{"$nulls":7},"标段：",null,"第 10 页  共 88 页"]
["项目编码",null,"010501002001",null,"项目名称","带形基础",{"$nulls":3},"计量单位",null,"m3","工程量",30.3613]
["清单综合单价组成明细"]
["定额编号","定额项目名称","定额\n单位","数量","单价",{"$nulls":4},"合价"]
[{"$nulls":4},"人工费","材料费","机具费","管理费\n和利润",null,"人工费",null,"材料费","机具费","管理费\n和利润"]
["A1-5-1","现浇建筑物混凝土 毛石混凝土基础","10m3",0.1,584.73,4929.31,6.53,288.24,null,58.47,null,492.93,0.65,28.82]
["8021904","普通预拌混凝土 碎石粒径综合考虑 C25","m3",0.859,null,331,{"$nulls":5},284.33]
["人工单价",null,"小计",{"$nulls":6},58.47,null,777.26,0.65,28.82]
[null,null,"未计价材料费"]
["清单项目综合单价",{"$nulls":8},865.21]
["材\n料\n费\n明\n细","主要材料名称、规格、型号",{"$nulls":4},"单位","数量",null,"单价（元）",null,"合价（元）","暂估单价\n（元）","暂估合价\n（元）"]
[null,"其他材料费",{"$nulls":7},"-",null,318.09,"-"]
[null,"材料费小计",{"$nulls":7},"-",null,318.09,"-"]
[]
[]
[]
[]
[]
[]
["注：1.如不使用省级或行业建设主管部门发布的计价依据，可不填定额编码、名称等；\n    2.招标文件提供了暂估单价的材料，按暂估的单价填入表内“暂估单价”栏及“暂估合价”栏。"]
[{"$nulls":10},"表-09"]
["综合单价分析表"]
["工程名称：建筑工程",{"$nulls":7},"标段：",null,"第 11 页  共 88 页"]
["项目编码",null,"010502001003",null,"项目名称","矩形柱",{"$nulls":3},"计量单位",null,"m3","工程量",11.0242]
["清单综合单价组成明细"]
["定额编号","定额项目名称","定额\n单位","数量","单价",{"$nulls":4},"合价"]
[{"$nulls":4},"人工费","材料费","机具费","管理费\n和利润",null,"人工费",null,"材料费","机具费","管理费\n和利润"]
["A1-5-5","现浇建筑物混凝土 矩形、多边形、异形、圆形柱、钢管柱","10m3",0.1,1263.67,5585.8,12.26,622.02,null,126.37,null,558.58,1.23,62.2]
["8021904","普通预拌混凝土 碎石粒径综合考虑 C25","m3",1.01,null,331,{"$nulls":5},334.31]
["A1-5-51","泵送混凝土至建筑部位 高度50m以内(含±0.00以下)","10m3",0.1,16.24,40.29,141.4,76.85,null,1.62,null,4.03,14.14,7.69]
["8021904","普通预拌混凝土 碎石粒径综合考虑 C25","m3",0.005,null,331,{"$nulls":5},1.65]
["人工单价",null,"小计",{"$nulls":6},127.99,null,898.57,15.37,69.89]
[null,null,"未计价材料费"]
["清单项目综合单价",{"$nulls":8},1111.82]
["材\n料\n费\n明\n细","主要材料名称、规格、型号",{"$nulls":4},"单位","数量",null,"单价（元）",null,"合价（元）","暂估单价\n（元）","暂估合价\n（元）"]
[null,"其他材料费",{"$nulls":7},"-",null,356.03,"-"]
[null,"材料费小计",{"$nulls":7},"-",null,356.03,"-"]
[]
[]
["注：1.如不使用省级或行业建设主管部门发布的计价依据，可不填定额编码、名称等；\n    2.招标文件提供了暂估单价的材料，按暂估的单价填入表内“暂估单价”栏及“暂估合价”栏。"]
[{"$nulls":10},"表-09"]
["综合单价分析表"]
["工程名称：建筑工程",{"$nulls":7},"标段：",null,"第 12 页  共 88 页"]
["项目编码",null,"010502001001",null,"项目名称","矩形柱",{"$nulls":3},"计量单位",null,"m3","工程量",20.1519]
["清单综合单价组成明细"]
["定额编号","定额项目名称","定额\n单位","数量","单价",{"$nulls":4},"合价"]
[{"$nulls":4},"人工费","材料费","机具费","管理费\n和利润",null,"人工费",null,"材料费","机具费","管理费\n和利润"]
["A1-5-5","现浇建筑物混凝土 矩形、多边形、异形、圆形柱、钢管柱","10m3",0.1,1263.67,5585.8,12.26,622.02,null,126.37,null,558.58,1.23,62.2]
["8021904","普通预拌混凝土 碎石粒径综合考虑 C25","m3",1.01,null,331,{"$nulls":5},334.31]
["A1-5-51","泵送混凝土至建筑部位 高度50m以内(含±0.00以下)","10m3",0.1,16.24,40.29,141.4,76.85,null,1.62,null,4.03,14.14,7.69]
["8021904","普通预拌混凝土 碎石粒径综合考虑 C25","m3",0.005,null,331,{"$nulls":5},1.66]
["人工单价",null,"小计",{"$nulls":6},127.99,null,898.58,15.37,69.89]
[null,null,"未计价材料费"]
["清单项目综合单价",{"$nulls":8},1111.82]
["材\n料\n费\n明\n细","主要材料名称、规格、型号",{"$nulls":4},"单位","数量",null,"单价（元）",null,"合价（元）","暂估单价\n（元）","暂估合价\n（元）"]
[null,"其他材料费",{"$nulls":7},"-",null,356.03,"-"]
[null,"材料费小计",{"$nulls":7},"-",null,356.03,"-"]
[]
[]
["注：1.如不使用省级或行业建设主管部门发布的计价依据，可不填定额编码、名称等；\n    2.招标文件提供了暂估单价的材料，按暂估的单价填入表内“暂估单价”栏及“暂估合价”栏。"]
[{"$nulls":10},"表-09"]
["综合单价分析表"]
["工程名称：建筑工程",{"$nulls":7},"标段：",null,"第 13 页  共 88 页"]
["项目编码",null,"010502001002",null,"项目名称","矩形柱",{"$nulls":3},"计量单位",null,"m3","工程量",8.7435]
["清单综合单价组成明细"]
["定额编号","定额项目名称","定额\n单位","数量","单价",{"$nulls":4},"合价"]
[{"$nulls":4},"人工费","材料费","机具费","管理费\n和利润",null,"人工费",null,"材料费","机具费","管理费\n和利润"]
["A1-5-5","现浇建筑物混凝土 矩形、多边形、异形、圆形柱、钢管柱","10m3",0.1,1263.67,5585.8,12.26,622.02,null,126.37,null,558.58,1.23,62.2]
["8021904","普通预拌混凝土 碎石粒径综合考虑 C25","m3",1.01,null,331,{"$nulls":5},334.31]
["A1-5-51","泵送混凝土至建筑部位 高度50m以内(含±0.00以下)","10m3",0.1,16.24,40.29,141.4,76.85,null,1.62,null,4.03,14.14,7.69]
["8021904","普通预拌混凝土 碎石粒径综合考虑 C25","m3",0.005,null,331,{"$nulls":5},1.65]
["人工单价",null,"小计",{"$nulls":6},127.99,null,898.57,15.37,69.89]
[null,null,"未计价材料费"]
["清单项目综合单价",{"$nulls":8},1111.82]
["材\n料\n费\n明\n细","主要材料名称、规格、型号",{"$nulls":4},"单位","数量",null,"单价（元）",null,"合价（元）","暂估单价\n（元）","暂估合价\n（元）"]
[null,"其他材料费",{"$nulls":7},"-",null,356.03,"-"]
[null,"材料费小计",{"$nulls":7},"-",null,356.03,"-"]
[]
[]
["注：1.如不使用省级或行业建设主管部门发布的计价依据，可不填定额编码、名称等；\n    2.招标文件提供了暂估单价的材料，按暂估的单价填入表内“暂估单价”栏及“暂估合价”栏。"]
[{"$nulls":10},"表-09"]
["综合单价分析表"]
["工程名称：建筑工程",{"$nulls":7},"标段：",null,"第 14 页  共 88 页"]
["项目编码",null,"020401002001",null,"项目名称","圆形柱(多边形柱)",{"$nulls":3},"计量单位",null,"m3","工程量",0.3258]
["清单综合单价组成明细"]
["定额编号","定额项目名称","定额\n单位","数量","单价",{"$nulls":4},"合价"]
[{"$nulls":4},"人工费","材料费","机具费","管理费\n和利润",null,"人工费",null,"材料费","机具费","管理费\n和利润"]
["A1-5-5","现浇建筑物混凝土 矩形、多边形、异形、圆形柱、钢管柱","10m3",0.1,1263.67,5585.8,12.26,622.02,null,126.37,null,558.58,1.23,62.2]
["8021904","普通预拌混凝土 碎石粒径综合考虑 C25","m3",1.0101,null,331,{"$nulls":5},334.35]
["A1-5-51","泵送混凝土至建筑部位 高度50m以内(含±0.00以下)","10m3",0.1,16.24,40.29,141.4,76.85,null,1.62,null,4.03,14.14,7.69]
["8021904","普通预拌混凝土 碎石粒径综合考虑 C25","m3",0.0049,null,331,{"$nulls":5},1.63]
["人工单价",null,"小计",{"$nulls":6},127.99,null,898.59,15.37,69.89]
[null,null,"未计价材料费"]
["清单项目综合单价",{"$nulls":8},1111.83]
["材\n料\n费\n明\n细","主要材料名称、规格、型号",{"$nulls":4},"单位","数量",null,"单价（元）",null,"合价（元）","暂估单价\n（元）","暂估合价\n（元）"]
[null,"其他材料费",{"$nulls":7},"-",null,356.03,"-"]
[null,"材料费小计",{"$nulls":7},"-",null,356.03,"-"]
[]
[]
["注：1.如不使用省级或行业建设主管部门发布的计价依据，可不填定额编码、名称等；\n    2.招标文件提供了暂估单价的材料，按暂估的单价填入表内“暂估单价”栏及“暂估合价”栏。"]
[{"$nulls":10},"表-09"]
["综合单价分析表"]
["工程名称：建筑工程",{"$nulls":7},"标段：",null,"第 15 页  共 88 页"]
["项目编码",null,"010503004001",null,"项目名称","圈梁",{"$nulls":3},"计量单位",null,"m3","工程量",2.5]
["清单综合单价组成明细"]
["定额编号","定额项目名称","定额\n单位","数量","单价",{"$nulls":4},"合价"]
[{"$nulls":4},"人工费","材料费","机具费","管理费\n和利润",null,"人工费",null,"材料费","机具费","管理费\n和利润"]
["A1-5-10","现浇建筑物混凝土 圈、过、弧形梁","10m3",0.1,1237.69,5591.3,12.36,609.4,null,123.77,null,559.13,1.24,60.94]
["8021904","普通预拌混凝土 碎石粒径综合考虑 C25","m3",1.01,null,331,{"$nulls":5},334.31]
["人工单价",null,"小计",{"$nulls":6},123.77,null,893.44,1.24,60.94]
[null,null,"未计价材料费"]
["清单项目综合单价",{"$nulls":8},1079.39]
["材\n料\n费\n明\n细","主要材料名称、规格、型号",{"$nulls":4},"单位","数量",null,"单价（元）",null,"合价（元）","暂估单价\n（元）","暂估合价\n（元）"]
[null,"其他材料费",{"$nulls":7},"-",null,353.56,"-"]
[null,"材料费小计",{"$nulls":7},"-",null,353.56,"-"]
[]
[]
[]
[]
[]
[]
["注：1.如不使用省级或行业建设主管部门发布的计价依据，可不填定额编码、名称等；\n    2.招标文件提供了暂估单价的材料，按暂估的单价填入表内“暂估单价”栏及“暂估合价”栏。"]
[{"$nulls":10},"表-09"]
["综合单价分析表"]
["工程名称：建筑工程",{"$nulls":7},"标段：",null,"第 16 页  共 88 页"]
["项目编码",null,"010503005001",null,"项目名称","过梁",{"$nulls":3},"计量单位",null,"m3","工程量",0.8549]
["清单综合单价组成明细"]
["定额编号","定额项目名称","定额\n单位","数量","单价",{"$nulls":4},"合价"]
[{"$nulls":4},"人工费","材料费","机具费","管理费\n和利润",null,"人工费",null,"材料费","机具费","管理费\n和利润"]
["A1-5-10","现浇建筑物混凝土 圈、过、弧形梁","10m3",0.1,1237.69,5591.3,12.36,609.4,null,123.77,null,559.13,1.24,60.94]
["8021904","普通预拌混凝土 碎石粒径综合考虑 C25","m3",1.0099,null,331,{"$nulls":5},334.29]
["A1-5-51","泵送混凝土至建筑部位 高度50m以内(含±0.00以下)","10m3",0.1,16.24,40.29,141.4,76.85,null,1.62,null,4.03,14.14,7.69]
["8021904","普通预拌混凝土 碎石粒径综合考虑 C25","m3",0.005,null,331,{"$nulls":5},1.66]
["人工单价",null,"小计",{"$nulls":6},125.39,null,899.11,15.38,68.63]
[null,null,"未计价材料费"]
["清单项目综合单价",{"$nulls":8},1108.51]
["材\n料\n费\n明\n细","主要材料名称、规格、型号",{"$nulls":4},"单位","数量",null,"单价（元）",null,"合价（元）","暂估单价\n（元）","暂估合价\n（元）"]
[null,"其他材料费",{"$nulls":7},"-",null,356.57,"-"]
[null,"材料费小计",{"$nulls":7},"-",null,356.57,"-"]
[]
[]
["注：1.如不使用省级或行业建设主管部门发布的计价依据，可不填定额编码、名称等；\n    2.招标文件提供了暂估单价的材料，按暂估的单价填入表内“暂估单价”栏及“暂估合价”栏。"]
[{"$nulls":10},"表-09"]
["综合单价分析表"]
["工程名称：建筑工程",{"$nulls":7},"标段：",null,"第 17 页  共 88 页"]
["项目编码",null,"010503005002",null,"项目名称","过梁",{"$nulls":3},"计量单位",null,"m3","工程量",0.4544]
["清单综合单价组成明细"]
["定额编号","定额项目名称","定额\n单位","数量","单价",{"$nulls":4},"合价"]
[{"$nulls":4},"人工费","材料费","机具费","管理费\n和利润",null,"人工费",null,"材料费","机具费","管理费\n和利润"]
["A1-5-10","现浇建筑物混凝土 圈、过、弧形梁","10m3",0.1,1237.69,5591.3,12.36,609.4,null,123.77,null,559.13,1.24,60.94]
["8021904","普通预拌混凝土 碎石粒径综合考虑 C25","m3",1.0099,null,331,{"$nulls":5},334.28]
["A1-5-51","泵送混凝土至建筑部位 高度50m以内(含±0.00以下)","10m3",0.1,16.24,40.29,141.4,76.85,null,1.62,null,4.03,14.14,7.69]
["人工单价",null,"小计",{"$nulls":6},125.39,null,897.44,15.38,68.63]
[null,null,"未计价材料费"]
["清单项目综合单价",{"$nulls":8},1106.83]
["材\n料\n费\n明\n细","主要材料名称、规格、型号",{"$nulls":4},"单位","数量",null,"单价（元）",null,"合价（元）","暂估单价\n（元）","暂估合价\n（元）"]
[null,"其他材料费",{"$nulls":7},"-",null,354.88,"-"]
[null,"材料费小计",{"$nulls":7},"-",null,354.88,"-"]
[]
[]
[]
[]
["注：1.如不使用省级或行业建设主管部门发布的计价依据，可不填定额编码、名称等；\n    2.招标文件提供了暂估单价的材料，按暂估的单价填入表内“暂估单价”栏及“暂估合价”栏。"]
[{"$nulls":10},"表-09"]
["综合单价分析表"]
["工程名称：建筑工程",{"$nulls":7},"标段：",null,"第 18 页  共 88 页"]
["项目编码",null,"010503005003",null,"项目名称","过梁",{"$nulls":3},"计量单位",null,"m3","工程量",0.5708]
["清单综合单价组成明细"]
["定额编号","定额项目名称","定额\n单位","数量","单价",{"$nulls":4},"合价"]
[{"$nulls":4},"人工费","材料费","机具费","管理费\n和利润",null,"人工费",null,"材料费","机具费","管理费\n和利润"]
["A1-5-10","现浇建筑物混凝土 圈、过、弧形梁","10m3",0.1,1237.69,5591.3,12.36,609.4,null,123.77,null,559.13,1.24,60.94]
["8021904","普通预拌混凝土 碎石粒径综合考虑 C25","m3",1.01,null,331,{"$nulls":5},334.31]
["A1-5-51","泵送混凝土至建筑部位 高度50m以内(含±0.00以下)","10m3",0.1,16.24,40.29,141.4,76.85,null,1.62,null,4.03,14.14,7.69]
["人工单价",null,"小计",{"$nulls":6},125.39,null,897.47,15.38,68.63]
[null,null,"未计价材料费"]
["清单项目综合单价",{"$nulls":8},1106.86]
["材\n料\n费\n明\n细","主要材料名称、规格、型号",{"$nulls":4},"单位","数量",null,"单价（元）",null,"合价（元）","暂估单价\n（元）","暂估合价\n（元）"]
[null,"其他材料费",{"$nulls":7},"-",null,354.92,"-"]
[null,"材料费小计",{"$nulls":7},"-",null,354.92,"-"]
[]
[]
[]
[]
["注：1.如不使用省级或行业建设主管部门发布的计价依据，可不填定额编码、名称等；\n    2.招标文件提供了暂估单价的材料，按暂估的单价填入表内“暂估单价”栏及“暂估合价”栏。"]
[{"$nulls":10},"表-09"]
["综合单价分析表"]
["工程名称：建筑工程",{"$nulls":7},"标段：",null,"第 19 页  共 88 页"]
["项目编码",null,"010503005004",null,"项目名称","过梁",{"$nulls":3},"计量单位",null,"m3","工程量",1.3267]
["清单综合单价组成明细"]
["定额编号","定额项目名称","定额\n单位","数量","单价",{"$nulls":4},"合价"]
[{"$nulls":4},"人工费","材料费","机具费","管理费\n和利润",null,"人工费",null,"材料费","机具费","管理费\n和利润"]
["A1-5-10","现浇建筑物混凝土 圈、过、弧形梁","10m3",0.1,1237.69,5591.3,12.36,609.4,null,123.77,null,559.13,1.24,60.94]
["8021904","普通预拌混凝土 碎石粒径综合考虑 C25","m3",1.01,null,331,{"$nulls":5},334.32]
["A1-5-51","泵送混凝土至建筑部位 高度50m以内(含±0.00以下)","10m3",0.1,16.24,40.29,141.4,76.85,null,1.62,null,4.03,14.14,7.69]
["人工单价",null,"小计",{"$nulls":6},125.39,null,897.48,15.38,68.63]
[null,null,"未计价材料费"]
["清单项目综合单价",{"$nulls":8},1106.87]
["材\n料\n费\n明\n细","主要材料名称、规格、型号",{"$nulls":4},"单位","数量",null,"单价（元）",null,"合价（元）","暂估单价\n（元）","暂估合价\n（元）"]
[null,"其他材料费",{"$nulls":7},"-",null,354.92,"-"]
[null,"材料费小计",{"$nulls":7},"-",null,354.92,"-"]
[]
[]
[]
[]
["注：1.如不使用省级或行业建设主管部门发布的计价依据，可不填定额编码、名称等；\n    2.招标文件提供了暂估单价的材料，按暂估的单价填入表内“暂估单价”栏及“暂估合价”栏。"]
[{"$nulls":10},"表-09"]
["综合单价分析表"]
["工程名称：建筑工程",{"$nulls":7},"标段：",null,"第 20 页  共 88 页"]
["项目编码",null,"010504001001",null,"项目名称","直形墙",{"$nulls":3},"计量单位",null,"m3","工程量",4.0868]
["清单综合单价组成明细"]
["定额编号","定额项目名称","定额\n单位","数量","单价",{"$nulls":4},"合价"]
[{"$nulls":4},"人工费","材料费","机具费","管理费\n和利润",null,"人工费",null,"材料费","机具费","管理费\n和利润"]
["A1-5-12","现浇建筑物混凝土 直形、弧形、电梯井墙","10m3",0.1,721.17,5564.71,12.07,357.46,null,72.12,null,556.47,1.21,35.75]
["8021904","普通预拌混凝土 碎石粒径综合考虑 C25","m3",1.01,null,331,{"$nulls":5},334.31]
["A1-5-51","泵送混凝土至建筑部位 高度50m以内(含±0.00以下)","10m3",0.1,16.24,40.29,141.4,76.85,null,1.62,null,4.03,14.14,7.69]
["8021904","普通预拌混凝土 碎石粒径综合考虑 C25","m3",0.005,null,331,{"$nulls":5},1.65]
["人工单价",null,"小计",{"$nulls":6},73.74,null,896.46,15.35,43.44]
[null,null,"未计价材料费"]
["清单项目综合单价",{"$nulls":8},1028.98]
["材\n料\n费\n明\n细","主要材料名称、规格、型号",{"$nulls":4},"单位","数量",null,"单价（元）",null,"合价（元）","暂估单价\n（元）","暂估合价\n（元）"]
[null,"其他材料费",{"$nulls":7},"-",null,353.91,"-"]
[null,"材料费小计",{"$nulls":7},"-",null,353.91,"-"]
[]
[]
["注：1.如不使用省级或行业建设主管部门发布的计价依据，可不填定额编码、名称等；\n    2.招标文件提供了暂估单价的材料，按暂估的单价填入表内“暂估单价”栏及“暂估合价”栏。"]
[{"$nulls":10},"表-09"]
["综合单价分析表"]
["工程名称：建筑工程",{"$nulls":7},"标段：",null,"第 21 页  共 88 页"]
["项目编码",null,"010504001002",null,"项目名称","直形墙",{"$nulls":3},"计量单位",null,"m3","工程量",17.0577]
["清单综合单价组成明细"]
["定额编号","定额项目名称","定额\n单位","数量","单价",{"$nulls":4},"合价"]
[{"$nulls":4},"人工费","材料费","机具费","管理费\n和利润",null,"人工费",null,"材料费","机具费","管理费\n和利润"]
["A1-5-12","现浇建筑物混凝土 直形、弧形、电梯井墙","10m3",0.1,721.17,5564.71,12.07,357.46,null,72.12,null,556.47,1.21,35.75]
["8021904","普通预拌混凝土 碎石粒径综合考虑 C25","m3",1.01,null,331,{"$nulls":5},334.31]
["A1-5-51","泵送混凝土至建筑部位 高度50m以内(含±0.00以下)","10m3",0.1,16.24,40.29,141.4,76.85,null,1.62,null,4.03,14.14,7.69]
["8021904","普通预拌混凝土 碎石粒径综合考虑 C25","m3",0.005,null,331,{"$nulls":5},1.66]
["人工单价",null,"小计",{"$nulls":6},73.74,null,896.47,15.35,43.44]
[null,null,"未计价材料费"]
["清单项目综合单价",{"$nulls":8},1028.98]
["材\n料\n费\n明\n细","主要材料名称、规格、型号",{"$nulls":4},"单位","数量",null,"单价（元）",null,"合价（元）","暂估单价\n（元）","暂估合价\n（元）"]
[null,"其他材料费",{"$nulls":7},"-",null,353.91,"-"]
[null,"材料费小计",{"$nulls":7},"-",null,353.91,"-"]
[]
[]
["注：1.如不使用省级或行业建设主管部门发布的计价依据，可不填定额编码、名称等；\n    2.招标文件提供了暂估单价的材料，按暂估的单价填入表内“暂估单价”栏及“暂估合价”栏。"]
[{"$nulls":10},"表-09"]
["综合单价分析表"]
["工程名称：建筑工程",{"$nulls":7},"标段：",null,"第 22 页  共 88 页"]
["项目编码",null,"010505001001",null,"项目名称","有梁板",{"$nulls":3},"计量单位",null,"m3","工程量",35.1908]
["清单综合单价组成明细"]
["定额编号","定额项目名称","定额\n单位","数量","单价",{"$nulls":4},"合价"]
[{"$nulls":4},"人工费","材料费","机具费","管理费\n和利润",null,"人工费",null,"材料费","机具费","管理费\n和利润"]
["A1-5-14","现浇建筑物混凝土 平板、有梁板、无梁板","10m3",0.1,498.65,5619.34,13.9,249.87,null,49.87,null,561.93,1.39,24.99]
["8021904","普通预拌混凝土 碎石粒径综合考虑 C25","m3",1.01,null,331,{"$nulls":5},334.31]
["A1-5-51","泵送混凝土至建筑部位 高度50m以内(含±0.00以下)","10m3",0.1,16.24,40.29,141.4,76.85,null,1.62,null,4.03,14.14,7.69]
["8021904","普通预拌混凝土 碎石粒径综合考虑 C25","m3",0.005,null,331,{"$nulls":5},1.66]
["人工单价",null,"小计",{"$nulls":6},51.49,null,901.93,15.53,32.68]
[null,null,"未计价材料费"]
["清单项目综合单价",{"$nulls":8},1001.62]
["材\n料\n费\n明\n细","主要材料名称、规格、型号",{"$nulls":4},"单位","数量",null,"单价（元）",null,"合价（元）","暂估单价\n（元）","暂估合价\n（元）"]
[null,"其他材料费",{"$nulls":7},"-",null,359.37,"-"]
[null,"材料费小计",{"$nulls":7},"-",null,359.37,"-"]
[]
[]
["注：1.如不使用省级或行业建设主管部门发布的计价依据，可不填定额编码、名称等；\n    2.招标文件提供了暂估单价的材料，按暂估的单价填入表内“暂估单价”栏及“暂估合价”栏。"]
[{"$nulls":10},"表-09"]
["综合单价分析表"]
["工程名称：建筑工程",{"$nulls":7},"标段：",null,"第 23 页  共 88 页"]
["项目编码",null,"010505001002",null,"项目名称","有梁板",{"$nulls":3},"计量单位",null,"m3","工程量",13.4237]
["清单综合单价组成明细"]
["定额编号","定额项目名称","定额\n单位","数量","单价",{"$nulls":4},"合价"]
[{"$nulls":4},"人工费","材料费","机具费","管理费\n和利润",null,"人工费",null,"材料费","机具费","管理费\n和利润"]
["A1-5-14","现浇建筑物混凝土 平板、有梁板、无梁板","10m3",0.1,498.65,5619.34,13.9,249.87,null,49.87,null,561.93,1.39,24.99]
["8021904","普通预拌混凝土 碎石粒径综合考虑 C25","m3",1.01,null,331,{"$nulls":5},334.31]
["A1-5-51","泵送混凝土至建筑部位 高度50m以内(含±0.00以下)","10m3",0.1,16.24,40.29,141.4,76.85,null,1.62,null,4.03,14.14,7.69]
["8021904","普通预拌混凝土 碎石粒径综合考虑 C25","m3",0.005,null,331,{"$nulls":5},1.65]
["人工单价",null,"小计",{"$nulls":6},51.49,null,901.92,15.53,32.68]
[null,null,"未计价材料费"]
["清单项目综合单价",{"$nulls":8},1001.62]
["材\n料\n费\n明\n细","主要材料名称、规格、型号",{"$nulls":4},"单位","数量",null,"单价（元）",null,"合价（元）","暂估单价\n（元）","暂估合价\n（元）"]
[null,"其他材料费",{"$nulls":7},"-",null,359.37,"-"]
[null,"材料费小计",{"$nulls":7},"-",null,359.37,"-"]
[]
[]
["注：1.如不使用省级或行业建设主管部门发布的计价依据，可不填定额编码、名称等；\n    2.招标文件提供了暂估单价的材料，按暂估的单价填入表内“暂估单价”栏及“暂估合价”栏。"]
[{"$nulls":10},"表-09"]
["综合单价分析表"]
["工程名称：建筑工程",{"$nulls":7},"标段：",null,"第 24 页  共 88 页"]
["项目编码",null,"010505007001",null,"项目名称","天沟(檐沟)、挑檐板",{"$nulls":3},"计量单位",null,"m3","工程量",0.6453]
["清单综合单价组成明细"]
["定额编号","定额项目名称","定额\n单位","数量","单价",{"$nulls":4},"合价"]
[{"$nulls":4},"人工费","材料费","机具费","管理费\n和利润",null,"人工费",null,"材料费","机具费","管理费\n和利润"]
["A1-5-32","现浇混凝土其他构件 天沟、挑檐","10m3",0.1,1976.73,5458.32,19.78,973.3,null,197.67,null,545.83,1.98,97.33]
["8021904","普通预拌混凝土 碎石粒径综合考虑 C25","m3",1.0101,null,331,{"$nulls":5},334.33]
["A1-5-51","泵送混凝土至建筑部位 高度50m以内(含±0.00以下)","10m3",0.1,16.24,40.29,141.4,76.85,null,1.62,null,4.03,14.14,7.69]
["8021904","普通预拌混凝土 碎石粒径综合考虑 C25","m3",0.005,null,331,{"$nulls":5},1.64]
["人工单价",null,"小计",{"$nulls":6},199.29,null,885.83,16.12,105.02]
[null,null,"未计价材料费"]
["清单项目综合单价",{"$nulls":8},1206.27]
["材\n料\n费\n明\n细","主要材料名称、规格、型号",{"$nulls":4},"单位","数量",null,"单价（元）",null,"合价（元）","暂估单价\n（元）","暂估合价\n（元）"]
[null,"其他材料费",{"$nulls":7},"-",null,343.27,"-"]
[null,"材料费小计",{"$nulls":7},"-",null,343.27,"-"]
[]
[]
["注：1.如不使用省级或行业建设主管部门发布的计价依据，可不填定额编码、名称等；\n    2.招标文件提供了暂估单价的材料，按暂估的单价填入表内“暂估单价”栏及“暂估合价”栏。"]
[{"$nulls":10},"表-09"]
["综合单价分析表"]
["工程名称：建筑工程",{"$nulls":7},"标段：",null,"第 25 页  共 88 页"]
["项目编码",null,"010505008001",null,"项目名称","雨篷、悬挑板、阳台板",{"$nulls":3},"计量单位",null,"m3","工程量"]
["清单综合单价组成明细"]
["定额编号","定额项目名称","定额\n单位","数量","单价",{"$nulls":4},"合价"]
[{"$nulls":4},"人工费","材料费","机具费","管理费\n和利润",null,"人工费",null,"材料费","机具费","管理费\n和利润"]
["A1-5-29","现浇混凝土其他构件 阳台、雨蓬","10m3",null,1804.56,5472.29,21.16,890.03]
["8021904","普通预拌混凝土 碎石粒径综合考虑 C25","m3",null,null,331]
["A1-5-51","泵送混凝土至建筑部位 高度50m以内(含±0.00以下)","10m3",null,16.24,40.29,141.4,76.85]
["8021904","普通预拌混凝土 碎石粒径综合考虑 C25","m3",null,null,331]
["人工单价",null,"小计"]
[null,null,"未计价材料费",{"$nulls":6},"IIF([分部分项和单价措施清单.GCL]=0,0,Fround([WJJCL]/[分部分项和单价措施清单.GCL],2))"]
["清单项目综合单价"]
["材\n料\n费\n明\n细","主要材料名称、规格、型号",{"$nulls":4},"单位","数量",null,"单价（元）",null,"合价（元）","暂估单价\n（元）","暂估合价\n（元）"]
[null,"其他材料费",{"$nulls":7},"-",null,null,"-"]
[null,"材料费小计",{"$nulls":7},"-",null,null,"-"]
[]
["注：1.如不使用省级或行业建设主管部门发布的计价依据，可不填定额编码、名称等；\n    2.招标文件提供了暂估单价的材料，按暂估的单价填入表内“暂估单价”栏及“暂估合价”栏。"]
[{"$nulls":10},"表-09"]
["综合单价分析表"]
["工程名称：建筑工程",{"$nulls":7},"标段：",null,"第 26 页  共 88 页"]
["项目编码",null,"010506001001",null,"项目名称","直形楼梯",{"$nulls":3},"计量单位",null,"m3","工程量",15.12]
["清单综合单价组成明细"]
["定额编号","定额项目名称","定额\n单位","数量","单价",{"$nulls":4},"合价"]
[{"$nulls":4},"人工费","材料费","机具费","管理费\n和利润",null,"人工费",null,"材料费","机具费","管理费\n和利润"]
["A1-5-21","现浇建筑物混凝土 直形楼梯","10m3",0.1,896.6,5655.83,19.78,446.74,null,89.66,null,565.58,1.98,44.67]
["8021904","普通预拌混凝土 碎石粒径综合考虑 C25","m3",1.01,null,331,{"$nulls":5},334.31]
["A1-5-51","泵送混凝土至建筑部位 高度50m以内(含±0.00以下)","10m3",0.1,16.24,40.29,141.4,76.85,null,1.62,null,4.03,14.14,7.69]
["8021904","普通预拌混凝土 碎石粒径综合考虑 C25","m3",0.005,null,331,{"$nulls":5},1.66]
["人工单价",null,"小计",{"$nulls":6},91.28,null,905.58,16.12,52.36]
[null,null,"未计价材料费"]
["清单项目综合单价",{"$nulls":8},1065.34]
["材\n料\n费\n明\n细","主要材料名称、规格、型号",{"$nulls":4},"单位","数量",null,"单价（元）",null,"合价（元）","暂估单价\n（元）","暂估合价\n（元）"]
[null,"其他材料费",{"$nulls":7},"-",null,363.02,"-"]
[null,"材料费小计",{"$nulls":7},"-",null,363.02,"-"]
[]
[]
["注：1.如不使用省级或行业建设主管部门发布的计价依据，可不填定额编码、名称等；\n    2.招标文件提供了暂估单价的材料，按暂估的单价填入表内“暂估单价”栏及“暂估合价”栏。"]
[{"$nulls":10},"表-09"]
["综合单价分析表"]
["工程名称：建筑工程",{"$nulls":7},"标段：",null,"第 27 页  共 88 页"]
["项目编码",null,"010506001002",null,"项目名称","直形楼梯",{"$nulls":3},"计量单位",null,"m3","工程量",7.857]
["清单综合单价组成明细"]
["定额编号","定额项目名称","定额\n单位","数量","单价",{"$nulls":4},"合价"]
[{"$nulls":4},"人工费","材料费","机具费","管理费\n和利润",null,"人工费",null,"材料费","机具费","管理费\n和利润"]
["A1-5-21","现浇建筑物混凝土 直形楼梯","10m3",0.1,896.6,5655.83,19.78,446.74,null,89.66,null,565.58,1.98,44.67]
["8021904","普通预拌混凝土 碎石粒径综合考虑 C25","m3",1.01,null,331,{"$nulls":5},334.31]
["A1-5-51","泵送混凝土至建筑部位 高度50m以内(含±0.00以下)","10m3",0.1,16.24,40.29,141.4,76.85,null,1.62,null,4.03,14.14,7.69]
["8021904","普通预拌混凝土 碎石粒径综合考虑 C25","m3",0.005,null,331,{"$nulls":5},1.66]
["人工单价",null,"小计",{"$nulls":6},91.28,null,905.58,16.12,52.36]
[null,null,"未计价材料费"]
["清单项目综合单价",{"$nulls":8},1065.34]
["材\n料\n费\n明\n细","主要材料名称、规格、型号",{"$nulls":4},"单位","数量",null,"单价（元）",null,"合价（元）","暂估单价\n（元）","暂估合价\n（元）"]
[null,"其他材料费",{"$nulls":7},"-",null,363.02,"-"]
[null,"材料费小计",{"$nulls":7},"-",null,363.02,"-"]
[]
[]
["注：1.如不使用省级或行业建设主管部门发布的计价依据，可不填定额编码、名称等；\n    2.招标文件提供了暂估单价的材料，按暂估的单价填入表内“暂估单价”栏及“暂估合价”栏。"]
[{"$nulls":10},"表-09"]
["综合单价分析表"]
["工程名称：建筑工程",{"$nulls":7},"标段：",null,"第 28 页  共 88 页"]
["项目编码",null,"010515001001",null,"项目名称","现浇构件钢筋",{"$nulls":3},"计量单位",null,"t","工程量",0.156]
["清单综合单价组成明细"]
["定额编号","定额项目名称","定额\n单位","数量","单价",{"$nulls":4},"合价"]
[{"$nulls":4},"人工费","材料费","机具费","管理费\n和利润",null,"人工费",null,"材料费","机具费","管理费\n和利润"]
["A1-5-102","现浇构件圆钢 φ10内","t",1,759.97,3692.19,27.01,383.66,null,759.97,null,3692.19,27.01,383.66]
["人工单价",null,"小计",{"$nulls":6},759.97,null,3692.19,27.01,383.66]
[null,null,"未计价材料费"]
["清单项目综合单价",{"$nulls":8},4862.83]
["材\n料\n费\n明\n细","主要材料名称、规格、型号",{"$nulls":4},"单位","数量",null,"单价（元）",null,"合价（元）","暂估单价\n（元）","暂估合价\n（元）"]
[null,"其他材料费",{"$nulls":7},"-",null,3691.82,"-"]
[null,"材料费小计",{"$nulls":7},"-",null,3691.82,"-"]
{"$rows_empty":8}
["注：1.如不使用省级或行业建设主管部门发布的计价依据，可不填定额编码、名称等；\n    2.招标文件提供了暂估单价的材料，按暂估的单价填入表内“暂估单价”栏及“暂估合价”栏。"]
[{"$nulls":10},"表-09"]
["综合单价分析表"]
["工程名称：建筑工程",{"$nulls":7},"标段：",null,"第 29 页  共 88 页"]
["项目编码",null,"010515001002",null,"项目名称","现浇构件钢筋",{"$nulls":3},"计量单位",null,"t","工程量",2.044]
["清单综合单价组成明细"]
["定额编号","定额项目名称","定额\n单位","数量","单价",{"$nulls":4},"合价"]
[{"$nulls":4},"人工费","材料费","机具费","管理费\n和利润",null,"人工费",null,"材料费","机具费","管理费\n和利润"]
["A1-5-106","现浇构件带肋钢筋 φ25以内","t",1,511.63,3718.55,46.62,272.15,null,511.63,null,3718.55,46.62,272.15]
["人工单价",null,"小计",{"$nulls":6},511.63,null,3718.55,46.62,272.15]
[null,null,"未计价材料费"]
["清单项目综合单价",{"$nulls":8},4548.95]
["材\n料\n费\n明\n细","主要材料名称、规格、型号",{"$nulls":4},"单位","数量",null,"单价（元）",null,"合价（元）","暂估单价\n（元）","暂估合价\n（元）"]
[null,"其他材料费",{"$nulls":7},"-",null,3718.56,"-"]
[null,"材料费小计",{"$nulls":7},"-",null,3718.56,"-"]
{"$rows_empty":8}
["注：1.如不使用省级或行业建设主管部门发布的计价依据，可不填定额编码、名称等；\n    2.招标文件提供了暂估单价的材料，按暂估的单价填入表内“暂估单价”栏及“暂估合价”栏。"]
[{"$nulls":10},"表-09"]
["综合单价分析表"]
["工程名称：建筑工程",{"$nulls":7},"标段：",null,"第 30 页  共 88 页"]
["项目编码",null,"010515001007",null,"项目名称","现浇构件钢筋",{"$nulls":3},"计量单位",null,"t","工程量",3.716]
["清单综合单价组成明细"]
["定额编号","定额项目名称","定额\n单位","数量","单价",{"$nulls":4},"合价"]
[{"$nulls":4},"人工费","材料费","机具费","管理费\n和利润",null,"人工费",null,"材料费","机具费","管理费\n和利润"]
["A1-5-106","现浇构件带肋钢筋 φ25以内","t",1,511.63,3718.55,46.62,272.15,null,511.63,null,3718.55,46.62,272.15]
["人工单价",null,"小计",{"$nulls":6},511.63,null,3718.55,46.62,272.15]
[null,null,"未计价材料费"]
["清单项目综合单价",{"$nulls":8},4548.95]
["材\n料\n费\n明\n细","主要材料名称、规格、型号",{"$nulls":4},"单位","数量",null,"单价（元）",null,"合价（元）","暂估单价\n（元）","暂估合价\n（元）"]
[null,"其他材料费",{"$nulls":7},"-",null,3718.56,"-"]
[null,"材料费小计",{"$nulls":7},"-",null,3718.56,"-"]
{"$rows_empty":8}
["注：1.如不使用省级或行业建设主管部门发布的计价依据，可不填定额编码、名称等；\n    2.招标文件提供了暂估单价的材料，按暂估的单价填入表内“暂估单价”栏及“暂估合价”栏。"]
[{"$nulls":10},"表-09"]
["综合单价分析表"]
["工程名称：建筑工程",{"$nulls":7},"标段：",null,"第 31 页  共 88 页"]
["项目编码",null,"010515001003",null,"项目名称","现浇构件钢筋",{"$nulls":3},"计量单位",null,"t","工程量",4.414]
["清单综合单价组成明细"]
["定额编号","定额项目名称","定额\n单位","数量","单价",{"$nulls":4},"合价"]
[{"$nulls":4},"人工费","材料费","机具费","管理费\n和利润",null,"人工费",null,"材料费","机具费","管理费\n和利润"]
["A1-5-105","现浇构件带肋钢筋 φ10以内","t",1,701.94,3855.53,27.75,355.73,null,701.94,null,3855.53,27.75,355.73]
["人工单价",null,"小计",{"$nulls":6},701.94,null,3855.53,27.75,355.73]
[null,null,"未计价材料费"]
["清单项目综合单价",{"$nulls":8},4940.95]
["材\n料\n费\n明\n细","主要材料名称、规格、型号",{"$nulls":4},"单位","数量",null,"单价（元）",null,"合价（元）","暂估单价\n（元）","暂估合价\n（元）"]
[null,"其他材料费",{"$nulls":7},"-",null,3855.53,"-"]
[null,"材料费小计",{"$nulls":7},"-",null,3855.53,"-"]
{"$rows_empty":8}
["注：1.如不使用省级或行业建设主管部门发布的计价依据，可不填定额编码、名称等；\n    2.招标文件提供了暂估单价的材料，按暂估的单价填入表内“暂估单价”栏及“暂估合价”栏。"]
[{"$nulls":10},"表-09"]
["综合单价分析表"]
["工程名称：建筑工程",{"$nulls":7},"标段：",null,"第 32 页  共 88 页"]
["项目编码",null,"010515001006",null,"项目名称","现浇构件钢筋",{"$nulls":3},"计量单位",null,"t","工程量",4.42]
["清单综合单价组成明细"]
["定额编号","定额项目名称","定额\n单位","数量","单价",{"$nulls":4},"合价"]
[{"$nulls":4},"人工费","材料费","机具费","管理费\n和利润",null,"人工费",null,"材料费","机具费","管理费\n和利润"]
["A1-5-105","现浇构件带肋钢筋 φ10以内","t",1,701.94,3855.53,27.75,355.73,null,701.94,null,3855.53,27.75,355.73]
["人工单价",null,"小计",{"$nulls":6},701.94,null,3855.53,27.75,355.73]
[null,null,"未计价材料费"]
["清单项目综合单价",{"$nulls":8},4940.95]
["材\n料\n费\n明\n细","主要材料名称、规格、型号",{"$nulls":4},"单位","数量",null,"单价（元）",null,"合价（元）","暂估单价\n（元）","暂估合价\n（元）"]
[null,"其他材料费",{"$nulls":7},"-",null,3855.53,"-"]
[null,"材料费小计",{"$nulls":7},"-",null,3855.53,"-"]
{"$rows_empty":8}
["注：1.如不使用省级或行业建设主管部门发布的计价依据，可不填定额编码、名称等；\n    2.招标文件提供了暂估单价的材料，按暂估的单价填入表内“暂估单价”栏及“暂估合价”栏。"]
[{"$nulls":10},"表-09"]
["综合单价分析表"]
["工程名称：建筑工程",{"$nulls":7},"标段：",null,"第 33 页  共 88 页"]
["项目编码",null,"010515001005",null,"项目名称","现浇构件钢筋",{"$nulls":3},"计量单位",null,"t","工程量",3.762]
["清单综合单价组成明细"]
["定额编号","定额项目名称","定额\n单位","数量","单价",{"$nulls":4},"合价"]
[{"$nulls":4},"人工费","材料费","机具费","管理费\n和利润",null,"人工费",null,"材料费","机具费","管理费\n和利润"]
["A1-5-113","现浇构件箍筋 带肋钢筋(HRB400内) φ10以内","t",1,1553.31,3871.94,56.29,784.68,null,1553.31,null,3871.94,56.29,784.68]
["人工单价",null,"小计",{"$nulls":6},1553.31,null,3871.94,56.29,784.68]
[null,null,"未计价材料费"]
["清单项目综合单价",{"$nulls":8},6266.22]
["材\n料\n费\n明\n细","主要材料名称、规格、型号",{"$nulls":4},"单位","数量",null,"单价（元）",null,"合价（元）","暂估单价\n（元）","暂估合价\n（元）"]
[null,"其他材料费",{"$nulls":7},"-",null,3871.94,"-"]
[null,"材料费小计",{"$nulls":7},"-",null,3871.94,"-"]
{"$rows_empty":8}
["注：1.如不使用省级或行业建设主管部门发布的计价依据，可不填定额编码、名称等；\n    2.招标文件提供了暂估单价的材料，按暂估的单价填入表内“暂估单价”栏及“暂估合价”栏。"]
[{"$nulls":10},"表-09"]
["综合单价分析表"]
["工程名称：建筑工程",{"$nulls":7},"标段：",null,"第 34 页  共 88 页"]
["项目编码",null,"010801001001",null,"项目名称","木质门",{"$nulls":3},"计量单位",null,"m2","工程量",6.24]
["清单综合单价组成明细"]
["定额编号","定额项目名称","定额\n单位","数量","单价",{"$nulls":4},"合价"]
[{"$nulls":4},"人工费","材料费","机具费","管理费\n和利润",null,"人工费",null,"材料费","机具费","管理费\n和利润"]
["MC1-12","杉木镶板门框扇 单扇","m2",1,null,180,{"$nulls":5},180]
["A1-9-7","无纱镶板门、胶合板门安装 无亮 单扇","100m2",0.01,1845,2321.69,1.47,639.98,null,18.45,null,23.22,0.01,6.4]
["人工单价",null,"小计",{"$nulls":6},18.45,null,203.22,0.01,6.4]
[null,null,"未计价材料费"]
["清单项目综合单价",{"$nulls":8},228.08]
["材\n料\n费\n明\n细","主要材料名称、规格、型号",{"$nulls":4},"单位","数量",null,"单价（元）",null,"合价（元）","暂估单价\n（元）","暂估合价\n（元）"]
[null,"其他材料费",{"$nulls":7},"-",null,203.21,"-"]
[null,"材料费小计",{"$nulls":7},"-",null,203.21,"-"]
{"$rows_empty":7}
["注：1.如不使用省级或行业建设主管部门发布的计价依据，可不填定额编码、名称等；\n    2.招标文件提供了暂估单价的材料，按暂估的单价填入表内“暂估单价”栏及“暂估合价”栏。"]
[{"$nulls":10},"表-09"]
["综合单价分析表"]
["工程名称：建筑工程",{"$nulls":7},"标段：",null,"第 35 页  共 88 页"]
["项目编码",null,"010801001002",null,"项目名称","木质门",{"$nulls":3},"计量单位",null,"m2","工程量",23.4]
["清单综合单价组成明细"]
["定额编号","定额项目名称","定额\n单位","数量","单价",{"$nulls":4},"合价"]
[{"$nulls":4},"人工费","材料费","机具费","管理费\n和利润",null,"人工费",null,"材料费","机具费","管理费\n和利润"]
["MC1-12","杉木镶板门框扇 单扇","m2",1,null,180,{"$nulls":5},180]
["A1-9-7","无纱镶板门、胶合板门安装 无亮 单扇","100m2",0.01,1845,2321.69,1.47,639.98,null,18.45,null,23.22,0.01,6.4]
["人工单价",null,"小计",{"$nulls":6},18.45,null,203.22,0.01,6.4]
[null,null,"未计价材料费"]
["清单项目综合单价",{"$nulls":8},228.08]
["材\n料\n费\n明\n细","主要材料名称、规格、型号",{"$nulls":4},"单位","数量",null,"单价（元）",null,"合价（元）","暂估单价\n（元）","暂估合价\n（元）"]
[null,"其他材料费",{"$nulls":7},"-",null,203.21,"-"]
[null,"材料费小计",{"$nulls":7},"-",null,203.21,"-"]
{"$rows_empty":7}
["注：1.如不使用省级或行业建设主管部门发布的计价依据，可不填定额编码、名称等；\n    2.招标文件提供了暂估单价的材料，按暂估的单价填入表内“暂估单价”栏及“暂估合价”栏。"]
[{"$nulls":10},"表-09"]
["综合单价分析表"]
["工程名称：建筑工程",{"$nulls":7},"标段：",null,"第 36 页  共 88 页"]
["项目编码",null,"010801001003",null,"项目名称","木质门",{"$nulls":3},"计量单位",null,"m2","工程量",3.9]
["清单综合单价组成明细"]
["定额编号","定额项目名称","定额\n单位","数量","单价",{"$nulls":4},"合价"]
[{"$nulls":4},"人工费","材料费","机具费","管理费\n和利润",null,"人工费",null,"材料费","机具费","管理费\n和利润"]
["A1-9-8","无纱镶板门、胶合板门安装 无亮 双扇","100m2",0.01,2368.37,1538.22,0.74,821.13,null,23.68,null,15.38,0.01,8.21]
["MC1-38","成品推拉门扇","m2",1,null,350,{"$nulls":5},350]
["人工单价",null,"小计",{"$nulls":6},23.68,null,365.38,0.01,8.21]
[null,null,"未计价材料费"]
["清单项目综合单价",{"$nulls":8},397.28]
["材\n料\n费\n明\n细","主要材料名称、规格、型号",{"$nulls":4},"单位","数量",null,"单价（元）",null,"合价（元）","暂估单价\n（元）","暂估合价\n（元）"]
[null,"其他材料费",{"$nulls":7},"-",null,365.43,"-"]
[null,"材料费小计",{"$nulls":7},"-",null,365.44,"-"]
{"$rows_empty":7}
["注：1.如不使用省级或行业建设主管部门发布的计价依据，可不填定额编码、名称等；\n    2.招标文件提供了暂估单价的材料，按暂估的单价填入表内“暂估单价”栏及“暂估合价”栏。"]
[{"$nulls":10},"表-09"]
["综合单价分析表"]
["工程名称：建筑工程",{"$nulls":7},"标段：",null,"第 37 页  共 88 页"]
["项目编码",null,"010801001004",null,"项目名称","木质门",{"$nulls":3},"计量单位",null,"m2","工程量",6.24]
["清单综合单价组成明细"]
["定额编号","定额项目名称","定额\n单位","数量","单价",{"$nulls":4},"合价"]
[{"$nulls":4},"人工费","材料费","机具费","管理费\n和利润",null,"人工费",null,"材料费","机具费","管理费\n和利润"]
["MC1-38","成品推拉门扇","m2",1,null,350,{"$nulls":5},350]
["A1-9-8","无纱镶板门、胶合板门安装 无亮 双扇","100m2",0.01,2368.37,1538.22,0.74,821.13,null,23.68,null,15.38,0.01,8.21]
["人工单价",null,"小计",{"$nulls":6},23.68,null,365.38,0.01,8.21]
[null,null,"未计价材料费"]
["清单项目综合单价",{"$nulls":8},397.28]
["材\n料\n费\n明\n细","主要材料名称、规格、型号",{"$nulls":4},"单位","数量",null,"单价（元）",null,"合价（元）","暂估单价\n（元）","暂估合价\n（元）"]
[null,"其他材料费",{"$nulls":7},"-",null,365.43,"-"]
[null,"材料费小计",{"$nulls":7},"-",null,365.44,"-"]
{"$rows_empty":7}
["注：1.如不使用省级或行业建设主管部门发布的计价依据，可不填定额编码、名称等；\n    2.招标文件提供了暂估单价的材料，按暂估的单价填入表内“暂估单价”栏及“暂估合价”栏。"]
[{"$nulls":10},"表-09"]
["综合单价分析表"]
["工程名称：建筑工程",{"$nulls":7},"标段：",null,"第 38 页  共 88 页"]
["项目编码",null,"010801001005",null,"项目名称","木质门",{"$nulls":3},"计量单位",null,"m2","工程量",11.52]
["清单综合单价组成明细"]
["定额编号","定额项目名称","定额\n单位","数量","单价",{"$nulls":4},"合价"]
[{"$nulls":4},"人工费","材料费","机具费","管理费\n和利润",null,"人工费",null,"材料费","机具费","管理费\n和利润"]
["A1-9-8","无纱镶板门、胶合板门安装 无亮 双扇","100m2",0.01,2368.37,1538.22,0.74,821.13,null,23.68,null,15.38,0.01,8.21]
["MC1-38","成品推拉门扇","m2",1,null,350,{"$nulls":5},350]
["人工单价",null,"小计",{"$nulls":6},23.68,null,365.38,0.01,8.21]
[null,null,"未计价材料费"]
["清单项目综合单价",{"$nulls":8},397.28]
["材\n料\n费\n明\n细","主要材料名称、规格、型号",{"$nulls":4},"单位","数量",null,"单价（元）",null,"合价（元）","暂估单价\n（元）","暂估合价\n（元）"]
[null,"其他材料费",{"$nulls":7},"-",null,365.43,"-"]
[null,"材料费小计",{"$nulls":7},"-",null,365.44,"-"]
{"$rows_empty":7}
["注：1.如不使用省级或行业建设主管部门发布的计价依据，可不填定额编码、名称等；\n    2.招标文件提供了暂估单价的材料，按暂估的单价填入表内“暂估单价”栏及“暂估合价”栏。"]
[{"$nulls":10},"表-09"]
["综合单价分析表"]
["工程名称：建筑工程",{"$nulls":7},"标段：",null,"第 39 页  共 88 页"]
["项目编码",null,"010801001006",null,"项目名称","木质门",{"$nulls":3},"计量单位",null,"m2","工程量",4.86]
["清单综合单价组成明细"]
["定额编号","定额项目名称","定额\n单位","数量","单价",{"$nulls":4},"合价"]
[{"$nulls":4},"人工费","材料费","机具费","管理费\n和利润",null,"人工费",null,"材料费","机具费","管理费\n和利润"]
["A1-9-8","无纱镶板门、胶合板门安装 无亮 双扇","100m2",0.01,2368.37,1538.22,0.74,821.13,null,23.68,null,15.38,0.01,8.21]
["MC1-13","杉木镶板门框扇 双扇","m2",1,null,180,{"$nulls":5},180]
["人工单价",null,"小计",{"$nulls":6},23.68,null,195.38,0.01,8.21]
[null,null,"未计价材料费"]
["清单项目综合单价",{"$nulls":8},227.28]
["材\n料\n费\n明\n细","主要材料名称、规格、型号",{"$nulls":4},"单位","数量",null,"单价（元）",null,"合价（元）","暂估单价\n（元）","暂估合价\n（元）"]
[null,"其他材料费",{"$nulls":7},"-",null,195.43,"-"]
[null,"材料费小计",{"$nulls":7},"-",null,195.44,"-"]
{"$rows_empty":7}
["注：1.如不使用省级或行业建设主管部门发布的计价依据，可不填定额编码、名称等；\n    2.招标文件提供了暂估单价的材料，按暂估的单价填入表内“暂估单价”栏及“暂估合价”栏。"]
[{"$nulls":10},"表-09"]
["综合单价分析表"]
["工程名称：建筑工程",{"$nulls":7},"标段：",null,"第 40 页  共 88 页"]
["项目编码",null,"010807001001",null,"项目名称","金属(塑钢、断桥)窗",{"$nulls":3},"计量单位",null,"m2","工程量",40.89]
["清单综合单价组成明细"]
["定额编号","定额项目名称","定额\n单位","数量","单价",{"$nulls":4},"合价"]
[{"$nulls":4},"人工费","材料费","机具费","管理费\n和利润",null,"人工费",null,"材料费","机具费","管理费\n和利润"]
["A1-9-181","塑钢窗安装 推拉","100m2",0.01,2790.65,11450.06,null,967.24,null,27.91,null,114.5,null,9.67]
["MC1-61","塑钢窗 推拉","m2",1,null,320,{"$nulls":5},320]
["人工单价",null,"小计",{"$nulls":6},27.91,null,434.5,null,9.67]
[null,null,"未计价材料费"]
["清单项目综合单价",{"$nulls":8},472.08]
["材\n料\n费\n明\n细","主要材料名称、规格、型号",{"$nulls":4},"单位","数量",null,"单价（元）",null,"合价（元）","暂估单价\n（元）","暂估合价\n（元）"]
[null,"其他材料费",{"$nulls":7},"-",null,434.51,"-"]
[null,"材料费小计",{"$nulls":7},"-",null,434.51,"-"]
{"$rows_empty":7}
["注：1.如不使用省级或行业建设主管部门发布的计价依据，可不填定额编码、名称等；\n    2.招标文件提供了暂估单价的材料，按暂估的单价填入表内“暂估单价”栏及“暂估合价”栏。"]
[{"$nulls":10},"表-09"]
["综合单价分析表"]
["工程名称：建筑工程",{"$nulls":7},"标段：",null,"第 41 页  共 88 页"]
["项目编码",null,"010807001002",null,"项目名称","金属(塑钢、断桥)窗",{"$nulls":3},"计量单位",null,"m2","工程量",19.44]
["清单综合单价组成明细"]
["定额编号","定额项目名称","定额\n单位","数量","单价",{"$nulls":4},"合价"]
[{"$nulls":4},"人工费","材料费","机具费","管理费\n和利润",null,"人工费",null,"材料费","机具费","管理费\n和利润"]
["A1-9-181","塑钢窗安装 推拉","100m2",0.01,2790.65,11450.06,null,967.24,null,27.91,null,114.5,null,9.67]
["MC1-61","塑钢窗 推拉","m2",1,null,320,{"$nulls":5},320]
["人工单价",null,"小计",{"$nulls":6},27.91,null,434.5,null,9.67]
[null,null,"未计价材料费"]
["清单项目综合单价",{"$nulls":8},472.08]
["材\n料\n费\n明\n细","主要材料名称、规格、型号",{"$nulls":4},"单位","数量",null,"单价（元）",null,"合价（元）","暂估单价\n（元）","暂估合价\n（元）"]
[null,"其他材料费",{"$nulls":7},"-",null,434.51,"-"]
[null,"材料费小计",{"$nulls":7},"-",null,434.51,"-"]
{"$rows_empty":7}
["注：1.如不使用省级或行业建设主管部门发布的计价依据，可不填定额编码、名称等；\n    2.招标文件提供了暂估单价的材料，按暂估的单价填入表内“暂估单价”栏及“暂估合价”栏。"]
[{"$nulls":10},"表-09"]
["综合单价分析表"]
["工程名称：建筑工程",{"$nulls":7},"标段：",null,"第 42 页  共 88 页"]
["项目编码",null,"010807001003",null,"项目名称","金属(塑钢、断桥)窗",{"$nulls":3},"计量单位",null,"m2","工程量",21.6]
["清单综合单价组成明细"]
["定额编号","定额项目名称","定额\n单位","数量","单价",{"$nulls":4},"合价"]
[{"$nulls":4},"人工费","材料费","机具费","管理费\n和利润",null,"人工费",null,"材料费","机具费","管理费\n和利润"]
["A1-9-181","塑钢窗安装 推拉","100m2",0.01,2790.65,11450.06,null,967.24,null,27.91,null,114.5,null,9.67]
["MC1-61","塑钢窗 推拉","m2",1,null,320,{"$nulls":5},320]
["人工单价",null,"小计",{"$nulls":6},27.91,null,434.5,null,9.67]
[null,null,"未计价材料费"]
["清单项目综合单价",{"$nulls":8},472.08]
["材\n料\n费\n明\n细","主要材料名称、规格、型号",{"$nulls":4},"单位","数量",null,"单价（元）",null,"合价（元）","暂估单价\n（元）","暂估合价\n（元）"]
[null,"其他材料费",{"$nulls":7},"-",null,434.51,"-"]
[null,"材料费小计",{"$nulls":7},"-",null,434.51,"-"]
{"$rows_empty":7}
["注：1.如不使用省级或行业建设主管部门发布的计价依据，可不填定额编码、名称等；\n    2.招标文件提供了暂估单价的材料，按暂估的单价填入表内“暂估单价”栏及“暂估合价”栏。"]
[{"$nulls":10},"表-09"]
["综合单价分析表"]
["工程名称：建筑工程",{"$nulls":7},"标段：",null,"第 43 页  共 88 页"]
["项目编码",null,"010807001004",null,"项目名称","金属(塑钢、断桥)窗",{"$nulls":3},"计量单位",null,"m2","工程量",3.24]
["清单综合单价组成明细"]
["定额编号","定额项目名称","定额\n单位","数量","单价",{"$nulls":4},"合价"]
[{"$nulls":4},"人工费","材料费","机具费","管理费\n和利润",null,"人工费",null,"材料费","机具费","管理费\n和利润"]
["A1-9-181","塑钢窗安装 推拉","100m2",0.01,2790.65,11450.06,null,967.24,null,27.91,null,114.5,null,9.67]
["MC1-61","塑钢窗 推拉","m2",1,null,320,{"$nulls":5},320]
["人工单价",null,"小计",{"$nulls":6},27.91,null,434.5,null,9.67]
[null,null,"未计价材料费"]
["清单项目综合单价",{"$nulls":8},472.08]
["材\n料\n费\n明\n细","主要材料名称、规格、型号",{"$nulls":4},"单位","数量",null,"单价（元）",null,"合价（元）","暂估单价\n（元）","暂估合价\n（元）"]
[null,"其他材料费",{"$nulls":7},"-",null,434.51,"-"]
[null,"材料费小计",{"$nulls":7},"-",null,434.51,"-"]
{"$rows_empty":7}
["注：1.如不使用省级或行业建设主管部门发布的计价依据，可不填定额编码、名称等；\n    2.招标文件提供了暂估单价的材料，按暂估的单价填入表内“暂估单价”栏及“暂估合价”栏。"]
[{"$nulls":10},"表-09"]
["综合单价分析表"]
["工程名称：建筑工程",{"$nulls":7},"标段：",null,"第 44 页  共 88 页"]
["项目编码",null,"010807001005",null,"项目名称","金属(塑钢、断桥)窗",{"$nulls":3},"计量单位",null,"m2","工程量",9.72]
["清单综合单价组成明细"]
["定额编号","定额项目名称","定额\n单位","数量","单价",{"$nulls":4},"合价"]
[{"$nulls":4},"人工费","材料费","机具费","管理费\n和利润",null,"人工费",null,"材料费","机具费","管理费\n和利润"]
["A1-9-181","塑钢窗安装 推拉","100m2",0.01,2790.65,11450.06,null,967.24,null,27.91,null,114.5,null,9.67]
["MC1-61","塑钢窗 推拉","m2",1,null,320,{"$nulls":5},320]
["人工单价",null,"小计",{"$nulls":6},27.91,null,434.5,null,9.67]
[null,null,"未计价材料费"]
["清单项目综合单价",{"$nulls":8},472.08]
["材\n料\n费\n明\n细","主要材料名称、规格、型号",{"$nulls":4},"单位","数量",null,"单价（元）",null,"合价（元）","暂估单价\n（元）","暂估合价\n（元）"]
[null,"其他材料费",{"$nulls":7},"-",null,434.51,"-"]
[null,"材料费小计",{"$nulls":7},"-",null,434.51,"-"]
{"$rows_empty":7}
["注：1.如不使用省级或行业建设主管部门发布的计价依据，可不填定额编码、名称等；\n    2.招标文件提供了暂估单价的材料，按暂估的单价填入表内“暂估单价”栏及“暂估合价”栏。"]
[{"$nulls":10},"表-09"]
["综合单价分析表"]
["工程名称：建筑工程",{"$nulls":7},"标段：",null,"第 45 页  共 88 页"]
["项目编码",null,"010901001001",null,"项目名称","瓦屋面",{"$nulls":3},"计量单位",null,"m2","工程量",148.3824]
["清单综合单价组成明细"]
["定额编号","定额项目名称","定额\n单位","数量","单价",{"$nulls":4},"合价"]
[{"$nulls":4},"人工费","材料费","机具费","管理费\n和利润",null,"人工费",null,"材料费","机具费","管理费\n和利润"]
["A1-10-1","铺于木檩条木桷板土瓦屋面 单层瓦 抹脚瓦 搭七留三","100m2",0.01,2890.47,5195.48,null,996.05,null,28.9,null,51.95,null,9.96]
["人工单价",null,"小计",{"$nulls":6},28.9,null,51.95,null,9.96]
[null,null,"未计价材料费"]
["清单项目综合单价",{"$nulls":8},90.82]
["材\n料\n费\n明\n细","主要材料名称、规格、型号",{"$nulls":4},"单位","数量",null,"单价（元）",null,"合价（元）","暂估单价\n（元）","暂估合价\n（元）"]
[null,"其他材料费",{"$nulls":7},"-",null,51.95,"-"]
[null,"材料费小计",{"$nulls":7},"-",null,51.95,"-"]
{"$rows_empty":7}
["注：1.如不使用省级或行业建设主管部门发布的计价依据，可不填定额编码、名称等；\n    2.招标文件提供了暂估单价的材料，按暂估的单价填入表内“暂估单价”栏及“暂估合价”栏。"]
[{"$nulls":10},"表-09"]
["综合单价分析表"]
["工程名称：建筑工程",{"$nulls":7},"标段：",null,"第 46 页  共 88 页"]
["项目编码",null,"011107002001",null,"项目名称","块料台阶面",{"$nulls":3},"计量单位",null,"m2","工程量",2.6875]
["清单综合单价组成明细"]
["定额编号","定额项目名称","定额\n单位","数量","单价",{"$nulls":4},"合价"]
[{"$nulls":4},"人工费","材料费","机具费","管理费\n和利润",null,"人工费",null,"材料费","机具费","管理费\n和利润"]
["A1-12-5","水泥砂浆找平层 台阶 20mm","100m2",0.01,2293.43,70.1,null,865.32,null,22.93,null,0.7,null,8.65]
["80090420","干混抹灰砂浆(配合比) DP M5","m3",0.0302,38.52,398.94,20.13,22.13,null,1.16,null,12.04,0.61,0.67]
["人工单价",null,"小计",{"$nulls":6},24.09,null,12.74,0.61,9.32]
[null,null,"未计价材料费"]
["清单项目综合单价",{"$nulls":8},46.76]
["材\n料\n费\n明\n细","主要材料名称、规格、型号",{"$nulls":4},"单位","数量",null,"单价（元）",null,"合价（元）","暂估单价\n（元）","暂估合价\n（元）"]
[null,"其他材料费",{"$nulls":7},"-",null,12.75,"-"]
[null,"材料费小计",{"$nulls":7},"-",null,12.75,"-"]
[]
[]
[]
[]
[]
[]
["注：1.如不使用省级或行业建设主管部门发布的计价依据，可不填定额编码、名称等；\n    2.招标文件提供了暂估单价的材料，按暂估的单价填入表内“暂估单价”栏及“暂估合价”栏。"]
[{"$nulls":10},"表-09"]
["综合单价分析表"]
["工程名称：建筑工程",{"$nulls":7},"标段：",null,"第 47 页  共 88 页"]
["项目编码",null,"011503008001",null,"项目名称","玻璃栏板",{"$nulls":3},"计量单位",null,"m","工程量",13.3067]
["清单综合单价组成明细"]
["定额编号","定额项目名称","定额\n单位","数量","单价",{"$nulls":4},"合价"]
[{"$nulls":4},"人工费","材料费","机具费","管理费\n和利润",null,"人工费",null,"材料费","机具费","管理费\n和利润"]
["A1-16-134","不锈钢立柱玻璃栏板","100m",0.01,7835.78,66167.61,515.16,2845.17,null,78.36,null,661.68,5.15,28.45]
["人工单价",null,"小计",{"$nulls":6},78.36,null,661.68,5.15,28.45]
[null,null,"未计价材料费"]
["清单项目综合单价",{"$nulls":8},773.64]
["材\n料\n费\n明\n细","主要材料名称、规格、型号",{"$nulls":4},"单位","数量",null,"单价（元）",null,"合价（元）","暂估单价\n（元）","暂估合价\n（元）"]
[null,"其他材料费",{"$nulls":7},"-",null,661.66,"-"]
[null,"材料费小计",{"$nulls":7},"-",null,661.66,"-"]
{"$rows_empty":8}
["注：1.如不使用省级或行业建设主管部门发布的计价依据，可不填定额编码、名称等；\n    2.招标文件提供了暂估单价的材料，按暂估的单价填入表内“暂估单价”栏及“暂估合价”栏。"]
[{"$nulls":10},"表-09"]
["综合单价分析表"]
["工程名称：建筑工程",{"$nulls":7},"标段：",null,"第 48 页  共 88 页"]
["项目编码",null,"粤011701008001",null,"项目名称","综合钢脚手架",{"$nulls":3},"计量单位",null,"m2","工程量",301.092]
["清单综合单价组成明细"]
["定额编号","定额项目名称","定额\n单位","数量","单价",{"$nulls":4},"合价"]
[{"$nulls":4},"人工费","材料费","机具费","管理费\n和利润",null,"人工费",null,"材料费","机具费","管理费\n和利润"]
["A1-21-1","综合钢脚手架搭拆 高度(m以内) 4.5","100m2",0.01,721.65,141.37,103.12,292.13,null,7.22,null,1.41,1.03,2.92]
["人工单价",null,"小计",{"$nulls":6},7.22,null,1.41,1.03,2.92]
[null,null,"未计价材料费"]
["清单项目综合单价",{"$nulls":8},12.58]
["材\n料\n费\n明\n细","主要材料名称、规格、型号",{"$nulls":4},"单位","数量",null,"单价（元）",null,"合价（元）","暂估单价\n（元）","暂估合价\n（元）"]
[null,"其他材料费",{"$nulls":7},"-",null,1.42,"-"]
[null,"材料费小计",{"$nulls":7},"-",null,1.42,"-"]
{"$rows_empty":8}
["注：1.如不使用省级或行业建设主管部门发布的计价依据，可不填定额编码、名称等；\n    2.招标文件提供了暂估单价的材料，按暂估的单价填入表内“暂估单价”栏及“暂估合价”栏。"]
[{"$nulls":10},"表-09"]
["综合单价分析表"]
["工程名称：建筑工程",{"$nulls":7},"标段：",null,"第 49 页  共 88 页"]
["项目编码",null,"粤011701008002",null,"项目名称","综合钢脚手架",{"$nulls":3},"计量单位",null,"m2","工程量",161.6]
["清单综合单价组成明细"]
["定额编号","定额项目名称","定额\n单位","数量","单价",{"$nulls":4},"合价"]
[{"$nulls":4},"人工费","材料费","机具费","管理费\n和利润",null,"人工费",null,"材料费","机具费","管理费\n和利润"]
["A1-21-1","综合钢脚手架搭拆 高度(m以内) 4.5","100m2",0.01,721.65,141.37,103.12,292.13,null,7.22,null,1.41,1.03,2.92]
["A1-21-22","建筑用综合脚手架使用费","100m2·10天",0.005,55.93,115.62,6.07,21.96,null,0.28,null,0.58,0.03,0.11]
["人工单价",null,"小计",{"$nulls":6},7.5,null,1.99,1.06,3.03]
[null,null,"未计价材料费"]
["清单项目综合单价",{"$nulls":8},13.58]
["材\n料\n费\n明\n细","主要材料名称、规格、型号",{"$nulls":4},"单位","数量",null,"单价（元）",null,"合价（元）","暂估单价\n（元）","暂估合价\n（元）"]
[null,"其他材料费",{"$nulls":7},"-",null,1.97,"-"]
[null,"材料费小计",{"$nulls":7},"-",null,1.97,"-"]
[]
[]
[]
[]
[]
[]
["注：1.如不使用省级或行业建设主管部门发布的计价依据，可不填定额编码、名称等；\n    2.招标文件提供了暂估单价的材料，按暂估的单价填入表内“暂估单价”栏及“暂估合价”栏。"]
[{"$nulls":10},"表-09"]
["综合单价分析表"]
["工程名称：建筑工程",{"$nulls":7},"标段：",null,"第 50 页  共 88 页"]
["项目编码",null,"011702001001",null,"项目名称","基础",{"$nulls":3},"计量单位",null,"m2","工程量",31.049]
["清单综合单价组成明细"]
["定额编号","定额项目名称","定额\n单位","数量","单价",{"$nulls":4},"合价"]
[{"$nulls":4},"人工费","材料费","机具费","管理费\n和利润",null,"人工费",null,"材料费","机具费","管理费\n和利润"]
["A1-20-1","带形基础模板 无筋","100m2",0.01,2018.12,2133.34,167.71,1013.14,null,20.18,null,21.33,1.68,10.13]
["人工单价",null,"小计",{"$nulls":6},20.18,null,21.33,1.68,10.13]
[null,null,"未计价材料费"]
["清单项目综合单价",{"$nulls":8},53.32]
["材\n料\n费\n明\n细","主要材料名称、规格、型号",{"$nulls":4},"单位","数量",null,"单价（元）",null,"合价（元）","暂估单价\n（元）","暂估合价\n（元）"]
[null,"其他材料费",{"$nulls":7},"-",null,21.32,"-"]
[null,"材料费小计",{"$nulls":7},"-",null,21.32,"-"]
{"$rows_empty":8}
["注：1.如不使用省级或行业建设主管部门发布的计价依据，可不填定额编码、名称等；\n    2.招标文件提供了暂估单价的材料，按暂估的单价填入表内“暂估单价”栏及“暂估合价”栏。"]
[{"$nulls":10},"表-09"]
["综合单价分析表"]
["工程名称：建筑工程",{"$nulls":7},"标段：",null,"第 51 页  共 88 页"]
["项目编码",null,"011702001002",null,"项目名称","基础",{"$nulls":3},"计量单位",null,"m2","工程量",14.72]
["清单综合单价组成明细"]
["定额编号","定额项目名称","定额\n单位","数量","单价",{"$nulls":4},"合价"]
[{"$nulls":4},"人工费","材料费","机具费","管理费\n和利润",null,"人工费",null,"材料费","机具费","管理费\n和利润"]
["A1-20-1","带形基础模板 无筋","100m2",0.01,2018.12,2133.34,167.71,1013.14,null,20.18,null,21.33,1.68,10.13]
["人工单价",null,"小计",{"$nulls":6},20.18,null,21.33,1.68,10.13]
[null,null,"未计价材料费"]
["清单项目综合单价",{"$nulls":8},53.32]
["材\n料\n费\n明\n细","主要材料名称、规格、型号",{"$nulls":4},"单位","数量",null,"单价（元）",null,"合价（元）","暂估单价\n（元）","暂估合价\n（元）"]
[null,"其他材料费",{"$nulls":7},"-",null,21.32,"-"]
[null,"材料费小计",{"$nulls":7},"-",null,21.32,"-"]
{"$rows_empty":8}
["注：1.如不使用省级或行业建设主管部门发布的计价依据，可不填定额编码、名称等；\n    2.招标文件提供了暂估单价的材料，按暂估的单价填入表内“暂估单价”栏及“暂估合价”栏。"]
[{"$nulls":10},"表-09"]
["综合单价分析表"]
["工程名称：建筑工程",{"$nulls":7},"标段：",null,"第 52 页  共 88 页"]
["项目编码",null,"粤011701012001",null,"项目名称","活动脚手架",{"$nulls":3},"计量单位",null,"m2","工程量",394.4994]
["清单综合单价组成明细"]
["定额编号","定额项目名称","定额\n单位","数量","单价",{"$nulls":4},"合价"]
[{"$nulls":4},"人工费","材料费","机具费","管理费\n和利润",null,"人工费",null,"材料费","机具费","管理费\n和利润"]
["A1-21-136","墙柱面活动脚手架","100m2",0.01,170.68,null,null,60.46,null,1.71,{"$nulls":3},0.6]
["人工单价",null,"小计",{"$nulls":6},1.71,{"$nulls":3},0.6]
[null,null,"未计价材料费"]
["清单项目综合单价",{"$nulls":8},2.31]
["材\n料\n费\n明\n细","主要材料名称、规格、型号",{"$nulls":4},"单位","数量",null,"单价（元）",null,"合价（元）","暂估单价\n（元）","暂估合价\n（元）"]
{"$rows_empty":8}
["注：1.如不使用省级或行业建设主管部门发布的计价依据，可不填定额编码、名称等；\n    2.招标文件提供了暂估单价的材料，按暂估的单价填入表内“暂估单价”栏及“暂估合价”栏。"]
[{"$nulls":10},"表-09"]
["综合单价分析表"]
["工程名称：建筑工程",{"$nulls":7},"标段：",null,"第 53 页  共 88 页"]
["项目编码",null,"011703001001",null,"项目名称","垂直运输",{"$nulls":3},"计量单位",null,"m2","工程量",394.4994]
["清单综合单价组成明细"]
["定额编号","定额项目名称","定额\n单位","数量","单价",{"$nulls":4},"合价"]
[{"$nulls":4},"人工费","材料费","机具费","管理费\n和利润",null,"人工费",null,"材料费","机具费","管理费\n和利润"]
["A1-22-1","建筑物20m以内的垂直运输 混合结构","100m2",{"$nulls":3},2159.95,801.56]
["人工单价",null,"小计"]
[null,null,"未计价材料费"]
["清单项目综合单价"]
["材\n料\n费\n明\n细","主要材料名称、规格、型号",{"$nulls":4},"单位","数量",null,"单价（元）",null,"合价（元）","暂估单价\n（元）","暂估合价\n（元）"]
{"$rows_empty":8}
["注：1.如不使用省级或行业建设主管部门发布的计价依据，可不填定额编码、名称等；\n    2.招标文件提供了暂估单价的材料，按暂估的单价填入表内“暂估单价”栏及“暂估合价”栏。"]
[{"$nulls":10},"表-09"]
["综合单价分析表"]
["工程名称：建筑工程",{"$nulls":7},"标段：",null,"第 54 页  共 88 页"]
["项目编码",null,"011702002001",null,"项目名称","矩形柱",{"$nulls":3},"计量单位",null,"m2","工程量",34.296]
["清单综合单价组成明细"]
["定额编号","定额项目名称","定额\n单位","数量","单价",{"$nulls":4},"合价"]
[{"$nulls":4},"人工费","材料费","机具费","管理费\n和利润",null,"人工费",null,"材料费","机具费","管理费\n和利润"]
["A1-20-15","矩形柱模板(周长m) 支模高度3.6m内 1.8内","100m2",0.01,3017.28,1250.25,193.94,1488.4,null,30.17,null,12.5,1.94,14.88]
["人工单价",null,"小计",{"$nulls":6},30.17,null,12.5,1.94,14.88]
[null,null,"未计价材料费"]
["清单项目综合单价",{"$nulls":8},59.5]
["材\n料\n费\n明\n细","主要材料名称、规格、型号",{"$nulls":4},"单位","数量",null,"单价（元）",null,"合价（元）","暂估单价\n（元）","暂估合价\n（元）"]
[null,"其他材料费",{"$nulls":7},"-",null,12.54,"-"]
[null,"材料费小计",{"$nulls":7},"-",null,12.54,"-"]
{"$rows_empty":8}
["注：1.如不使用省级或行业建设主管部门发布的计价依据，可不填定额编码、名称等；\n    2.招标文件提供了暂估单价的材料，按暂估的单价填入表内“暂估单价”栏及“暂估合价”栏。"]
[{"$nulls":10},"表-09"]
["综合单价分析表"]
["工程名称：建筑工程",{"$nulls":7},"标段：",null,"第 55 页  共 88 页"]
["项目编码",null,"011702002002",null,"项目名称","矩形柱",{"$nulls":3},"计量单位",null,"m2","工程量",23.898]
["清单综合单价组成明细"]
["定额编号","定额项目名称","定额\n单位","数量","单价",{"$nulls":4},"合价"]
[{"$nulls":4},"人工费","材料费","机具费","管理费\n和利润",null,"人工费",null,"材料费","机具费","管理费\n和利润"]
["A1-20-16","矩形柱模板(周长m) 支模高度3.6m内 1.8外","100m2",0.01,3318.72,1401.4,193.94,1628.12,null,33.19,null,14.01,1.94,16.28]
["人工单价",null,"小计",{"$nulls":6},33.19,null,14.01,1.94,16.28]
[null,null,"未计价材料费"]
["清单项目综合单价",{"$nulls":8},65.42]
["材\n料\n费\n明\n细","主要材料名称、规格、型号",{"$nulls":4},"单位","数量",null,"单价（元）",null,"合价（元）","暂估单价\n（元）","暂估合价\n（元）"]
[null,"其他材料费",{"$nulls":7},"-",null,14.11,"-"]
[null,"材料费小计",{"$nulls":7},"-",null,14.11,"-"]
{"$rows_empty":8}
["注：1.如不使用省级或行业建设主管部门发布的计价依据，可不填定额编码、名称等；\n    2.招标文件提供了暂估单价的材料，按暂估的单价填入表内“暂估单价”栏及“暂估合价”栏。"]
[{"$nulls":10},"表-09"]
["综合单价分析表"]
["工程名称：建筑工程",{"$nulls":7},"标段：",null,"第 56 页  共 88 页"]
["项目编码",null,"011702002003",null,"项目名称","矩形柱",{"$nulls":3},"计量单位",null,"m2","工程量",74.412]
["清单综合单价组成明细"]
["定额编号","定额项目名称","定额\n单位","数量","单价",{"$nulls":4},"合价"]
[{"$nulls":4},"人工费","材料费","机具费","管理费\n和利润",null,"人工费",null,"材料费","机具费","管理费\n和利润"]
["A1-20-15","矩形柱模板(周长m) 支模高度3.6m内 1.8内","100m2",0.01,3017.28,1250.25,193.94,1488.4,null,30.17,null,12.5,1.94,14.88]
["人工单价",null,"小计",{"$nulls":6},30.17,null,12.5,1.94,14.88]
[null,null,"未计价材料费"]
["清单项目综合单价",{"$nulls":8},59.5]
["材\n料\n费\n明\n细","主要材料名称、规格、型号",{"$nulls":4},"单位","数量",null,"单价（元）",null,"合价（元）","暂估单价\n（元）","暂估合价\n（元）"]
[null,"其他材料费",{"$nulls":7},"-",null,12.54,"-"]
[null,"材料费小计",{"$nulls":7},"-",null,12.54,"-"]
{"$rows_empty":8}
["注：1.如不使用省级或行业建设主管部门发布的计价依据，可不填定额编码、名称等；\n    2.招标文件提供了暂估单价的材料，按暂估的单价填入表内“暂估单价”栏及“暂估合价”栏。"]
[{"$nulls":10},"表-09"]
["综合单价分析表"]
["工程名称：建筑工程",{"$nulls":7},"标段：",null,"第 57 页  共 88 页"]
["项目编码",null,"011702002004",null,"项目名称","矩形柱",{"$nulls":3},"计量单位",null,"m2","工程量",22.428]
["清单综合单价组成明细"]
["定额编号","定额项目名称","定额\n单位","数量","单价",{"$nulls":4},"合价"]
[{"$nulls":4},"人工费","材料费","机具费","管理费\n和利润",null,"人工费",null,"材料费","机具费","管理费\n和利润"]
["A1-20-16","矩形柱模板(周长m) 支模高度3.6m内 1.8外","100m2",0.01,3318.72,1401.4,193.94,1628.12,null,33.19,null,14.01,1.94,16.28]
["人工单价",null,"小计",{"$nulls":6},33.19,null,14.01,1.94,16.28]
[null,null,"未计价材料费"]
["清单项目综合单价",{"$nulls":8},65.42]
["材\n料\n费\n明\n细","主要材料名称、规格、型号",{"$nulls":4},"单位","数量",null,"单价（元）",null,"合价（元）","暂估单价\n（元）","暂估合价\n（元）"]
[null,"其他材料费",{"$nulls":7},"-",null,14.11,"-"]
[null,"材料费小计",{"$nulls":7},"-",null,14.11,"-"]
{"$rows_empty":8}
["注：1.如不使用省级或行业建设主管部门发布的计价依据，可不填定额编码、名称等；\n    2.招标文件提供了暂估单价的材料，按暂估的单价填入表内“暂估单价”栏及“暂估合价”栏。"]
[{"$nulls":10},"表-09"]
["综合单价分析表"]
["工程名称：建筑工程",{"$nulls":7},"标段：",null,"第 58 页  共 88 页"]
["项目编码",null,"011702002005",null,"项目名称","矩形柱",{"$nulls":3},"计量单位",null,"m2","工程量",12.672]
["清单综合单价组成明细"]
["定额编号","定额项目名称","定额\n单位","数量","单价",{"$nulls":4},"合价"]
[{"$nulls":4},"人工费","材料费","机具费","管理费\n和利润",null,"人工费",null,"材料费","机具费","管理费\n和利润"]
["A1-20-16","矩形柱模板(周长m) 支模高度3.6m内 1.8外","100m2",0.01,3318.72,1401.4,193.94,1628.12,null,33.19,null,14.01,1.94,16.28]
["人工单价",null,"小计",{"$nulls":6},33.19,null,14.01,1.94,16.28]
[null,null,"未计价材料费"]
["清单项目综合单价",{"$nulls":8},65.42]
["材\n料\n费\n明\n细","主要材料名称、规格、型号",{"$nulls":4},"单位","数量",null,"单价（元）",null,"合价（元）","暂估单价\n（元）","暂估合价\n（元）"]
[null,"其他材料费",{"$nulls":7},"-",null,14.11,"-"]
[null,"材料费小计",{"$nulls":7},"-",null,14.11,"-"]
{"$rows_empty":8}
["注：1.如不使用省级或行业建设主管部门发布的计价依据，可不填定额编码、名称等；\n    2.招标文件提供了暂估单价的材料，按暂估的单价填入表内“暂估单价”栏及“暂估合价”栏。"]
[{"$nulls":10},"表-09"]
["综合单价分析表"]
["工程名称：建筑工程",{"$nulls":7},"标段：",null,"第 59 页  共 88 页"]
["项目编码",null,"011702002006",null,"项目名称","矩形柱",{"$nulls":3},"计量单位",null,"m2","工程量",23.57]
["清单综合单价组成明细"]
["定额编号","定额项目名称","定额\n单位","数量","单价",{"$nulls":4},"合价"]
[{"$nulls":4},"人工费","材料费","机具费","管理费\n和利润",null,"人工费",null,"材料费","机具费","管理费\n和利润"]
["A1-20-16","矩形柱模板(周长m) 支模高度3.6m内 1.8外","100m2",0.01,3318.72,1401.4,193.94,1628.12,null,33.19,null,14.01,1.94,16.28]
["人工单价",null,"小计",{"$nulls":6},33.19,null,14.01,1.94,16.28]
[null,null,"未计价材料费"]
["清单项目综合单价",{"$nulls":8},65.42]
["材\n料\n费\n明\n细","主要材料名称、规格、型号",{"$nulls":4},"单位","数量",null,"单价（元）",null,"合价（元）","暂估单价\n（元）","暂估合价\n（元）"]
[null,"其他材料费",{"$nulls":7},"-",null,13.93,"-"]
[null,"材料费小计",{"$nulls":7},"-",null,13.93,"-"]
{"$rows_empty":8}
["注：1.如不使用省级或行业建设主管部门发布的计价依据，可不填定额编码、名称等；\n    2.招标文件提供了暂估单价的材料，按暂估的单价填入表内“暂估单价”栏及“暂估合价”栏。"]
[{"$nulls":10},"表-09"]
["综合单价分析表"]
["工程名称：建筑工程",{"$nulls":7},"标段：",null,"第 60 页  共 88 页"]
["项目编码",null,"011702002007",null,"项目名称","矩形柱",{"$nulls":3},"计量单位",null,"m2","工程量",5.532]
["清单综合单价组成明细"]
["定额编号","定额项目名称","定额\n单位","数量","单价",{"$nulls":4},"合价"]
[{"$nulls":4},"人工费","材料费","机具费","管理费\n和利润",null,"人工费",null,"材料费","机具费","管理费\n和利润"]
["A1-20-15","矩形柱模板(周长m) 支模高度3.6m内 1.8内","100m2",0.01,3017.28,1250.25,193.94,1488.4,null,30.17,null,12.5,1.94,14.88]
["人工单价",null,"小计",{"$nulls":6},30.17,null,12.5,1.94,14.88]
[null,null,"未计价材料费"]
["清单项目综合单价",{"$nulls":8},59.5]
["材\n料\n费\n明\n细","主要材料名称、规格、型号",{"$nulls":4},"单位","数量",null,"单价（元）",null,"合价（元）","暂估单价\n（元）","暂估合价\n（元）"]
[null,"其他材料费",{"$nulls":7},"-",null,12.54,"-"]
[null,"材料费小计",{"$nulls":7},"-",null,12.54,"-"]
{"$rows_empty":8}
["注：1.如不使用省级或行业建设主管部门发布的计价依据，可不填定额编码、名称等；\n    2.招标文件提供了暂估单价的材料，按暂估的单价填入表内“暂估单价”栏及“暂估合价”栏。"]
[{"$nulls":10},"表-09"]
["综合单价分析表"]
["工程名称：建筑工程",{"$nulls":7},"标段：",null,"第 61 页  共 88 页"]
["项目编码",null,"011702002008",null,"项目名称","矩形柱",{"$nulls":3},"计量单位",null,"m2","工程量",16.128]
["清单综合单价组成明细"]
["定额编号","定额项目名称","定额\n单位","数量","单价",{"$nulls":4},"合价"]
[{"$nulls":4},"人工费","材料费","机具费","管理费\n和利润",null,"人工费",null,"材料费","机具费","管理费\n和利润"]
["A1-20-16","矩形柱模板(周长m) 支模高度3.6m内 1.8外","100m2",0.01,3318.72,1401.4,193.94,1628.12,null,33.19,null,14.01,1.94,16.28]
["人工单价",null,"小计",{"$nulls":6},33.19,null,14.01,1.94,16.28]
[null,null,"未计价材料费"]
["清单项目综合单价",{"$nulls":8},65.42]
["材\n料\n费\n明\n细","主要材料名称、规格、型号",{"$nulls":4},"单位","数量",null,"单价（元）",null,"合价（元）","暂估单价\n（元）","暂估合价\n（元）"]
[null,"其他材料费",{"$nulls":7},"-",null,14.11,"-"]
[null,"材料费小计",{"$nulls":7},"-",null,14.11,"-"]
{"$rows_empty":8}
["注：1.如不使用省级或行业建设主管部门发布的计价依据，可不填定额编码、名称等；\n    2.招标文件提供了暂估单价的材料，按暂估的单价填入表内“暂估单价”栏及“暂估合价”栏。"]
[{"$nulls":10},"表-09"]
["综合单价分析表"]
["工程名称：建筑工程",{"$nulls":7},"标段：",null,"第 62 页  共 88 页"]
["项目编码",null,"011702002009",null,"项目名称","矩形柱",{"$nulls":3},"计量单位",null,"m2","工程量",19.02]
["清单综合单价组成明细"]
["定额编号","定额项目名称","定额\n单位","数量","单价",{"$nulls":4},"合价"]
[{"$nulls":4},"人工费","材料费","机具费","管理费\n和利润",null,"人工费",null,"材料费","机具费","管理费\n和利润"]
["A1-20-15","矩形柱模板(周长m) 支模高度3.6m内 1.8内","100m2",0.01,3017.28,1250.25,193.94,1488.4,null,30.17,null,12.5,1.94,14.88]
["人工单价",null,"小计",{"$nulls":6},30.17,null,12.5,1.94,14.88]
[null,null,"未计价材料费"]
["清单项目综合单价",{"$nulls":8},59.5]
["材\n料\n费\n明\n细","主要材料名称、规格、型号",{"$nulls":4},"单位","数量",null,"单价（元）",null,"合价（元）","暂估单价\n（元）","暂估合价\n（元）"]
[null,"其他材料费",{"$nulls":7},"-",null,12.54,"-"]
[null,"材料费小计",{"$nulls":7},"-",null,12.54,"-"]
{"$rows_empty":8}
["注：1.如不使用省级或行业建设主管部门发布的计价依据，可不填定额编码、名称等；\n    2.招标文件提供了暂估单价的材料，按暂估的单价填入表内“暂估单价”栏及“暂估合价”栏。"]
[{"$nulls":10},"表-09"]
["综合单价分析表"]
["工程名称：建筑工程",{"$nulls":7},"标段：",null,"第 63 页  共 88 页"]
["项目编码",null,"011702002010",null,"项目名称","矩形柱",{"$nulls":3},"计量单位",null,"m2","工程量",22.948]
["清单综合单价组成明细"]
["定额编号","定额项目名称","定额\n单位","数量","单价",{"$nulls":4},"合价"]
[{"$nulls":4},"人工费","材料费","机具费","管理费\n和利润",null,"人工费",null,"材料费","机具费","管理费\n和利润"]
["A1-20-16","矩形柱模板(周长m) 支模高度3.6m内 1.8外","100m2",0.01,3318.72,1401.4,193.94,1628.12,null,33.19,null,14.01,1.94,16.28]
["人工单价",null,"小计",{"$nulls":6},33.19,null,14.01,1.94,16.28]
[null,null,"未计价材料费"]
["清单项目综合单价",{"$nulls":8},65.42]
["材\n料\n费\n明\n细","主要材料名称、规格、型号",{"$nulls":4},"单位","数量",null,"单价（元）",null,"合价（元）","暂估单价\n（元）","暂估合价\n（元）"]
[null,"其他材料费",{"$nulls":7},"-",null,14.11,"-"]
[null,"材料费小计",{"$nulls":7},"-",null,14.11,"-"]
{"$rows_empty":8}
["注：1.如不使用省级或行业建设主管部门发布的计价依据，可不填定额编码、名称等；\n    2.招标文件提供了暂估单价的材料，按暂估的单价填入表内“暂估单价”栏及“暂估合价”栏。"]
[{"$nulls":10},"表-09"]
["综合单价分析表"]
["工程名称：建筑工程",{"$nulls":7},"标段：",null,"第 64 页  共 88 页"]
["项目编码",null,"011702002011",null,"项目名称","矩形柱",{"$nulls":3},"计量单位",null,"m2","工程量"]
["清单综合单价组成明细"]
["定额编号","定额项目名称","定额\n单位","数量","单价",{"$nulls":4},"合价"]
[{"$nulls":4},"人工费","材料费","机具费","管理费\n和利润",null,"人工费",null,"材料费","机具费","管理费\n和利润"]
["A1-20-16","矩形柱模板(周长m) 支模高度3.6m内 1.8外","100m2",null,3318.72,1401.4,193.94,1628.12]
["人工单价",null,"小计"]
[null,null,"未计价材料费",{"$nulls":6},"IIF([分部分项和单价措施清单.GCL]=0,0,Fround([WJJCL]/[分部分项和单价措施清单.GCL],2))"]
["清单项目综合单价"]
["材\n料\n费\n明\n细","主要材料名称、规格、型号",{"$nulls":4},"单位","数量",null,"单价（元）",null,"合价（元）","暂估单价\n（元）","暂估合价\n（元）"]
[null,"其他材料费",{"$nulls":7},"-",null,null,"-"]
[null,"材料费小计",{"$nulls":7},"-",null,null,"-"]
[]
[]
[]
[]
[]
[]
["注：1.如不使用省级或行业建设主管部门发布的计价依据，可不填定额编码、名称等；\n    2.招标文件提供了暂估单价的材料，按暂估的单价填入表内“暂估单价”栏及“暂估合价”栏。"]
[{"$nulls":10},"表-09"]
["综合单价分析表"]
["工程名称：建筑工程",{"$nulls":7},"标段：",null,"第 65 页  共 88 页"]
["项目编码",null,"011702002012",null,"项目名称","矩形柱",{"$nulls":3},"计量单位",null,"m2","工程量",20.772]
["清单综合单价组成明细"]
["定额编号","定额项目名称","定额\n单位","数量","单价",{"$nulls":4},"合价"]
[{"$nulls":4},"人工费","材料费","机具费","管理费\n和利润",null,"人工费",null,"材料费","机具费","管理费\n和利润"]
["A1-20-15","矩形柱模板(周长m) 支模高度3.6m内 1.8内","100m2",0.01,3017.28,1250.25,193.94,1488.4,null,30.17,null,12.5,1.94,14.88]
["人工单价",null,"小计",{"$nulls":6},30.17,null,12.5,1.94,14.88]
[null,null,"未计价材料费"]
["清单项目综合单价",{"$nulls":8},59.5]
["材\n料\n费\n明\n细","主要材料名称、规格、型号",{"$nulls":4},"单位","数量",null,"单价（元）",null,"合价（元）","暂估单价\n（元）","暂估合价\n（元）"]
[null,"其他材料费",{"$nulls":7},"-",null,12.54,"-"]
[null,"材料费小计",{"$nulls":7},"-",null,12.54,"-"]
{"$rows_empty":8}
["注：1.如不使用省级或行业建设主管部门发布的计价依据，可不填定额编码、名称等；\n    2.招标文件提供了暂估单价的材料，按暂估的单价填入表内“暂估单价”栏及“暂估合价”栏。"]
[{"$nulls":10},"表-09"]
["综合单价分析表"]
["工程名称：建筑工程",{"$nulls":7},"标段：",null,"第 66 页  共 88 页"]
["项目编码",null,"011702002013",null,"项目名称","矩形柱",{"$nulls":3},"计量单位",null,"m2","工程量",17.628]
["清单综合单价组成明细"]
["定额编号","定额项目名称","定额\n单位","数量","单价",{"$nulls":4},"合价"]
[{"$nulls":4},"人工费","材料费","机具费","管理费\n和利润",null,"人工费",null,"材料费","机具费","管理费\n和利润"]
["A1-20-16","矩形柱模板(周长m) 支模高度3.6m内 1.8外","100m2",0.01,3318.72,1401.4,193.94,1628.12,null,33.19,null,14.01,1.94,16.28]
["人工单价",null,"小计",{"$nulls":6},33.19,null,14.01,1.94,16.28]
[null,null,"未计价材料费"]
["清单项目综合单价",{"$nulls":8},65.42]
["材\n料\n费\n明\n细","主要材料名称、规格、型号",{"$nulls":4},"单位","数量",null,"单价（元）",null,"合价（元）","暂估单价\n（元）","暂估合价\n（元）"]
[null,"其他材料费",{"$nulls":7},"-",null,13.93,"-"]
[null,"材料费小计",{"$nulls":7},"-",null,13.93,"-"]
{"$rows_empty":8}
["注：1.如不使用省级或行业建设主管部门发布的计价依据，可不填定额编码、名称等；\n    2.招标文件提供了暂估单价的材料，按暂估的单价填入表内“暂估单价”栏及“暂估合价”栏。"]
[{"$nulls":10},"表-09"]
["综合单价分析表"]
["工程名称：建筑工程",{"$nulls":7},"标段：",null,"第 67 页  共 88 页"]
["项目编码",null,"011702002014",null,"项目名称","矩形柱",{"$nulls":3},"计量单位",null,"m2","工程量",12.228]
["清单综合单价组成明细"]
["定额编号","定额项目名称","定额\n单位","数量","单价",{"$nulls":4},"合价"]
[{"$nulls":4},"人工费","材料费","机具费","管理费\n和利润",null,"人工费",null,"材料费","机具费","管理费\n和利润"]
["A1-20-16","矩形柱模板(周长m) 支模高度3.6m内 1.8外","100m2",0.01,3318.72,1401.4,193.94,1628.12,null,33.19,null,14.01,1.94,16.28]
["人工单价",null,"小计",{"$nulls":6},33.19,null,14.01,1.94,16.28]
[null,null,"未计价材料费"]
["清单项目综合单价",{"$nulls":8},65.42]
["材\n料\n费\n明\n细","主要材料名称、规格、型号",{"$nulls":4},"单位","数量",null,"单价（元）",null,"合价（元）","暂估单价\n（元）","暂估合价\n（元）"]
[null,"其他材料费",{"$nulls":7},"-",null,14.11,"-"]
[null,"材料费小计",{"$nulls":7},"-",null,14.11,"-"]
{"$rows_empty":8}
["注：1.如不使用省级或行业建设主管部门发布的计价依据，可不填定额编码、名称等；\n    2.招标文件提供了暂估单价的材料，按暂估的单价填入表内“暂估单价”栏及“暂估合价”栏。"]
[{"$nulls":10},"表-09"]
["综合单价分析表"]
["工程名称：建筑工程",{"$nulls":7},"标段：",null,"第 68 页  共 88 页"]
["项目编码",null,"011702002015",null,"项目名称","矩形柱",{"$nulls":3},"计量单位",null,"m2","工程量",6.912]
["清单综合单价组成明细"]
["定额编号","定额项目名称","定额\n单位","数量","单价",{"$nulls":4},"合价"]
[{"$nulls":4},"人工费","材料费","机具费","管理费\n和利润",null,"人工费",null,"材料费","机具费","管理费\n和利润"]
["A1-20-16","矩形柱模板(周长m) 支模高度3.6m内 1.8外","100m2",0.01,3318.72,1401.4,193.94,1628.12,null,33.19,null,14.01,1.94,16.28]
["人工单价",null,"小计",{"$nulls":6},33.19,null,14.01,1.94,16.28]
[null,null,"未计价材料费"]
["清单项目综合单价",{"$nulls":8},65.42]
["材\n料\n费\n明\n细","主要材料名称、规格、型号",{"$nulls":4},"单位","数量",null,"单价（元）",null,"合价（元）","暂估单价\n（元）","暂估合价\n（元）"]
[null,"其他材料费",{"$nulls":7},"-",null,14.11,"-"]
[null,"材料费小计",{"$nulls":7},"-",null,14.11,"-"]
{"$rows_empty":8}
["注：1.如不使用省级或行业建设主管部门发布的计价依据，可不填定额编码、名称等；\n    2.招标文件提供了暂估单价的材料，按暂估的单价填入表内“暂估单价”栏及“暂估合价”栏。"]
[{"$nulls":10},"表-09"]
["综合单价分析表"]
["工程名称：建筑工程",{"$nulls":7},"标段：",null,"第 69 页  共 88 页"]
["项目编码",null,"011702002016",null,"项目名称","矩形柱",{"$nulls":3},"计量单位",null,"m2","工程量"]
["清单综合单价组成明细"]
["定额编号","定额项目名称","定额\n单位","数量","单价",{"$nulls":4},"合价"]
[{"$nulls":4},"人工费","材料费","机具费","管理费\n和利润",null,"人工费",null,"材料费","机具费","管理费\n和利润"]
["A1-20-14","矩形柱模板(周长m) 支模高度3.6m内 1.2内","100m2",null,3819.25,1696.75,206.7,1866.03]
["人工单价",null,"小计"]
[null,null,"未计价材料费",{"$nulls":6},"IIF([分部分项和单价措施清单.GCL]=0,0,Fround([WJJCL]/[分部分项和单价措施清单.GCL],2))"]
["清单项目综合单价"]
["材\n料\n费\n明\n细","主要材料名称、规格、型号",{"$nulls":4},"单位","数量",null,"单价（元）",null,"合价（元）","暂估单价\n（元）","暂估合价\n（元）"]
[null,"其他材料费",{"$nulls":7},"-",null,null,"-"]
[null,"材料费小计",{"$nulls":7},"-",null,null,"-"]
[]
[]
[]
[]
[]
[]
["注：1.如不使用省级或行业建设主管部门发布的计价依据，可不填定额编码、名称等；\n    2.招标文件提供了暂估单价的材料，按暂估的单价填入表内“暂估单价”栏及“暂估合价”栏。"]
[{"$nulls":10},"表-09"]
["综合单价分析表"]
["工程名称：建筑工程",{"$nulls":7},"标段：",null,"第 70 页  共 88 页"]
["项目编码",null,"011702002017",null,"项目名称","矩形柱",{"$nulls":3},"计量单位",null,"m2","工程量",6.6211]
["清单综合单价组成明细"]
["定额编号","定额项目名称","定额\n单位","数量","单价",{"$nulls":4},"合价"]
[{"$nulls":4},"人工费","材料费","机具费","管理费\n和利润",null,"人工费",null,"材料费","机具费","管理费\n和利润"]
["A1-20-15","矩形柱模板(周长m) 支模高度3.6m内 1.8内","100m2",0.01,3017.28,1250.25,193.94,1488.4,null,30.17,null,12.5,1.94,14.88]
["人工单价",null,"小计",{"$nulls":6},30.17,null,12.5,1.94,14.88]
[null,null,"未计价材料费"]
["清单项目综合单价",{"$nulls":8},59.5]
["材\n料\n费\n明\n细","主要材料名称、规格、型号",{"$nulls":4},"单位","数量",null,"单价（元）",null,"合价（元）","暂估单价\n（元）","暂估合价\n（元）"]
[null,"其他材料费",{"$nulls":7},"-",null,12.54,"-"]
[null,"材料费小计",{"$nulls":7},"-",null,12.54,"-"]
{"$rows_empty":8}
["注：1.如不使用省级或行业建设主管部门发布的计价依据，可不填定额编码、名称等；\n    2.招标文件提供了暂估单价的材料，按暂估的单价填入表内“暂估单价”栏及“暂估合价”栏。"]
[{"$nulls":10},"表-09"]
["综合单价分析表"]
["工程名称：建筑工程",{"$nulls":7},"标段：",null,"第 71 页  共 88 页"]
["项目编码",null,"011702002018",null,"项目名称","矩形柱",{"$nulls":3},"计量单位",null,"m2","工程量",6.0931]
["清单综合单价组成明细"]
["定额编号","定额项目名称","定额\n单位","数量","单价",{"$nulls":4},"合价"]
[{"$nulls":4},"人工费","材料费","机具费","管理费\n和利润",null,"人工费",null,"材料费","机具费","管理费\n和利润"]
["A1-20-15","矩形柱模板(周长m) 支模高度3.6m内 1.8内","100m2",0.01,3017.28,1250.25,193.94,1488.4,null,30.17,null,12.5,1.94,14.88]
["人工单价",null,"小计",{"$nulls":6},30.17,null,12.5,1.94,14.88]
[null,null,"未计价材料费"]
["清单项目综合单价",{"$nulls":8},59.5]
["材\n料\n费\n明\n细","主要材料名称、规格、型号",{"$nulls":4},"单位","数量",null,"单价（元）",null,"合价（元）","暂估单价\n（元）","暂估合价\n（元）"]
[null,"其他材料费",{"$nulls":7},"-",null,12.54,"-"]
[null,"材料费小计",{"$nulls":7},"-",null,12.54,"-"]
{"$rows_empty":8}
["注：1.如不使用省级或行业建设主管部门发布的计价依据，可不填定额编码、名称等；\n    2.招标文件提供了暂估单价的材料，按暂估的单价填入表内“暂估单价”栏及“暂估合价”栏。"]
[{"$nulls":10},"表-09"]
["综合单价分析表"]
["工程名称：建筑工程",{"$nulls":7},"标段：",null,"第 72 页  共 88 页"]
["项目编码",null,"011702002019",null,"项目名称","矩形柱",{"$nulls":3},"计量单位",null,"m2","工程量",3.828]
["清单综合单价组成明细"]
["定额编号","定额项目名称","定额\n单位","数量","单价",{"$nulls":4},"合价"]
[{"$nulls":4},"人工费","材料费","机具费","管理费\n和利润",null,"人工费",null,"材料费","机具费","管理费\n和利润"]
["A1-20-16","矩形柱模板(周长m) 支模高度3.6m内 1.8外","100m2",0.01,3318.72,1401.4,193.94,1628.12,null,33.19,null,14.01,1.94,16.28]
["人工单价",null,"小计",{"$nulls":6},33.19,null,14.01,1.94,16.28]
[null,null,"未计价材料费"]
["清单项目综合单价",{"$nulls":8},65.42]
["材\n料\n费\n明\n细","主要材料名称、规格、型号",{"$nulls":4},"单位","数量",null,"单价（元）",null,"合价（元）","暂估单价\n（元）","暂估合价\n（元）"]
[null,"其他材料费",{"$nulls":7},"-",null,14.11,"-"]
[null,"材料费小计",{"$nulls":7},"-",null,14.11,"-"]
{"$rows_empty":8}
["注：1.如不使用省级或行业建设主管部门发布的计价依据，可不填定额编码、名称等；\n    2.招标文件提供了暂估单价的材料，按暂估的单价填入表内“暂估单价”栏及“暂估合价”栏。"]
[{"$nulls":10},"表-09"]
["综合单价分析表"]
["工程名称：建筑工程",{"$nulls":7},"标段：",null,"第 73 页  共 88 页"]
["项目编码",null,"011702002020",null,"项目名称","矩形柱",{"$nulls":3},"计量单位",null,"m2","工程量",5.5]
["清单综合单价组成明细"]
["定额编号","定额项目名称","定额\n单位","数量","单价",{"$nulls":4},"合价"]
[{"$nulls":4},"人工费","材料费","机具费","管理费\n和利润",null,"人工费",null,"材料费","机具费","管理费\n和利润"]
["A1-20-16","矩形柱模板(周长m) 支模高度3.6m内 1.8外","100m2",0.01,3318.72,1401.4,193.94,1628.12,null,33.19,null,14.01,1.94,16.28]
["人工单价",null,"小计",{"$nulls":6},33.19,null,14.01,1.94,16.28]
[null,null,"未计价材料费"]
["清单项目综合单价",{"$nulls":8},65.42]
["材\n料\n费\n明\n细","主要材料名称、规格、型号",{"$nulls":4},"单位","数量",null,"单价（元）",null,"合价（元）","暂估单价\n（元）","暂估合价\n（元）"]
[null,"其他材料费",{"$nulls":7},"-",null,13.93,"-"]
[null,"材料费小计",{"$nulls":7},"-",null,13.93,"-"]
{"$rows_empty":8}
["注：1.如不使用省级或行业建设主管部门发布的计价依据，可不填定额编码、名称等；\n    2.招标文件提供了暂估单价的材料，按暂估的单价填入表内“暂估单价”栏及“暂估合价”栏。"]
[{"$nulls":10},"表-09"]
["综合单价分析表"]
["工程名称：建筑工程",{"$nulls":7},"标段：",null,"第 74 页  共 88 页"]
["项目编码",null,"011702002021",null,"项目名称","矩形柱",{"$nulls":3},"计量单位",null,"m2","工程量"]
["清单综合单价组成明细"]
["定额编号","定额项目名称","定额\n单位","数量","单价",{"$nulls":4},"合价"]
[{"$nulls":4},"人工费","材料费","机具费","管理费\n和利润",null,"人工费",null,"材料费","机具费","管理费\n和利润"]
["A1-20-14","矩形柱模板(周长m) 支模高度3.6m内 1.2内","100m2",null,3819.25,1696.75,206.7,1866.03]
["人工单价",null,"小计"]
[null,null,"未计价材料费",{"$nulls":6},"IIF([分部分项和单价措施清单.GCL]=0,0,Fround([WJJCL]/[分部分项和单价措施清单.GCL],2))"]
["清单项目综合单价"]
["材\n料\n费\n明\n细","主要材料名称、规格、型号",{"$nulls":4},"单位","数量",null,"单价（元）",null,"合价（元）","暂估单价\n（元）","暂估合价\n（元）"]
[null,"其他材料费",{"$nulls":7},"-",null,null,"-"]
[null,"材料费小计",{"$nulls":7},"-",null,null,"-"]
[]
[]
[]
[]
[]
[]
["注：1.如不使用省级或行业建设主管部门发布的计价依据，可不填定额编码、名称等；\n    2.招标文件提供了暂估单价的材料，按暂估的单价填入表内“暂估单价”栏及“暂估合价”栏。"]
[{"$nulls":10},"表-09"]
["综合单价分析表"]
["工程名称：建筑工程",{"$nulls":7},"标段：",null,"第 75 页  共 88 页"]
["项目编码",null,"011702004003",null,"项目名称","异形柱",{"$nulls":3},"计量单位",null,"m2","工程量",5.4286]
["清单综合单价组成明细"]
["定额编号","定额项目名称","定额\n单位","数量","单价",{"$nulls":4},"合价"]
[{"$nulls":4},"人工费","材料费","机具费","管理费\n和利润",null,"人工费",null,"材料费","机具费","管理费\n和利润"]
["A1-20-18","圆形柱模板(木支撑) 支模高度3.6m内","100m2",0.01,5282.92,4881.66,258.01,2568.23,null,52.83,null,48.82,2.58,25.68]
["人工单价",null,"小计",{"$nulls":6},52.83,null,48.82,2.58,25.68]
[null,null,"未计价材料费"]
["清单项目综合单价",{"$nulls":8},129.91]
["材\n料\n费\n明\n细","主要材料名称、规格、型号",{"$nulls":4},"单位","数量",null,"单价（元）",null,"合价（元）","暂估单价\n（元）","暂估合价\n（元）"]
[null,"其他材料费",{"$nulls":7},"-",null,48.78,"-"]
[null,"材料费小计",{"$nulls":7},"-",null,48.78,"-"]
{"$rows_empty":8}
["注：1.如不使用省级或行业建设主管部门发布的计价依据，可不填定额编码、名称等；\n    2.招标文件提供了暂估单价的材料，按暂估的单价填入表内“暂估单价”栏及“暂估合价”栏。"]
[{"$nulls":10},"表-09"]
["综合单价分析表"]
["工程名称：建筑工程",{"$nulls":7},"标段：",null,"第 76 页  共 88 页"]
["项目编码",null,"011702006001",null,"项目名称","矩形梁",{"$nulls":3},"计量单位",null,"m2","工程量",20.8585]
["清单综合单价组成明细"]
["定额编号","定额项目名称","定额\n单位","数量","单价",{"$nulls":4},"合价"]
[{"$nulls":4},"人工费","材料费","机具费","管理费\n和利润",null,"人工费",null,"材料费","机具费","管理费\n和利润"]
["A1-20-33","单梁、连续梁模板(梁宽cm) 25以内 支模高度3.6m","100m2",0.01,3739.84,1138.19,204.11,1828.02,null,37.4,null,11.38,2.04,18.28]
["人工单价",null,"小计",{"$nulls":6},37.4,null,11.38,2.04,18.28]
[null,null,"未计价材料费"]
["清单项目综合单价",{"$nulls":8},69.1]
["材\n料\n费\n明\n细","主要材料名称、规格、型号",{"$nulls":4},"单位","数量",null,"单价（元）",null,"合价（元）","暂估单价\n（元）","暂估合价\n（元）"]
[null,"其他材料费",{"$nulls":7},"-",null,11.44,"-"]
[null,"材料费小计",{"$nulls":7},"-",null,11.44,"-"]
{"$rows_empty":7}
["注：1.如不使用省级或行业建设主管部门发布的计价依据，可不填定额编码、名称等；\n    2.招标文件提供了暂估单价的材料，按暂估的单价填入表内“暂估单价”栏及“暂估合价”栏。"]
[{"$nulls":10},"表-09"]
["综合单价分析表"]
["工程名称：建筑工程",{"$nulls":7},"标段：",null,"第 77 页  共 88 页"]
["项目编码",null,"011702006002",null,"项目名称","矩形梁",{"$nulls":3},"计量单位",null,"m2","工程量",118.5558]
["清单综合单价组成明细"]
["定额编号","定额项目名称","定额\n单位","数量","单价",{"$nulls":4},"合价"]
[{"$nulls":4},"人工费","材料费","机具费","管理费\n和利润",null,"人工费",null,"材料费","机具费","管理费\n和利润"]
["A1-20-33","单梁、连续梁模板(梁宽cm) 25以内 支模高度3.6m","100m2",0.01,3739.84,1138.19,204.11,1828.02,null,37.4,null,11.38,2.04,18.28]
["人工单价",null,"小计",{"$nulls":6},37.4,null,11.38,2.04,18.28]
[null,null,"未计价材料费"]
["清单项目综合单价",{"$nulls":8},69.1]
["材\n料\n费\n明\n细","主要材料名称、规格、型号",{"$nulls":4},"单位","数量",null,"单价（元）",null,"合价（元）","暂估单价\n（元）","暂估合价\n（元）"]
[null,"其他材料费",{"$nulls":7},"-",null,11.44,"-"]
[null,"材料费小计",{"$nulls":7},"-",null,11.44,"-"]
{"$rows_empty":7}
["注：1.如不使用省级或行业建设主管部门发布的计价依据，可不填定额编码、名称等；\n    2.招标文件提供了暂估单价的材料，按暂估的单价填入表内“暂估单价”栏及“暂估合价”栏。"]
[{"$nulls":10},"表-09"]
["综合单价分析表"]
["工程名称：建筑工程",{"$nulls":7},"标段：",null,"第 78 页  共 88 页"]
["项目编码",null,"011702006003",null,"项目名称","矩形梁",{"$nulls":3},"计量单位",null,"m2","工程量",1.1232]
["清单综合单价组成明细"]
["定额编号","定额项目名称","定额\n单位","数量","单价",{"$nulls":4},"合价"]
[{"$nulls":4},"人工费","材料费","机具费","管理费\n和利润",null,"人工费",null,"材料费","机具费","管理费\n和利润"]
["A1-20-33","单梁、连续梁模板(梁宽cm) 25以内 支模高度3.6m","100m2",0.01,3739.84,1138.19,204.11,1828.02,null,37.4,null,11.38,2.04,18.28]
["人工单价",null,"小计",{"$nulls":6},37.4,null,11.38,2.04,18.28]
[null,null,"未计价材料费"]
["清单项目综合单价",{"$nulls":8},69.1]
["材\n料\n费\n明\n细","主要材料名称、规格、型号",{"$nulls":4},"单位","数量",null,"单价（元）",null,"合价（元）","暂估单价\n（元）","暂估合价\n（元）"]
[null,"其他材料费",{"$nulls":7},"-",null,11.26,"-"]
[null,"材料费小计",{"$nulls":7},"-",null,11.26,"-"]
{"$rows_empty":7}
["注：1.如不使用省级或行业建设主管部门发布的计价依据，可不填定额编码、名称等；\n    2.招标文件提供了暂估单价的材料，按暂估的单价填入表内“暂估单价”栏及“暂估合价”栏。"]
[{"$nulls":10},"表-09"]
["综合单价分析表"]
["工程名称：建筑工程",{"$nulls":7},"标段：",null,"第 79 页  共 88 页"]
["项目编码",null,"011702006004",null,"项目名称","矩形梁",{"$nulls":3},"计量单位",null,"m2","工程量",63.6794]
["清单综合单价组成明细"]
["定额编号","定额项目名称","定额\n单位","数量","单价",{"$nulls":4},"合价"]
[{"$nulls":4},"人工费","材料费","机具费","管理费\n和利润",null,"人工费",null,"材料费","机具费","管理费\n和利润"]
["A1-20-33","单梁、连续梁模板(梁宽cm) 25以内 支模高度3.6m","100m2",0.01,3739.84,1138.19,204.11,1828.02,null,37.4,null,11.38,2.04,18.28]
["人工单价",null,"小计",{"$nulls":6},37.4,null,11.38,2.04,18.28]
[null,null,"未计价材料费"]
["清单项目综合单价",{"$nulls":8},69.1]
["材\n料\n费\n明\n细","主要材料名称、规格、型号",{"$nulls":4},"单位","数量",null,"单价（元）",null,"合价（元）","暂估单价\n（元）","暂估合价\n（元）"]
[null,"其他材料费",{"$nulls":7},"-",null,11.44,"-"]
[null,"材料费小计",{"$nulls":7},"-",null,11.44,"-"]
{"$rows_empty":7}
["注：1.如不使用省级或行业建设主管部门发布的计价依据，可不填定额编码、名称等；\n    2.招标文件提供了暂估单价的材料，按暂估的单价填入表内“暂估单价”栏及“暂估合价”栏。"]
[{"$nulls":10},"表-09"]
["综合单价分析表"]
["工程名称：建筑工程",{"$nulls":7},"标段：",null,"第 80 页  共 88 页"]
["项目编码",null,"011702008001",null,"项目名称","圈梁",{"$nulls":3},"计量单位",null,"m2","工程量",24.36]
["清单综合单价组成明细"]
["定额编号","定额项目名称","定额\n单位","数量","单价",{"$nulls":4},"合价"]
[{"$nulls":4},"人工费","材料费","机具费","管理费\n和利润",null,"人工费",null,"材料费","机具费","管理费\n和利润"]
["A1-20-37","圈梁模板","100m2",0.01,2698.23,1317.01,91.97,1293.26,null,26.98,null,13.17,0.92,12.93]
["人工单价",null,"小计",{"$nulls":6},26.98,null,13.17,0.92,12.93]
[null,null,"未计价材料费"]
["清单项目综合单价",{"$nulls":8},54]
["材\n料\n费\n明\n细","主要材料名称、规格、型号",{"$nulls":4},"单位","数量",null,"单价（元）",null,"合价（元）","暂估单价\n（元）","暂估合价\n（元）"]
[null,"其他材料费",{"$nulls":7},"-",null,13.09,"-"]
[null,"材料费小计",{"$nulls":7},"-",null,13.09,"-"]
{"$rows_empty":8}
["注：1.如不使用省级或行业建设主管部门发布的计价依据，可不填定额编码、名称等；\n    2.招标文件提供了暂估单价的材料，按暂估的单价填入表内“暂估单价”栏及“暂估合价”栏。"]
[{"$nulls":10},"表-09"]
["综合单价分析表"]
["工程名称：建筑工程",{"$nulls":7},"标段：",null,"第 81 页  共 88 页"]
["项目编码",null,"011702010001",null,"项目名称","弧形、拱形梁",{"$nulls":3},"计量单位",null,"m2","工程量",2.9178]
["清单综合单价组成明细"]
["定额编号","定额项目名称","定额\n单位","数量","单价",{"$nulls":4},"合价"]
[{"$nulls":4},"人工费","材料费","机具费","管理费\n和利润",null,"人工费",null,"材料费","机具费","管理费\n和利润"]
["A1-20-35","拱形梁模板 支模高度3.6m","100m2",0.01,5666,2292.27,222.55,2729.34,null,56.66,null,22.92,2.23,27.29]
["人工单价",null,"小计",{"$nulls":6},56.66,null,22.92,2.23,27.29]
[null,null,"未计价材料费"]
["清单项目综合单价",{"$nulls":8},109.1]
["材\n料\n费\n明\n细","主要材料名称、规格、型号",{"$nulls":4},"单位","数量",null,"单价（元）",null,"合价（元）","暂估单价\n（元）","暂估合价\n（元）"]
[null,"其他材料费",{"$nulls":7},"-",null,22.93,"-"]
[null,"材料费小计",{"$nulls":7},"-",null,22.93,"-"]
{"$rows_empty":8}
["注：1.如不使用省级或行业建设主管部门发布的计价依据，可不填定额编码、名称等；\n    2.招标文件提供了暂估单价的材料，按暂估的单价填入表内“暂估单价”栏及“暂估合价”栏。"]
[{"$nulls":10},"表-09"]
["综合单价分析表"]
["工程名称：建筑工程",{"$nulls":7},"标段：",null,"第 82 页  共 88 页"]
["项目编码",null,"011702011001",null,"项目名称","直形墙",{"$nulls":3},"计量单位",null,"m2","工程量",36.44]
["清单综合单价组成明细"]
["定额编号","定额项目名称","定额\n单位","数量","单价",{"$nulls":4},"合价"]
[{"$nulls":4},"人工费","材料费","机具费","管理费\n和利润",null,"人工费",null,"材料费","机具费","管理费\n和利润"]
["A1-20-51","直形墙模板 墙厚(cm以内) 40 支模高度3.6m内","100m2",0.01,1999.35,1446.59,207.22,1022.74,null,19.99,null,14.47,2.07,10.23]
["人工单价",null,"小计",{"$nulls":6},19.99,null,14.47,2.07,10.23]
[null,null,"未计价材料费"]
["清单项目综合单价",{"$nulls":8},46.76]
["材\n料\n费\n明\n细","主要材料名称、规格、型号",{"$nulls":4},"单位","数量",null,"单价（元）",null,"合价（元）","暂估单价\n（元）","暂估合价\n（元）"]
[null,"其他材料费",{"$nulls":7},"-",null,14.5,"-"]
[null,"材料费小计",{"$nulls":7},"-",null,14.5,"-"]
{"$rows_empty":8}
["注：1.如不使用省级或行业建设主管部门发布的计价依据，可不填定额编码、名称等；\n    2.招标文件提供了暂估单价的材料，按暂估的单价填入表内“暂估单价”栏及“暂估合价”栏。"]
[{"$nulls":10},"表-09"]
["综合单价分析表"]
["工程名称：建筑工程",{"$nulls":7},"标段：",null,"第 83 页  共 88 页"]
["项目编码",null,"011702011002",null,"项目名称","直形墙",{"$nulls":3},"计量单位",null,"m2","工程量",116.8028]
["清单综合单价组成明细"]
["定额编号","定额项目名称","定额\n单位","数量","单价",{"$nulls":4},"合价"]
[{"$nulls":4},"人工费","材料费","机具费","管理费\n和利润",null,"人工费",null,"材料费","机具费","管理费\n和利润"]
["A1-20-51","直形墙模板 墙厚(cm以内) 40 支模高度3.6m内","100m2",0.01,1999.35,1446.59,207.22,1022.74,null,19.99,null,14.47,2.07,10.23]
["人工单价",null,"小计",{"$nulls":6},19.99,null,14.47,2.07,10.23]
[null,null,"未计价材料费"]
["清单项目综合单价",{"$nulls":8},46.76]
["材\n料\n费\n明\n细","主要材料名称、规格、型号",{"$nulls":4},"单位","数量",null,"单价（元）",null,"合价（元）","暂估单价\n（元）","暂估合价\n（元）"]
[null,"其他材料费",{"$nulls":7},"-",null,14.5,"-"]
[null,"材料费小计",{"$nulls":7},"-",null,14.5,"-"]
{"$rows_empty":8}
["注：1.如不使用省级或行业建设主管部门发布的计价依据，可不填定额编码、名称等；\n    2.招标文件提供了暂估单价的材料，按暂估的单价填入表内“暂估单价”栏及“暂估合价”栏。"]
[{"$nulls":10},"表-09"]
["综合单价分析表"]
["工程名称：建筑工程",{"$nulls":7},"标段：",null,"第 84 页  共 88 页"]
["项目编码",null,"011702011003",null,"项目名称","直形墙",{"$nulls":3},"计量单位",null,"m2","工程量",32.9251]
["清单综合单价组成明细"]
["定额编号","定额项目名称","定额\n单位","数量","单价",{"$nulls":4},"合价"]
[{"$nulls":4},"人工费","材料费","机具费","管理费\n和利润",null,"人工费",null,"材料费","机具费","管理费\n和利润"]
["A1-20-51","直形墙模板 墙厚(cm以内) 40 支模高度3.6m内","100m2",0.01,1999.35,1446.59,207.22,1022.74,null,19.99,null,14.47,2.07,10.23]
["人工单价",null,"小计",{"$nulls":6},19.99,null,14.47,2.07,10.23]
[null,null,"未计价材料费"]
["清单项目综合单价",{"$nulls":8},46.76]
["材\n料\n费\n明\n细","主要材料名称、规格、型号",{"$nulls":4},"单位","数量",null,"单价（元）",null,"合价（元）","暂估单价\n（元）","暂估合价\n（元）"]
[null,"其他材料费",{"$nulls":7},"-",null,14.49,"-"]
[null,"材料费小计",{"$nulls":7},"-",null,14.49,"-"]
{"$rows_empty":8}
["注：1.如不使用省级或行业建设主管部门发布的计价依据，可不填定额编码、名称等；\n    2.招标文件提供了暂估单价的材料，按暂估的单价填入表内“暂估单价”栏及“暂估合价”栏。"]
[{"$nulls":10},"表-09"]
["综合单价分析表"]
["工程名称：建筑工程",{"$nulls":7},"标段：",null,"第 85 页  共 88 页"]
["项目编码",null,"011702014001",null,"项目名称","有梁板",{"$nulls":3},"计量单位",null,"m2","工程量",140.9036]
["清单综合单价组成明细"]
["定额编号","定额项目名称","定额\n单位","数量","单价",{"$nulls":4},"合价"]
[{"$nulls":4},"人工费","材料费","机具费","管理费\n和利润",null,"人工费",null,"材料费","机具费","管理费\n和利润"]
["A1-20-75","有梁板模板 支模高度3.6m","100m2",0.01,3184.53,1491.97,295.09,1612.8,null,31.85,null,14.92,2.95,16.13]
["人工单价",null,"小计",{"$nulls":6},31.85,null,14.92,2.95,16.13]
[null,null,"未计价材料费"]
["清单项目综合单价",{"$nulls":8},65.84]
["材\n料\n费\n明\n细","主要材料名称、规格、型号",{"$nulls":4},"单位","数量",null,"单价（元）",null,"合价（元）","暂估单价\n（元）","暂估合价\n（元）"]
[null,"其他材料费",{"$nulls":7},"-",null,14.9,"-"]
[null,"材料费小计",{"$nulls":7},"-",null,14.9,"-"]
{"$rows_empty":8}
["注：1.如不使用省级或行业建设主管部门发布的计价依据，可不填定额编码、名称等；\n    2.招标文件提供了暂估单价的材料，按暂估的单价填入表内“暂估单价”栏及“暂估合价”栏。"]
[{"$nulls":10},"表-09"]
["综合单价分析表"]
["工程名称：建筑工程",{"$nulls":7},"标段：",null,"第 86 页  共 88 页"]
["项目编码",null,"011702014002",null,"项目名称","有梁板",{"$nulls":3},"计量单位",null,"m2","工程量",69.0696]
["清单综合单价组成明细"]
["定额编号","定额项目名称","定额\n单位","数量","单价",{"$nulls":4},"合价"]
[{"$nulls":4},"人工费","材料费","机具费","管理费\n和利润",null,"人工费",null,"材料费","机具费","管理费\n和利润"]
["A1-20-75","有梁板模板 支模高度3.6m","100m2",0.01,3184.53,1491.97,295.09,1612.8,null,31.85,null,14.92,2.95,16.13]
["人工单价",null,"小计",{"$nulls":6},31.85,null,14.92,2.95,16.13]
[null,null,"未计价材料费"]
["清单项目综合单价",{"$nulls":8},65.84]
["材\n料\n费\n明\n细","主要材料名称、规格、型号",{"$nulls":4},"单位","数量",null,"单价（元）",null,"合价（元）","暂估单价\n（元）","暂估合价\n（元）"]
[null,"其他材料费",{"$nulls":7},"-",null,14.9,"-"]
[null,"材料费小计",{"$nulls":7},"-",null,14.9,"-"]
{"$rows_empty":8}
["注：1.如不使用省级或行业建设主管部门发布的计价依据，可不填定额编码、名称等；\n    2.招标文件提供了暂估单价的材料，按暂估的单价填入表内“暂估单价”栏及“暂估合价”栏。"]
[{"$nulls":10},"表-09"]
["综合单价分析表"]
["工程名称：建筑工程",{"$nulls":7},"标段：",null,"第 87 页  共 88 页"]
["项目编码",null,"011702014003",null,"项目名称","有梁板",{"$nulls":3},"计量单位",null,"m2","工程量",185.0614]
["清单综合单价组成明细"]
["定额编号","定额项目名称","定额\n单位","数量","单价",{"$nulls":4},"合价"]
[{"$nulls":4},"人工费","材料费","机具费","管理费\n和利润",null,"人工费",null,"材料费","机具费","管理费\n和利润"]
["A1-20-75","有梁板模板 支模高度3.6m","100m2",0.01,3184.53,1491.97,295.09,1612.8,null,31.85,null,14.92,2.95,16.13]
["人工单价",null,"小计",{"$nulls":6},31.85,null,14.92,2.95,16.13]
[null,null,"未计价材料费"]
["清单项目综合单价",{"$nulls":8},65.84]
["材\n料\n费\n明\n细","主要材料名称、规格、型号",{"$nulls":4},"单位","数量",null,"单价（元）",null,"合价（元）","暂估单价\n（元）","暂估合价\n（元）"]
[null,"其他材料费",{"$nulls":7},"-",null,14.9,"-"]
[null,"材料费小计",{"$nulls":7},"-",null,14.9,"-"]
{"$rows_empty":8}
["注：1.如不使用省级或行业建设主管部门发布的计价依据，可不填定额编码、名称等；\n    2.招标文件提供了暂估单价的材料，按暂估的单价填入表内“暂估单价”栏及“暂估合价”栏。"]
[{"$nulls":10},"表-09"]
["综合单价分析表"]
["工程名称：建筑工程",{"$nulls":7},"标段：",null,"第 88 页  共 88 页"]
["项目编码",null,"011702024001",null,"项目名称","楼梯",{"$nulls":3},"计量单位",null,"m2","工程量",22.977]
["清单综合单价组成明细"]
["定额编号","定额项目名称","定额\n单位","数量","单价",{"$nulls":4},"合价"]
[{"$nulls":4},"人工费","材料费","机具费","管理费\n和利润",null,"人工费",null,"材料费","机具费","管理费\n和利润"]
["A1-20-92","楼梯模板 直形","100m2",0.01,9216.86,5878.06,364.72,4441.07,null,92.17,null,58.78,3.65,44.41]
["人工单价",null,"小计",{"$nulls":6},92.17,null,58.78,3.65,44.41]
[null,null,"未计价材料费"]
["清单项目综合单价",{"$nulls":8},199.01]
["材\n料\n费\n明\n细","主要材料名称、规格、型号",{"$nulls":4},"单位","数量",null,"单价（元）",null,"合价（元）","暂估单价\n（元）","暂估合价\n（元）"]
[null,"其他材料费",{"$nulls":7},"-",null,58.84,"-"]
[null,"材料费小计",{"$nulls":7},"-",null,58.84,"-"]
{"$rows_empty":8}
["注：1.如不使用省级或行业建设主管部门发布的计价依据，可不填定额编码、名称等；\n    2.招标文件提供了暂估单价的材料，按暂估的单价填入表内“暂估单价”栏及“暂估合价”栏。"]
[{"$nulls":10},"表-09"]

{"sheet":"表-11 总价措施项目清单与计价表","index":6,"n_rows":19,"n_cols":11,"rows_kept":19,"merged":[[0,0,0,10],[1,0,1,5],[1,6,1,7],[1,8,1,10],[2,5,2,6],[2,7,2,8],[3,5,3,6],[3,7,3,8],[4,5,4,6],[4,7,4,8],[5,5,5,6],[5,7,5,8],[6,5,6,6],[6,7,6,8],[7,5,7,6],[7,7,7,8],[8,5,8,6],[8,7,8,8],[9,5,9,6],[9,7,9,8],[10,5,10,6],[10,7,10,8],[11,5,11,6],[11,7,11,8],[12,5,12,6],[12,7,12,8],[13,5,13,6],[13,7,13,8],[14,5,14,6],[14,7,14,8],[15,5,15,6],[15,7,15,8],[16,0,16,4],[16,5,16,6],[16,7,16,8],[17,0,17,5],[17,6,17,10],[18,0,18,5],[18,6,18,7],[18,8,18,10]]}
["总价措施项目清单与计价表"]
["工程名称：建筑工程",{"$nulls":5},"标段：",null,"第 1 页  共 1 页"]
["序号","项目编码","项目名称","计算基础","费率\n(%)","金额\n(元)",null,"调整\n费率(%)",null,"调整后\n金额(元)","备注"]
["1","LSSGCSF00001","绿色施工安全防护措施费","分部分项人工费+分部分项机具费","19",11934.8,{"$nulls":4},"以分部分项的人工费与施工机具费之和为计算基础，费率19%"]
["2","WMGDZJF00001","文明工地增加费","分部分项人工费+分部分项机具费","0",{"$nulls":5},"以分部分项的人工费与施工机具费之和为计算基础，市级文明工地为1.20%；省级文明工地为2.10%"]
["3","011707002001","夜间施工增加费",null,"20",{"$nulls":5},"以夜间施工项目人工费的20%计算"]
["4","GGCSF0000001","赶工措施费","分部分项人工费+分部分项机具费","0",{"$nulls":5},"赶工措施费=（1-δ）*分部分项的（人工费+施工机具费）*0.3 （0.8≤δ＜1   式中：δ=合同工期/定额工期）"]
["5","QTFY00000001","其他费用",{"$nulls":7},"按经批准的专项施工组织方案计算"]
{"$rows_empty":8}
["合    计",{"$nulls":4},11934.8]
["编制人（造价人员）：",{"$nulls":5},"复核人（造价工程师）："]
[{"$nulls":8},"表-11"]

{"sheet":"表-12 其他项目清单与计价汇总表","index":7,"n_rows":38,"n_cols":7,"rows_kept":38,"merged":[[0,0,0,4],[0,5,0,6],[1,0,1,6],[2,0,2,2],[2,3,2,4],[2,5,2,6],[3,2,3,3],[3,4,3,5],[4,2,4,3],[4,4,4,5],[5,2,5,3],[5,4,5,5],[6,2,6,3],[6,4,6,5],[7,2,7,3],[7,4,7,5],[8,2,8,3],[8,4,8,5],[9,2,9,3],[9,4,9,5],[10,2,10,3],[10,4,10,5],[11,2,11,3],[11,4,11,5],[12,2,12,3],[12,4,12,5],[13,2,13,3],[13,4,13,5],[14,2,14,3],[14,4,14,5],[15,2,15,3],[15,4,15,5],[16,2,16,3],[16,4,16,5],[17,2,17,3],[17,4,17,5],[18,2,18,3],[18,4,18,5],[19,2,19,3],[19,4,19,5],[20,2,20,3],[20,4,20,5],[21,2,21,3],[21,4,21,5],[22,2,22,3],[22,4,22,5],[23,2,23,3],[23,4,23,5],[24,2,24,3],[24,4,24,5],[25,2,25,3],[25,4,25,5],[26,2,26,3],[26,4,26,5],[27,2,27,3],[27,4,27,5],[28,2,28,3],[28,4,28,5],[29,2,29,3],[29,4,29,5],[30,2,30,3],[30,4,30,5],[31,2,31,3],[31,4,31,5],[32,2,32,3],[32,4,32,5],[33,2,33,3],[33,4,33,5],[34,2,34,3],[34,4,34,5],[35,2,35,3],[35,4,35,5],[36,0,36,6],[37,0,37,2],[37,3,37,4],[37,5,37,6]]}
[]
["其他项目清单与计价汇总表"]
["工程名称：建筑工程",null,null,"标段：",null,"第 1 页  共 1 页"]
["序号","项目名称","金额（元）",null,"结算金额（元）",null,"备注"]
["1","暂列金额","200000.00",{"$nulls":3},"明细详见表-12-1"]
["2","暂估价"]
["2.1","材料暂估价","—",{"$nulls":3},"明细详见表-12-2"]
["2.2","专业工程暂估价",{"$nulls":4},"明细详见表-12-3"]
["3","计日工",{"$nulls":4},"明细详见表-12-4"]
["4","总承包服务费",{"$nulls":4},"明细详见表-12-5"]
["5","预算包干费"]
["6","工程优质费"]
["7","概算幅度差"]
["8","现场签证费用"]
["9","索赔费用"]
["10","其他费用"]
{"$rows_empty":19}
[null,"合  计","200000.00",{"$nulls":3},"—"]
["注：材料（工程设备）暂估单价进入清单项目综合单价，此处不汇总。"]
[{"$nulls":5},"表—12"]

{"sheet":"表-12-1 暂列金额表","index":8,"n_rows":38,"n_cols":7,"rows_kept":38,"merged":[[0,0,0,4],[0,5,0,6],[1,0,1,6],[2,0,2,2],[2,3,2,4],[2,5,2,6],[3,2,3,3],[3,4,3,5],[4,2,4,3],[4,4,4,5],[5,2,5,3],[5,4,5,5],[6,2,6,3],[6,4,6,5],[7,2,7,3],[7,4,7,5],[8,2,8,3],[8,4,8,5],[9,2,9,3],[9,4,9,5],[10,2,10,3],[10,4,10,5],[11,2,11,3],[11,4,11,5],[12,2,12,3],[12,4,12,5],[13,2,13,3],[13,4,13,5],[14,2,14,3],[14,4,14,5],[15,2,15,3],[15,4,15,5],[16,2,16,3],[16,4,16,5],[17,2,17,3],[17,4,17,5],[18,2,18,3],[18,4,18,5],[19,2,19,3],[19,4,19,5],[20,2,20,3],[20,4,20,5],[21,2,21,3],[21,4,21,5],[22,2,22,3],[22,4,22,5],[23,2,23,3],[23,4,23,5],[24,2,24,3],[24,4,24,5],[25,2,25,3],[25,4,25,5],[26,2,26,3],[26,4,26,5],[27,2,27,3],[27,4,27,5],[28,2,28,3],[28,4,28,5],[29,2,29,3],[29,4,29,5],[30,2,30,3],[30,4,30,5],[31,2,31,3],[31,4,31,5],[32,2,32,3],[32,4,32,5],[33,2,33,3],[33,4,33,5],[34,2,34,3],[34,4,34,5],[35,0,35,3],[35,4,35,5],[36,0,36,6],[37,0,37,2],[37,3,37,4],[37,5,37,6]]}
[]
["暂列金额明细表"]
["工程名称：建筑工程",null,null,"标段：",null,"第 1 页  共 1 页"]
["序号","名称","计量单位",null,"暂定金额（元）",null,"备注"]
["1","暂列金额","元",null,200000]
{"$rows_empty":30}
["合    计",{"$nulls":3},"200000",null,"—"]
["注：此表由招标人填写，如不能详列，也可只列暂列金额总额，投标人应将上述暂列金额计入投标总价中。"]
[{"$nulls":5},"表—12—1"]

{"sheet":"表-13 规费、税金项目清单与计价表","index":9,"n_rows":37,"n_cols":8,"rows_kept":37,"merged":[[0,0,0,7],[1,0,1,2],[1,3,1,5],[1,6,1,7],[2,2,2,3],[2,5,2,6],[3,2,3,3],[3,5,3,6],[4,2,4,3],[4,5,4,6],[5,2,5,3],[5,5,5,6],[6,2,6,3],[6,5,6,6],[7,2,7,3],[7,5,7,6],[8,2,8,3],[8,5,8,6],[9,2,9,3],[9,5,9,6],[10,2,10,3],[10,5,10,6],[11,2,11,3],[11,5,11,6],[12,2,12,3],[12,5,12,6],[13,2,13,3],[13,5,13,6],[14,2,14,3],[14,5,14,6],[15,2,15,3],[15,5,15,6],[16,2,16,3],[16,5,16,6],[17,2,17,3],[17,5,17,6],[18,2,18,3],[18,5,18,6],[19,2,19,3],[19,5,19,6],[20,2,20,3],[20,5,20,6],[21,2,21,3],[21,5,21,6],[22,2,22,3],[22,5,22,6],[23,2,23,3],[23,5,23,6],[24,2,24,3],[24,5,24,6],[25,2,25,3],[25,5,25,6],[26,2,26,3],[26,5,26,6],[27,2,27,3],[27,5,27,6],[28,2,28,3],[28,5,28,6],[29,2,29,3],[29,5,29,6],[30,2,30,3],[30,5,30,6],[31,2,31,3],[31,5,31,6],[32,2,32,3],[32,5,32,6],[33,2,33,3],[33,5,33,6],[34,0,34,6],[35,0,35,2],[35,3,35,7],[36,0,36,2],[36,3,36,5],[36,6,36,7]]}
["规费、税金项目清单与计价表"]
["工程名称：建筑工程",null,null,"标段：",null,null,"第 1 页  共 1 页"]
["序号","项目名称","计算基础",null,"计算基数","计算费率\n(%)",null,"金额(元)"]
["1","增值税销项税额","分部分项合计+措施合计+其他项目",null,727494.46,"9",null,65474.5]
{"$rows_empty":30}
["合    计",{"$nulls":6},65474.5]
[" 编制人（造价人员）：杨和玉",null,null,"复核人（造价工程师）：杨和玉"]
[{"$nulls":6},"表—13"]